Szczegóły MARC21

Studia i Monografie /

001 -Numer kontrolny rekordu [,]
    • @
    • pole kontrolne
    • cc97207989
005 -Data i czas ostatniej zmiany [,]
    • @
    • Data ostatniej zmiany
    • 20241231090942.0
022 -Międzynarodowy Znormalizowany Numer Wydawnictwa Ciągłego - ISSN [ , ]
    • a
    • International Standard Serial Number
    • 0239-6718
035 -Inne numery kontrolne [ , ]
    • a
    • Numer kontrolny
    • (OCoLC)1412927562
040 -Instytucja sporządzająca opis [ , ]
    • a
    • Instytucja, która sporządziła opis (NP)
    • KR U/KM
    • c
    • Instytucja, która sporządziła rekord (NP)
    • KR U/KM
    • d
    • Instytucja, która zmodyfikowała rekord (P)
    • KR U/MBK
    • d
    • Instytucja, która zmodyfikowała rekord (P)
    • KR U/MBKs
942 -Rodzaj dokumentu [ , ]
    • c
    • Rodzaj dokumentu
    • Wydaw. ciągłe w tym czasopisma
998 -Inne dane NUKAT [ , ]
    • a
    • Numer systemowy
    • vtls000026676
210 -Skrót tytułu [1, ]
    • a
    • Skrót tytułu
    • Stud. Monogr. - Wyż. Szk. Pedagog. im. Powstańców Śl. Opolu
222 -Tytuł kluczowy [ ,0]
    • a
    • Tytuł kluczowy
    • Studia i Monografie - Wyższa Szkoła Pedagogiczna im. Powstańców Śląskich w Opolu
245 -Strefa tytułu i oznaczenia odpowiedzialności [0,0]
    • a
    • Tytuł
    • Studia i Monografie /
    • c
    • Pozostałe elementy strefy tytułu i oznaczenia odpowiedzialności (NP)
    • Wyższa Szkoła Pedagogiczna im. Powstańców Śląskich w Opolu.
246 -Wariant tytułu [1,3]
    • a
    • Tytuł (NP)
    • Studia i Monografie. Seria B
260 -Strefa adresu wydawniczego [ , ]
    • a
    • Miejsce wydania (P)
    • Opole :
    • b
    • Nazwa wydawcy (P)
    • WSP,
    • c
    • Data wydania (P)
    • 1976-1994.
300 -Strefa opisu fizycznego [ , ]
    • c
    • Format (NP)
    • 24 cm.
310 -Częstotliwość [ , ]
    • a
    • Częstotliwość
    • Niereg.
336 -Typ zawartości [ , ]
    • a
    • Termin opisujący typ zawartości
    • Tekst
    • b
    • Typ/rodzaj nośnika
    • txt
    • 2
    • Źródło (termin i kod)
    • rdacontent
337 -Typ mediów [ , ]
    • a
    • Tryb odtwarzania
    • Bez urządzenia pośredniczącego
    • b
    • Kod typu mediów
    • n
    • 2
    • Źródło (termin i kod)
    • rdamedia
338 -Typ/rodzaj nośnika [ , ]
    • a
    • Hasło opisujące typ nośnika
    • Wolumin
    • b
    • Kod typu nośnika
    • nc
    • 2
    • Źródło (termin i kod)
    • rdacarrier
362 -Strefa numeracji [0, ]
    • a
    • Strefa numeracji
    • Nr 49-215.
500 -Uwaga ogólna [ , ]
    • a
    • Uwaga ogólna (NP)
    • W niektórych początkowych nr. występuje określenie: Seria B jako kontynuacja poprzedniego tytułu serii.
610 -SUBJECT ADDED ENTRY--CORPORATE NAME [2,7]
    • a
    • Corporate name or jurisdiction name as entry element
    • Uniwersytet Opolski
710 -Hasło dodatkowe - nazwa ciała zbiorowego [2, ]
    • a
    • Nazwa ciała zbiorowego lub nazwa geograficzna jako pierwszy element (NP)
    • Wyższa Szkoła Pedagogiczna im. Powstańców Śląskich (Opole).
780 -Tytuł poprzedni wydawnictwa [0,0]
    • t
    • Title
    • Zeszyty Naukowe Wyższej Szkoły Pedagogicznej im. Powstańców Śląskich w Opolu. Seria B, Studia i Monografie
    • g
    • Relationship information
    • 1972-1975
    • x
    • International Standard Serial Number
    • 0860-2344
    • w
    • Record control number
    • (NUKAT)cc98201004
785 -Tytuł następny wydawnictwa [0,0]
    • t
    • Title
    • Studia i Monografie
    • g
    • Relationship information
    • nr 216 (1994)-
    • x
    • International Standard Serial Number
    • 1233-6408
    • w
    • Record control number
    • (NUKAT)cc99226777
866 -Niesformalizowane zestawienie zasobów [4,0]
    • 1
    • Numer porządkowy egz.
    • 1
    • 8
    • Numer przyłączenia i sekwencyjny
    • 0
852 -Numer inwentarzowy [ , ]
    • 1
    • Numer porządkowy egz.
    • 1
    • a
    • Lokalizacja siglum biblioteki
    • SZCZ U
952 -Egzemplarz [ , ]
    • c
    • Sygnatura
    • Ec.41927
    • d
    • Lokalizacja
    • BE Biblioteka Ekonomiczna
    • i
    • Nr tomu wydaw.cg
    • 131 (1988)
    • y
    • Status udostępniania
    • Tylko na miejscu
952 -Egzemplarz [ , ]
    • c
    • Sygnatura
    • Ec.41927
    • d
    • Lokalizacja
    • BE Biblioteka Ekonomiczna
    • i
    • Nr tomu wydaw.cg
    • 140 (1988)
    • y
    • Status udostępniania
    • Tylko na miejscu
952 -Egzemplarz [ , ]
    • c
    • Sygnatura
    • Ec.41927
    • d
    • Lokalizacja
    • BE Biblioteka Ekonomiczna
    • i
    • Nr tomu wydaw.cg
    • 141 (1988)
    • y
    • Status udostępniania
    • Tylko na miejscu
952 -Egzemplarz [ , ]
    • c
    • Sygnatura
    • Ec.41927
    • d
    • Lokalizacja
    • BE Biblioteka Ekonomiczna
    • i
    • Nr tomu wydaw.cg
    • 143 (1989)
    • y
    • Status udostępniania
    • Tylko na miejscu
952 -Egzemplarz [ , ]
    • c
    • Sygnatura
    • Ec.41927
    • d
    • Lokalizacja
    • BE Biblioteka Ekonomiczna
    • i
    • Nr tomu wydaw.cg
    • 144 (1988)
    • y
    • Status udostępniania
    • Tylko na miejscu
952 -Egzemplarz [ , ]
    • c
    • Sygnatura
    • Ec.41927
    • d
    • Lokalizacja
    • BE Biblioteka Ekonomiczna
    • i
    • Nr tomu wydaw.cg
    • 146 (1989)
    • y
    • Status udostępniania
    • Tylko na miejscu
952 -Egzemplarz [ , ]
    • c
    • Sygnatura
    • Ec.41927
    • d
    • Lokalizacja
    • BE Biblioteka Ekonomiczna
    • i
    • Nr tomu wydaw.cg
    • 147 (1989)
    • y
    • Status udostępniania
    • Tylko na miejscu
952 -Egzemplarz [ , ]
    • c
    • Sygnatura
    • Ec.41927
    • d
    • Lokalizacja
    • BE Biblioteka Ekonomiczna
    • i
    • Nr tomu wydaw.cg
    • 152 (1989)
    • y
    • Status udostępniania
    • Tylko na miejscu
952 -Egzemplarz [ , ]
    • c
    • Sygnatura
    • Ec.41927
    • d
    • Lokalizacja
    • BE Biblioteka Ekonomiczna
    • i
    • Nr tomu wydaw.cg
    • 157 (1990)
    • y
    • Status udostępniania
    • Tylko na miejscu
952 -Egzemplarz [ , ]
    • c
    • Sygnatura
    • Ec.41927
    • d
    • Lokalizacja
    • BE Biblioteka Ekonomiczna
    • i
    • Nr tomu wydaw.cg
    • 184 (1992)
    • y
    • Status udostępniania
    • Tylko na miejscu
952 -Egzemplarz [ , ]
    • c
    • Sygnatura
    • Ec.41927
    • d
    • Lokalizacja
    • BE Biblioteka Ekonomiczna
    • i
    • Nr tomu wydaw.cg
    • 185 (1991)
    • y
    • Status udostępniania
    • Tylko na miejscu
952 -Egzemplarz [ , ]
    • c
    • Sygnatura
    • Ec.41927
    • d
    • Lokalizacja
    • BE Biblioteka Ekonomiczna
    • i
    • Nr tomu wydaw.cg
    • 193 (1992)
    • y
    • Status udostępniania
    • Tylko na miejscu
952 -Egzemplarz [ , ]
    • c
    • Sygnatura
    • Ec.41927
    • d
    • Lokalizacja
    • BE Biblioteka Ekonomiczna
    • i
    • Nr tomu wydaw.cg
    • 204 (1993)
    • y
    • Status udostępniania
    • Tylko na miejscu
952 -Egzemplarz [ , ]
    • c
    • Sygnatura
    • Ec.41927
    • d
    • Lokalizacja
    • BE Biblioteka Ekonomiczna
    • i
    • Nr tomu wydaw.cg
    • 206 (1993)
    • y
    • Status udostępniania
    • Tylko na miejscu
952 -Egzemplarz [ , ]
    • a
    • Numer inwentarzowy
    • Nc.5001
    • d
    • Lokalizacja
    • BG Dział Udostępniania Biblioteka Główna
    • e
    • Akcesja
    • g
    • Ubytek
    • 16/2011 - 2011-04-19
    • p
    • Kod kreskowy
    • 2004400050014
    • r
    • Cena
    • 0.00
    • v
    • Data wprowadzenia opisu
    • 2018-08-20
    • y
    • Status udostępniania
    • Niedostępne
952 -Egzemplarz [ , ]
    • a
    • Numer inwentarzowy
    • W.142888
    • d
    • Lokalizacja
    • BG Dział Udostępniania Biblioteka Główna
    • e
    • Akcesja
    • g
    • Ubytek
    • 362/2011 - 2011-03-08
    • p
    • Kod kreskowy
    • 2000101428886
    • r
    • Cena
    • 0.00
    • v
    • Data wprowadzenia opisu
    • 2018-08-20
    • y
    • Status udostępniania
    • Niedostępne
952 -Egzemplarz [ , ]
    • a
    • Numer inwentarzowy
    • Nc.4991
    • d
    • Lokalizacja
    • BG Dział Udostępniania Biblioteka Główna
    • e
    • Akcesja
    • g
    • Ubytek
    • 16/2011 - 2011-04-19
    • p
    • Kod kreskowy
    • 2004400049919
    • r
    • Cena
    • 0.00
    • v
    • Data wprowadzenia opisu
    • 2018-08-10
    • y
    • Status udostępniania
    • Niedostępne
952 -Egzemplarz [ , ]
    • a
    • Numer inwentarzowy
    • W.148455
    • d
    • Lokalizacja
    • BG Dział Udostępniania Biblioteka Główna
    • e
    • Akcesja
    • g
    • Ubytek
    • 362/2011 - 2011-03-08
    • p
    • Kod kreskowy
    • 2000101484554
    • r
    • Cena
    • 0.00
    • v
    • Data wprowadzenia opisu
    • 2018-08-10
    • y
    • Status udostępniania
    • Niedostępne
952 -Egzemplarz [ , ]
    • a
    • Numer inwentarzowy
    • W.148456
    • d
    • Lokalizacja
    • BG Dział Udostępniania Biblioteka Główna
    • e
    • Akcesja
    • g
    • Ubytek
    • 362/2011 - 2011-03-08
    • p
    • Kod kreskowy
    • 2000101484561
    • r
    • Cena
    • 0.00
    • v
    • Data wprowadzenia opisu
    • 2018-08-10
    • y
    • Status udostępniania
    • Niedostępne
952 -Egzemplarz [ , ]
    • a
    • Numer inwentarzowy
    • W.150296
    • d
    • Lokalizacja
    • BG Dział Udostępniania Biblioteka Główna
    • e
    • Akcesja
    • g
    • Ubytek
    • 362/2011 - 2011-03-08
    • p
    • Kod kreskowy
    • 2000101502968
    • r
    • Cena
    • 0.00
    • v
    • Data wprowadzenia opisu
    • 2018-08-10
    • y
    • Status udostępniania
    • Niedostępne
952 -Egzemplarz [ , ]
    • a
    • Numer inwentarzowy
    • Nc.4995
    • d
    • Lokalizacja
    • BG Dział Udostępniania Biblioteka Główna
    • e
    • Akcesja
    • g
    • Ubytek
    • 16/2011 - 2011-04-19
    • p
    • Kod kreskowy
    • 2004400049957
    • r
    • Cena
    • 0.00
    • v
    • Data wprowadzenia opisu
    • 2018-08-10
    • y
    • Status udostępniania
    • Niedostępne
952 -Egzemplarz [ , ]
    • a
    • Numer inwentarzowy
    • W.134696
    • d
    • Lokalizacja
    • BG Dział Udostępniania Biblioteka Główna
    • e
    • Akcesja
    • g
    • Ubytek
    • 362/2011 - 2011-03-08
    • p
    • Kod kreskowy
    • 2000101346968
    • r
    • Cena
    • 0.00
    • v
    • Data wprowadzenia opisu
    • 2018-08-10
    • y
    • Status udostępniania
    • Niedostępne
952 -Egzemplarz [ , ]
    • a
    • Numer inwentarzowy
    • Rc.362
    • d
    • Lokalizacja
    • BM Biblioteka Międzywydziałowa
    • g
    • Ubytek
    • 3/2019 - 2019-05-06
    • p
    • Kod kreskowy
    • 2004100003624
    • r
    • Cena
    • 0.00
    • v
    • Data wprowadzenia opisu
    • 2018-08-10
    • y
    • Status udostępniania
    • Niedostępne
952 -Egzemplarz [ , ]
    • a
    • Numer inwentarzowy
    • W.182911
    • d
    • Lokalizacja
    • BG Dział Udostępniania Biblioteka Główna
    • e
    • Akcesja
    • p
    • Kod kreskowy
    • 2000101829119
    • r
    • Cena
    • 0.00
    • v
    • Data wprowadzenia opisu
    • 2018-02-27
    • y
    • Status udostępniania
    • Niedostępne
    • g
    • Ubytek
    • 362/2011 - 2011-03-08
952 -Egzemplarz [ , ]
    • a
    • Numer inwentarzowy
    • W.181015
    • d
    • Lokalizacja
    • BG Dział Udostępniania Biblioteka Główna
    • e
    • Akcesja
    • p
    • Kod kreskowy
    • 2000101810155
    • r
    • Cena
    • 0.00
    • v
    • Data wprowadzenia opisu
    • 2017-11-09
    • y
    • Status udostępniania
    • Niedostępne
    • g
    • Ubytek
    • 362/2011 - 2011-03-08
952 -Egzemplarz [ , ]
    • a
    • Numer inwentarzowy
    • W.179604
    • d
    • Lokalizacja
    • BG Dział Udostępniania Biblioteka Główna
    • e
    • Akcesja
    • p
    • Kod kreskowy
    • 2000101796046
    • r
    • Cena
    • 0.00
    • v
    • Data wprowadzenia opisu
    • 2018-03-12
    • y
    • Status udostępniania
    • Niedostępne
    • g
    • Ubytek
    • 362/2011 - 2011-03-08
952 -Egzemplarz [ , ]
    • a
    • Numer inwentarzowy
    • Gc.784
    • d
    • Lokalizacja
    • Gc Biblioteka Międzywydziałowa
    • e
    • Akcesja
    • p
    • Kod kreskowy
    • 2003400007844
    • r
    • Cena
    • 0.00
    • v
    • Data wprowadzenia opisu
    • 2018-03-12
    • y
    • Status udostępniania
    • Niedostępne
    • g
    • Ubytek
    • 4/2012 - 2012-01-09
952 -Egzemplarz [ , ]
    • a
    • Numer inwentarzowy
    • W.179602
    • d
    • Lokalizacja
    • BG Dział Udostępniania Biblioteka Główna
    • e
    • Akcesja
    • p
    • Kod kreskowy
    • 2000101796022
    • r
    • Cena
    • 0.00
    • v
    • Data wprowadzenia opisu
    • 2017-11-10
    • y
    • Status udostępniania
    • Niedostępne
    • g
    • Ubytek
    • 362/2011 - 2011-03-08
952 -Egzemplarz [ , ]
    • a
    • Numer inwentarzowy
    • W.179113
    • d
    • Lokalizacja
    • BG Dział Udostępniania Biblioteka Główna
    • e
    • Akcesja
    • g
    • Ubytek
    • 362/2011 - 2011-03-08
    • p
    • Kod kreskowy
    • 2000101791133
    • r
    • Cena
    • 0.00
    • v
    • Data wprowadzenia opisu
    • 2018-08-21
    • y
    • Status udostępniania
    • Niedostępne
952 -Egzemplarz [ , ]
    • a
    • Numer inwentarzowy
    • W.178349
    • d
    • Lokalizacja
    • BG Dział Udostępniania Biblioteka Główna
    • e
    • Akcesja
    • g
    • Ubytek
    • 362/2011 - 2011-03-08
    • p
    • Kod kreskowy
    • 2000101783497
    • r
    • Cena
    • 0.00
    • v
    • Data wprowadzenia opisu
    • 2018-04-26
    • y
    • Status udostępniania
    • Niedostępne
952 -Egzemplarz [ , ]
    • a
    • Numer inwentarzowy
    • Gc.370
    • d
    • Lokalizacja
    • BM Biblioteka Międzywydziałowa
    • g
    • Ubytek
    • 4/2012 - 2012-01-09
    • p
    • Kod kreskowy
    • 2003400003709
    • r
    • Cena
    • 0.00
    • v
    • Data wprowadzenia opisu
    • 2017-10-11
    • y
    • Status udostępniania
    • Niedostępne
952 -Egzemplarz [ , ]
    • a
    • Numer inwentarzowy
    • W.179110
    • d
    • Lokalizacja
    • BG Dział Udostępniania Biblioteka Główna
    • e
    • Akcesja
    • h
    • Uwagi
    • ubytek
    • p
    • Kod kreskowy
    • 2000101791102
    • r
    • Cena
    • 0.00
    • v
    • Data wprowadzenia opisu
    • 2017-09-27
    • y
    • Status udostępniania
    • Zaginiona
    • g
    • Ubytek
    • 362/2011 - 2011-03-08
952 -Egzemplarz [ , ]
    • a
    • Numer inwentarzowy
    • Nc.7093
    • d
    • Lokalizacja
    • BG Dział Udostępniania Biblioteka Główna
    • e
    • Akcesja
    • p
    • Kod kreskowy
    • 2004400070937
    • r
    • Cena
    • 0.00
    • v
    • Data wprowadzenia opisu
    • 2018-04-23
    • y
    • Status udostępniania
    • Tylko na miejscu
    • g
    • Ubytek
    • 21/2019 - 2019-05-30
952 -Egzemplarz [ , ]
    • a
    • Numer inwentarzowy
    • Pdc.1245
    • d
    • Lokalizacja
    • BG Dział Udostępniania Biblioteka Główna
    • e
    • Akcesja
    • p
    • Kod kreskowy
    • 2004000012450
    • r
    • Cena
    • 0.00
    • v
    • Data wprowadzenia opisu
    • 2018-03-13
    • y
    • Status udostępniania
    • Niedostępne
    • g
    • Ubytek
    • 5/2018 - 2018-08-02
952 -Egzemplarz [ , ]
    • a
    • Numer inwentarzowy
    • W.174503
    • d
    • Lokalizacja
    • BG Dział Udostępniania Biblioteka Główna
    • e
    • Akcesja
    • p
    • Kod kreskowy
    • 2000101745037
    • r
    • Cena
    • 0.00
    • v
    • Data wprowadzenia opisu
    • 2018-03-05
    • y
    • Status udostępniania
    • miesięczne
    • g
    • Ubytek
    • 362/2011 - 2011-03-08
952 -Egzemplarz [ , ]
    • a
    • Numer inwentarzowy
    • W.174504
    • d
    • Lokalizacja
    • BG Dział Udostępniania Biblioteka Główna
    • e
    • Akcesja
    • p
    • Kod kreskowy
    • 2000101745044
    • r
    • Cena
    • 0.00
    • v
    • Data wprowadzenia opisu
    • 2018-03-05
    • y
    • Status udostępniania
    • miesięczne
    • g
    • Ubytek
    • 362/2011 - 2011-03-08
952 -Egzemplarz [ , ]
    • a
    • Numer inwentarzowy
    • Nc.6146
    • d
    • Lokalizacja
    • BG Dział Udostępniania Biblioteka Główna
    • e
    • Akcesja
    • p
    • Kod kreskowy
    • 2004400061461
    • r
    • Cena
    • 0.00
    • v
    • Data wprowadzenia opisu
    • 2018-08-20
    • y
    • Status udostępniania
    • Tylko na miejscu
    • g
    • Ubytek
    • 21/2019 - 2019-05-30
952 -Egzemplarz [ , ]
    • a
    • Numer inwentarzowy
    • W.171586
    • d
    • Lokalizacja
    • BG Dział Udostępniania Biblioteka Główna
    • e
    • Akcesja
    • p
    • Kod kreskowy
    • 2000101715863
    • r
    • Cena
    • 0.00
    • v
    • Data wprowadzenia opisu
    • 2018-02-27
    • y
    • Status udostępniania
    • Tylko na miejscu
    • g
    • Ubytek
    • 362/2011 - 2011-03-08
952 -Egzemplarz [ , ]
    • a
    • Numer inwentarzowy
    • W.174500
    • d
    • Lokalizacja
    • BG Dział Udostępniania Biblioteka Główna
    • e
    • Akcesja
    • p
    • Kod kreskowy
    • 2000101745006
    • r
    • Cena
    • 0.00
    • v
    • Data wprowadzenia opisu
    • 2018-02-27
    • y
    • Status udostępniania
    • Niedostępne
    • g
    • Ubytek
    • 362/2011 - 2011-03-08
952 -Egzemplarz [ , ]
    • a
    • Numer inwentarzowy
    • W.174501
    • d
    • Lokalizacja
    • BG Dział Udostępniania Biblioteka Główna
    • e
    • Akcesja
    • p
    • Kod kreskowy
    • 2000101745013
    • r
    • Cena
    • 0.00
    • v
    • Data wprowadzenia opisu
    • 2018-02-27
    • y
    • Status udostępniania
    • Niedostępne
    • g
    • Ubytek
    • 362/2011 - 2011-03-08
952 -Egzemplarz [ , ]
    • a
    • Numer inwentarzowy
    • W.174502
    • d
    • Lokalizacja
    • BG Dział Udostępniania Biblioteka Główna
    • e
    • Akcesja
    • p
    • Kod kreskowy
    • 2000101745020
    • r
    • Cena
    • 0.00
    • v
    • Data wprowadzenia opisu
    • 2018-02-27
    • y
    • Status udostępniania
    • Niedostępne
    • g
    • Ubytek
    • 362/2011 - 2011-03-08
952 -Egzemplarz [ , ]
    • a
    • Numer inwentarzowy
    • Pdc.1078
    • d
    • Lokalizacja
    • BG Dział Udostępniania Biblioteka Główna
    • e
    • Akcesja
    • p
    • Kod kreskowy
    • 2004000010784
    • r
    • Cena
    • 0.00
    • v
    • Data wprowadzenia opisu
    • 2018-02-27
    • y
    • Status udostępniania
    • Niedostępne
    • g
    • Ubytek
    • 5/2018 - 2018-08-02
952 -Egzemplarz [ , ]
    • a
    • Numer inwentarzowy
    • W.164086
    • d
    • Lokalizacja
    • BG Dział Udostępniania Biblioteka Główna
    • e
    • Akcesja
    • g
    • Ubytek
    • 362/2011 - 2011-03-08
    • p
    • Kod kreskowy
    • 2000101640868
    • r
    • Cena
    • 0.00
    • v
    • Data wprowadzenia opisu
    • 2018-08-20
    • y
    • Status udostępniania
    • Niedostępne
952 -Egzemplarz [ , ]
    • a
    • Numer inwentarzowy
    • W.153399
    • d
    • Lokalizacja
    • BG Dział Udostępniania Biblioteka Główna
    • e
    • Akcesja
    • g
    • Ubytek
    • 362/2011 - 2011-03-08
    • p
    • Kod kreskowy
    • 2000101533993
    • r
    • Cena
    • 0.00
    • v
    • Data wprowadzenia opisu
    • 2018-08-20
    • y
    • Status udostępniania
    • Niedostępne
952 -Egzemplarz [ , ]
    • a
    • Numer inwentarzowy
    • Rc.387
    • d
    • Lokalizacja
    • BM Biblioteka Międzywydziałowa
    • g
    • Ubytek
    • 3/2019 - 2019-05-06
    • p
    • Kod kreskowy
    • 2004100003877
    • r
    • Cena
    • 0.00
    • v
    • Data wprowadzenia opisu
    • 2018-08-20
    • y
    • Status udostępniania
    • Niedostępne
952 -Egzemplarz [ , ]
    • a
    • Numer inwentarzowy
    • Pdc.705
    • d
    • Lokalizacja
    • BG Dział Udostępniania Biblioteka Główna
    • e
    • Akcesja
    • p
    • Kod kreskowy
    • 2004000007050
    • r
    • Cena
    • 0.00
    • v
    • Data wprowadzenia opisu
    • 2017-11-09
    • y
    • Status udostępniania
    • Niedostępne
    • g
    • Ubytek
    • 5/2018 - 2018-08-02
952 -Egzemplarz [ , ]
    • a
    • Numer inwentarzowy
    • W.155614
    • d
    • Lokalizacja
    • BG Dział Udostępniania Biblioteka Główna
    • e
    • Akcesja
    • p
    • Kod kreskowy
    • 2000101556145
    • r
    • Cena
    • 0.00
    • v
    • Data wprowadzenia opisu
    • 2017-11-09
    • y
    • Status udostępniania
    • Niedostępne
    • g
    • Ubytek
    • 362/2011 - 2011-03-08
952 -Egzemplarz [ , ]
    • a
    • Numer inwentarzowy
    • Nc.5884
    • d
    • Lokalizacja
    • BG Dział Udostępniania Biblioteka Główna
    • e
    • Akcesja
    • p
    • Kod kreskowy
    • 2004400058843
    • r
    • Cena
    • 0.00
    • v
    • Data wprowadzenia opisu
    • 2018-08-20
    • y
    • Status udostępniania
    • Tylko na miejscu
    • g
    • Ubytek
    • 21/2019 - 2019-05-30
952 -Egzemplarz [ , ]
    • a
    • Numer inwentarzowy
    • W.164117
    • d
    • Lokalizacja
    • BG Dział Udostępniania Biblioteka Główna
    • e
    • Akcesja
    • p
    • Kod kreskowy
    • 2000101641179
    • r
    • Cena
    • 0.00
    • v
    • Data wprowadzenia opisu
    • 2018-02-27
    • y
    • Status udostępniania
    • Niedostępne
    • g
    • Ubytek
    • 362/2011 - 2011-03-08
952 -Egzemplarz [ , ]
    • a
    • Numer inwentarzowy
    • W.164118
    • d
    • Lokalizacja
    • BG Dział Udostępniania Biblioteka Główna
    • e
    • Akcesja
    • p
    • Kod kreskowy
    • 2000101641186
    • r
    • Cena
    • 0.00
    • v
    • Data wprowadzenia opisu
    • 2018-02-27
    • y
    • Status udostępniania
    • Niedostępne
    • g
    • Ubytek
    • 362/2011 - 2011-03-08
952 -Egzemplarz [ , ]
    • a
    • Numer inwentarzowy
    • W.157129
    • d
    • Lokalizacja
    • BG Dział Udostępniania Biblioteka Główna
    • e
    • Akcesja
    • p
    • Kod kreskowy
    • 2000101571292
    • r
    • Cena
    • 0.00
    • v
    • Data wprowadzenia opisu
    • 2018-02-27
    • y
    • Status udostępniania
    • Niedostępne
    • g
    • Ubytek
    • 362/2011 - 2011-03-08
952 -Egzemplarz [ , ]
    • a
    • Numer inwentarzowy
    • W.157130
    • d
    • Lokalizacja
    • BG Dział Udostępniania Biblioteka Główna
    • e
    • Akcesja
    • p
    • Kod kreskowy
    • 2000101571308
    • r
    • Cena
    • 0.00
    • v
    • Data wprowadzenia opisu
    • 2018-02-27
    • y
    • Status udostępniania
    • Niedostępne
    • g
    • Ubytek
    • 362/2011 - 2011-03-08
952 -Egzemplarz [ , ]
    • a
    • Numer inwentarzowy
    • W.164094
    • d
    • Lokalizacja
    • BG Dział Udostępniania Biblioteka Główna
    • e
    • Akcesja
    • g
    • Ubytek
    • 362/2011 - 2011-03-08
    • p
    • Kod kreskowy
    • 2000101640943
    • r
    • Cena
    • 0.00
    • v
    • Data wprowadzenia opisu
    • 2018-06-29
    • y
    • Status udostępniania
    • Niedostępne
952 -Egzemplarz [ , ]
    • a
    • Numer inwentarzowy
    • W.164095
    • d
    • Lokalizacja
    • BG Dział Udostępniania Biblioteka Główna
    • e
    • Akcesja
    • g
    • Ubytek
    • 362/2011 - 2011-03-08
    • p
    • Kod kreskowy
    • 2000101640950
    • r
    • Cena
    • 0.00
    • v
    • Data wprowadzenia opisu
    • 2018-06-29
    • y
    • Status udostępniania
    • Niedostępne
952 -Egzemplarz [ , ]
    • a
    • Numer inwentarzowy
    • W.164096
    • d
    • Lokalizacja
    • BG Dział Udostępniania Biblioteka Główna
    • e
    • Akcesja
    • g
    • Ubytek
    • 362/2011 - 2011-03-08
    • p
    • Kod kreskowy
    • 2000101640967
    • r
    • Cena
    • 0.00
    • v
    • Data wprowadzenia opisu
    • 2018-06-29
    • y
    • Status udostępniania
    • Niedostępne
952 -Egzemplarz [ , ]
    • a
    • Numer inwentarzowy
    • Gc.191
    • d
    • Lokalizacja
    • BM Biblioteka Międzywydziałowa
    • e
    • Akcesja
    • g
    • Ubytek
    • 4/2012 - 2012-01-09
    • p
    • Kod kreskowy
    • 2003400001910
    • r
    • Cena
    • 0.00
    • v
    • Data wprowadzenia opisu
    • 2018-08-20
    • y
    • Status udostępniania
    • Niedostępne
952 -Egzemplarz [ , ]
    • a
    • Numer inwentarzowy
    • Pdc.782
    • d
    • Lokalizacja
    • BG Dział Udostępniania Biblioteka Główna
    • e
    • Akcesja
    • p
    • Kod kreskowy
    • 2004000007821
    • r
    • Cena
    • 0.00
    • v
    • Data wprowadzenia opisu
    • 2018-04-25
    • y
    • Status udostępniania
    • Niedostępne
    • g
    • Ubytek
    • 5/2018 - 2018-08-02
952 -Egzemplarz [ , ]
    • a
    • Numer inwentarzowy
    • W.164092
    • d
    • Lokalizacja
    • BG Dział Udostępniania Biblioteka Główna
    • e
    • Akcesja
    • g
    • Ubytek
    • 362/2011 - 2011-03-08
    • p
    • Kod kreskowy
    • 2000101640929
    • r
    • Cena
    • 0.00
    • v
    • Data wprowadzenia opisu
    • 2018-04-25
    • y
    • Status udostępniania
    • Niedostępne
952 -Egzemplarz [ , ]
    • a
    • Numer inwentarzowy
    • W.164093
    • d
    • Lokalizacja
    • BG Dział Udostępniania Biblioteka Główna
    • e
    • Akcesja
    • g
    • Ubytek
    • 362/2011 - 2011-03-08
    • p
    • Kod kreskowy
    • 2000101640936
    • r
    • Cena
    • 0.00
    • v
    • Data wprowadzenia opisu
    • 2018-04-25
    • y
    • Status udostępniania
    • Niedostępne
952 -Egzemplarz [ , ]
    • a
    • Numer inwentarzowy
    • Nc.6471
    • d
    • Lokalizacja
    • BG Dział Udostępniania Biblioteka Główna
    • e
    • Akcesja
    • p
    • Kod kreskowy
    • 2004400064714
    • r
    • Cena
    • 0.00
    • v
    • Data wprowadzenia opisu
    • 2018-04-25
    • y
    • Status udostępniania
    • Tylko na miejscu
    • g
    • Ubytek
    • 21/2019 - 2019-05-30
952 -Egzemplarz [ , ]
    • a
    • Numer inwentarzowy
    • W.155630
    • d
    • Lokalizacja
    • BG Dział Udostępniania Biblioteka Główna
    • e
    • Akcesja
    • p
    • Kod kreskowy
    • 2000101556305
    • r
    • Cena
    • 0.00
    • v
    • Data wprowadzenia opisu
    • 2018-02-27
    • y
    • Status udostępniania
    • Niedostępne
    • g
    • Ubytek
    • 361/2011 - 2011-03-04
952 -Egzemplarz [ , ]
    • a
    • Numer inwentarzowy
    • W.155631
    • d
    • Lokalizacja
    • BG Dział Udostępniania Biblioteka Główna
    • e
    • Akcesja
    • p
    • Kod kreskowy
    • 2000101556312
    • r
    • Cena
    • 0.00
    • v
    • Data wprowadzenia opisu
    • 2018-02-27
    • y
    • Status udostępniania
    • Niedostępne
    • g
    • Ubytek
    • 362/2011 - 2011-03-08
952 -Egzemplarz [ , ]
    • a
    • Numer inwentarzowy
    • W.149349
    • d
    • Lokalizacja
    • BG Dział Udostępniania Biblioteka Główna
    • e
    • Akcesja
    • g
    • Ubytek
    • 362/2011 - 2011-03-08
    • p
    • Kod kreskowy
    • 2000101493495
    • r
    • Cena
    • 0.00
    • v
    • Data wprowadzenia opisu
    • 2018-04-11
    • y
    • Status udostępniania
    • miesięczne
952 -Egzemplarz [ , ]
    • a
    • Numer inwentarzowy
    • W.149350
    • d
    • Lokalizacja
    • BG Dział Udostępniania Biblioteka Główna
    • e
    • Akcesja
    • g
    • Ubytek
    • 361/2011 - 2011-03-04
    • p
    • Kod kreskowy
    • 2000101493501
    • r
    • Cena
    • 0.00
    • v
    • Data wprowadzenia opisu
    • 2018-04-11
    • y
    • Status udostępniania
    • miesięczne
952 -Egzemplarz [ , ]
    • a
    • Numer inwentarzowy
    • W.164079
    • d
    • Lokalizacja
    • BG Dział Udostępniania Biblioteka Główna
    • e
    • Akcesja
    • g
    • Ubytek
    • 362/2011 - 2011-03-08
    • p
    • Kod kreskowy
    • 2000101640790
    • r
    • Cena
    • 0.00
    • v
    • Data wprowadzenia opisu
    • 2018-06-26
    • y
    • Status udostępniania
    • Niedostępne
952 -Egzemplarz [ , ]
    • a
    • Numer inwentarzowy
    • W.164080
    • d
    • Lokalizacja
    • BG Dział Udostępniania Biblioteka Główna
    • e
    • Akcesja
    • g
    • Ubytek
    • 362/2011 - 2011-03-08
    • p
    • Kod kreskowy
    • 2000101640806
    • r
    • Cena
    • 0.00
    • v
    • Data wprowadzenia opisu
    • 2018-06-26
    • y
    • Status udostępniania
    • Niedostępne
952 -Egzemplarz [ , ]
    • a
    • Numer inwentarzowy
    • W.155622
    • d
    • Lokalizacja
    • BG Dział Udostępniania Biblioteka Główna
    • e
    • Akcesja
    • p
    • Kod kreskowy
    • 2000101556220
    • r
    • Cena
    • 0.00
    • v
    • Data wprowadzenia opisu
    • 2018-03-05
    • y
    • Status udostępniania
    • miesięczne
    • g
    • Ubytek
    • 362/2011 - 2011-03-08
952 -Egzemplarz [ , ]
    • a
    • Numer inwentarzowy
    • W.155623
    • d
    • Lokalizacja
    • BG Dział Udostępniania Biblioteka Główna
    • e
    • Akcesja
    • p
    • Kod kreskowy
    • 2000101556237
    • r
    • Cena
    • 0.00
    • v
    • Data wprowadzenia opisu
    • 2018-03-05
    • y
    • Status udostępniania
    • miesięczne
    • g
    • Ubytek
    • 362/2011 - 2011-03-08
952 -Egzemplarz [ , ]
    • a
    • Numer inwentarzowy
    • W.155624
    • d
    • Lokalizacja
    • BG Dział Udostępniania Biblioteka Główna
    • e
    • Akcesja
    • p
    • Kod kreskowy
    • 2000101556244
    • r
    • Cena
    • 0.00
    • v
    • Data wprowadzenia opisu
    • 2018-03-05
    • y
    • Status udostępniania
    • miesięczne
    • g
    • Ubytek
    • 361/2011 - 2011-03-04
952 -Egzemplarz [ , ]
    • a
    • Numer inwentarzowy
    • W.157154
    • d
    • Lokalizacja
    • BG Dział Udostępniania Biblioteka Główna
    • e
    • Akcesja
    • p
    • Kod kreskowy
    • 2000101571544
    • r
    • Cena
    • 0.00
    • v
    • Data wprowadzenia opisu
    • 2018-03-05
    • y
    • Status udostępniania
    • Niedostępne
    • g
    • Ubytek
    • 362/2011 - 2011-03-08
952 -Egzemplarz [ , ]
    • a
    • Numer inwentarzowy
    • W.157155
    • d
    • Lokalizacja
    • BG Dział Udostępniania Biblioteka Główna
    • e
    • Akcesja
    • p
    • Kod kreskowy
    • 2000101571551
    • r
    • Cena
    • 0.00
    • v
    • Data wprowadzenia opisu
    • 2018-03-05
    • y
    • Status udostępniania
    • Niedostępne
    • g
    • Ubytek
    • 362/2011 - 2011-03-08
952 -Egzemplarz [ , ]
    • a
    • Numer inwentarzowy
    • Pdc.760
    • d
    • Lokalizacja
    • BG Dział Udostępniania Biblioteka Główna
    • e
    • Akcesja
    • p
    • Kod kreskowy
    • 2004000007609
    • r
    • Cena
    • 0.00
    • v
    • Data wprowadzenia opisu
    • 2018-08-20
    • y
    • Status udostępniania
    • Niedostępne
    • g
    • Ubytek
    • 5/2018 - 2018-08-02
952 -Egzemplarz [ , ]
    • a
    • Numer inwentarzowy
    • Pdc.588
    • d
    • Lokalizacja
    • BG Dział Udostępniania Biblioteka Główna
    • e
    • Akcesja
    • p
    • Kod kreskowy
    • 2004000005889
    • r
    • Cena
    • 0.00
    • v
    • Data wprowadzenia opisu
    • 2018-08-10
    • y
    • Status udostępniania
    • Niedostępne
    • g
    • Ubytek
    • 5/2018 - 2018-08-02
952 -Egzemplarz [ , ]
    • a
    • Numer inwentarzowy
    • W.150300
    • d
    • Lokalizacja
    • BG Dział Udostępniania Biblioteka Główna
    • e
    • Akcesja
    • g
    • Ubytek
    • 362/2011 - 2011-03-08
    • p
    • Kod kreskowy
    • 2000101503002
    • r
    • Cena
    • 0.00
    • v
    • Data wprowadzenia opisu
    • 2018-08-20
    • y
    • Status udostępniania
    • Niedostępne
952 -Egzemplarz [ , ]
    • a
    • Numer inwentarzowy
    • W.160912
    • d
    • Lokalizacja
    • BG Dział Udostępniania Biblioteka Główna
    • e
    • Akcesja
    • g
    • Ubytek
    • 362/2011 - 2011-03-08
    • p
    • Kod kreskowy
    • 2000101609124
    • r
    • Cena
    • 0.00
    • v
    • Data wprowadzenia opisu
    • 2018-10-04
    • y
    • Status udostępniania
    • Niedostępne
952 -Egzemplarz [ , ]
    • a
    • Numer inwentarzowy
    • W.160913
    • d
    • Lokalizacja
    • BG Dział Udostępniania Biblioteka Główna
    • e
    • Akcesja
    • g
    • Ubytek
    • 362/2011 - 2011-03-08
    • p
    • Kod kreskowy
    • 2000101609131
    • r
    • Cena
    • 0.00
    • v
    • Data wprowadzenia opisu
    • 2018-10-04
    • y
    • Status udostępniania
    • Niedostępne
952 -Egzemplarz [ , ]
    • a
    • Numer inwentarzowy
    • W.144257
    • d
    • Lokalizacja
    • BG Dział Udostępniania Biblioteka Główna
    • e
    • Akcesja
    • p
    • Kod kreskowy
    • 2000101442578
    • r
    • Cena
    • 0.00
    • v
    • Data wprowadzenia opisu
    • 2018-03-05
    • y
    • Status udostępniania
    • Niedostępne
    • g
    • Ubytek
    • 362/2011 - 2011-03-08
952 -Egzemplarz [ , ]
    • a
    • Numer inwentarzowy
    • W.145445
    • d
    • Lokalizacja
    • BG Dział Udostępniania Biblioteka Główna
    • e
    • Akcesja
    • p
    • Kod kreskowy
    • 2000101454458
    • r
    • Cena
    • 0.00
    • v
    • Data wprowadzenia opisu
    • 2018-03-05
    • y
    • Status udostępniania
    • Niedostępne
    • g
    • Ubytek
    • 362/2011 - 2011-03-08
952 -Egzemplarz [ , ]
    • a
    • Numer inwentarzowy
    • W.145446
    • d
    • Lokalizacja
    • BG Dział Udostępniania Biblioteka Główna
    • e
    • Akcesja
    • p
    • Kod kreskowy
    • 2000101454465
    • r
    • Cena
    • 0.00
    • v
    • Data wprowadzenia opisu
    • 2018-03-05
    • y
    • Status udostępniania
    • Niedostępne
    • g
    • Ubytek
    • 362/2011 - 2011-03-08
952 -Egzemplarz [ , ]
    • a
    • Numer inwentarzowy
    • Pdc.402
    • d
    • Lokalizacja
    • BG Dział Udostępniania Biblioteka Główna
    • e
    • Akcesja
    • p
    • Kod kreskowy
    • 2004000004028
    • r
    • Cena
    • 0.00
    • v
    • Data wprowadzenia opisu
    • 2018-08-10
    • y
    • Status udostępniania
    • Niedostępne
    • g
    • Ubytek
    • 5/2018 - 2018-08-02
952 -Egzemplarz [ , ]
    • a
    • Numer inwentarzowy
    • W.145457
    • d
    • Lokalizacja
    • BG Dział Udostępniania Biblioteka Główna
    • e
    • Akcesja
    • g
    • Ubytek
    • 362/2011 - 2011-03-08
    • p
    • Kod kreskowy
    • 2000101454571
    • r
    • Cena
    • 0.00
    • v
    • Data wprowadzenia opisu
    • 2018-08-10
    • y
    • Status udostępniania
    • Niedostępne
952 -Egzemplarz [ , ]
    • a
    • Numer inwentarzowy
    • W.148462
    • d
    • Lokalizacja
    • BG Dział Udostępniania Biblioteka Główna
    • e
    • Akcesja
    • g
    • Ubytek
    • 362/2011 - 2011-03-08
    • p
    • Kod kreskowy
    • 2000101484622
    • r
    • Cena
    • 0.00
    • v
    • Data wprowadzenia opisu
    • 2018-05-28
    • y
    • Status udostępniania
    • Niedostępne
952 -Egzemplarz [ , ]
    • a
    • Numer inwentarzowy
    • W.148463
    • d
    • Lokalizacja
    • BG Dział Udostępniania Biblioteka Główna
    • e
    • Akcesja
    • g
    • Ubytek
    • 362/2011 - 2011-03-08
    • p
    • Kod kreskowy
    • 2000101484639
    • r
    • Cena
    • 0.00
    • v
    • Data wprowadzenia opisu
    • 2018-05-28
    • y
    • Status udostępniania
    • Niedostępne
952 -Egzemplarz [ , ]
    • a
    • Numer inwentarzowy
    • W.150286
    • d
    • Lokalizacja
    • BG Dział Udostępniania Biblioteka Główna
    • e
    • Akcesja
    • p
    • Kod kreskowy
    • 2000101502869
    • r
    • Cena
    • 0.00
    • v
    • Data wprowadzenia opisu
    • 2018-03-05
    • y
    • Status udostępniania
    • Niedostępne
    • g
    • Ubytek
    • 362/2011 - 2011-03-08
952 -Egzemplarz [ , ]
    • a
    • Numer inwentarzowy
    • W.149344
    • d
    • Lokalizacja
    • BG Dział Udostępniania Biblioteka Główna
    • e
    • Akcesja
    • h
    • Uwagi
    • ubytek
    • p
    • Kod kreskowy
    • 2000101493440
    • r
    • Cena
    • 0.00
    • v
    • Data wprowadzenia opisu
    • 2017-06-02
    • y
    • Status udostępniania
    • Niedostępne
    • g
    • Ubytek
    • 362/2011 - 2011-03-08
952 -Egzemplarz [ , ]
    • a
    • Numer inwentarzowy
    • W.149343
    • d
    • Lokalizacja
    • BG Dział Udostępniania Biblioteka Główna
    • e
    • Akcesja
    • h
    • Uwagi
    • ubytek
    • p
    • Kod kreskowy
    • 2000101493433
    • r
    • Cena
    • 0.00
    • v
    • Data wprowadzenia opisu
    • 2017-06-02
    • y
    • Status udostępniania
    • Niedostępne
    • g
    • Ubytek
    • 362/2011 - 2011-03-08
952 -Egzemplarz [ , ]
    • a
    • Numer inwentarzowy
    • W.148704
    • d
    • Lokalizacja
    • BG Dział Udostępniania Biblioteka Główna
    • e
    • Akcesja
    • g
    • Ubytek
    • 362/2011 - 2011-03-08
    • p
    • Kod kreskowy
    • 2000101487043
    • r
    • Cena
    • 0.00
    • v
    • Data wprowadzenia opisu
    • 2018-08-10
    • y
    • Status udostępniania
    • Niedostępne
952 -Egzemplarz [ , ]
    • a
    • Numer inwentarzowy
    • W.148705
    • d
    • Lokalizacja
    • BG Dział Udostępniania Biblioteka Główna
    • e
    • Akcesja
    • g
    • Ubytek
    • 362/2011 - 2011-03-08
    • p
    • Kod kreskowy
    • 2000101487050
    • r
    • Cena
    • 0.00
    • v
    • Data wprowadzenia opisu
    • 2018-08-10
    • y
    • Status udostępniania
    • Niedostępne
952 -Egzemplarz [ , ]
    • a
    • Numer inwentarzowy
    • Pdc.421
    • d
    • Lokalizacja
    • BG Dział Udostępniania Biblioteka Główna
    • e
    • Akcesja
    • p
    • Kod kreskowy
    • 2004000004219
    • r
    • Cena
    • 0.00
    • v
    • Data wprowadzenia opisu
    • 2018-04-25
    • y
    • Status udostępniania
    • Niedostępne
    • g
    • Ubytek
    • 5/2018 - 2018-08-02
952 -Egzemplarz [ , ]
    • a
    • Numer inwentarzowy
    • W.145450
    • d
    • Lokalizacja
    • BG Dział Udostępniania Biblioteka Główna
    • e
    • Akcesja
    • g
    • Ubytek
    • 362/2011 - 2011-03-08
    • p
    • Kod kreskowy
    • 2000101454502
    • r
    • Cena
    • 0.00
    • v
    • Data wprowadzenia opisu
    • 2018-04-25
    • w
    • Data inwentaryzacji
    • 2018-04-25
952 -Egzemplarz [ , ]
    • a
    • Numer inwentarzowy
    • W.148499
    • d
    • Lokalizacja
    • BG Dział Udostępniania Biblioteka Główna
    • e
    • Akcesja
    • g
    • Ubytek
    • 362/2011 - 2011-03-08
    • p
    • Kod kreskowy
    • 2000101484998
    • r
    • Cena
    • 0.00
    • v
    • Data wprowadzenia opisu
    • 2018-08-10
    • y
    • Status udostępniania
    • Niedostępne
952 -Egzemplarz [ , ]
    • a
    • Numer inwentarzowy
    • W.149345
    • d
    • Lokalizacja
    • BG Dział Udostępniania Biblioteka Główna
    • e
    • Akcesja
    • p
    • Kod kreskowy
    • 2000101493457
    • r
    • Cena
    • 0.00
    • v
    • Data wprowadzenia opisu
    • 2017-11-09
    • y
    • Status udostępniania
    • Niedostępne
    • g
    • Ubytek
    • 362/2011 - 2011-03-08
952 -Egzemplarz [ , ]
    • a
    • Numer inwentarzowy
    • W.148497
    • d
    • Lokalizacja
    • BG Dział Udostępniania Biblioteka Główna
    • e
    • Akcesja
    • g
    • Ubytek
    • 362/2011 - 2011-03-08
    • p
    • Kod kreskowy
    • 2000101484974
    • r
    • Cena
    • 0.00
    • v
    • Data wprowadzenia opisu
    • 2018-08-10
    • y
    • Status udostępniania
    • Niedostępne
952 -Egzemplarz [ , ]
    • a
    • Numer inwentarzowy
    • W.131468
    • d
    • Lokalizacja
    • BG Dział Udostępniania Biblioteka Główna
    • e
    • Akcesja
    • p
    • Kod kreskowy
    • 2000101314684
    • r
    • Cena
    • 0.00
    • v
    • Data wprowadzenia opisu
    • 2018-02-27
    • y
    • Status udostępniania
    • Niedostępne
    • g
    • Ubytek
    • 362/2011 - 2011-03-08
952 -Egzemplarz [ , ]
    • a
    • Numer inwentarzowy
    • Pdc.97
    • d
    • Lokalizacja
    • BG Dział Udostępniania Biblioteka Główna
    • e
    • Akcesja
    • g
    • Ubytek
    • 2/2017 - 2017-03-21
    • p
    • Kod kreskowy
    • 2004000000976
    • r
    • Cena
    • 0.00
    • v
    • Data wprowadzenia opisu
    • 2018-06-18
    • y
    • Status udostępniania
    • Niedostępne
952 -Egzemplarz [ , ]
    • a
    • Numer inwentarzowy
    • W.127893
    • d
    • Lokalizacja
    • BG Dział Udostępniania Biblioteka Główna
    • e
    • Akcesja
    • p
    • Kod kreskowy
    • 2000101278931
    • r
    • Cena
    • 0.00
    • v
    • Data wprowadzenia opisu
    • 2018-02-27
    • y
    • Status udostępniania
    • Niedostępne
    • g
    • Ubytek
    • 362/2011 - 2011-03-08
952 -Egzemplarz [ , ]
    • a
    • Numer inwentarzowy
    • W.117466
    • d
    • Lokalizacja
    • BG Dział Udostępniania Biblioteka Główna
    • e
    • Akcesja
    • g
    • Ubytek
    • 362/2011 - 2011-03-08
    • p
    • Kod kreskowy
    • 2000101174660
    • r
    • Cena
    • 0.00
    • v
    • Data wprowadzenia opisu
    • 2018-04-24
    • y
    • Status udostępniania
    • miesięczne
952 -Egzemplarz [ , ]
    • a
    • Numer inwentarzowy
    • W.120721
    • d
    • Lokalizacja
    • BG Dział Udostępniania Biblioteka Główna
    • e
    • Akcesja
    • g
    • Ubytek
    • 362/2011 - 2011-03-08
    • p
    • Kod kreskowy
    • 2000101207214
    • r
    • Cena
    • 0.00
    • v
    • Data wprowadzenia opisu
    • 2018-04-24
    • y
    • Status udostępniania
    • miesięczne
952 -Egzemplarz [ , ]
    • a
    • Numer inwentarzowy
    • W.120723
    • d
    • Lokalizacja
    • BG Dział Udostępniania Biblioteka Główna
    • e
    • Akcesja
    • g
    • Ubytek
    • 362/2011 - 2011-03-08
    • p
    • Kod kreskowy
    • 2000101207238
    • r
    • Cena
    • 0.00
    • v
    • Data wprowadzenia opisu
    • 2018-08-08
    • y
    • Status udostępniania
    • Niedostępne
952 -Egzemplarz [ , ]
    • a
    • Numer inwentarzowy
    • W.117473
    • d
    • Lokalizacja
    • BG Dział Udostępniania Biblioteka Główna
    • e
    • Akcesja
    • p
    • Kod kreskowy
    • 2000101174738
    • r
    • Cena
    • 0.00
    • v
    • Data wprowadzenia opisu
    • 2018-03-05
    • y
    • Status udostępniania
    • miesięczne
    • g
    • Ubytek
    • 361/2011 - 2011-03-04
952 -Egzemplarz [ , ]
    • a
    • Numer inwentarzowy
    • W.120722
    • d
    • Lokalizacja
    • BG Dział Udostępniania Biblioteka Główna
    • e
    • Akcesja
    • p
    • Kod kreskowy
    • 2000101207221
    • r
    • Cena
    • 0.00
    • v
    • Data wprowadzenia opisu
    • 2018-03-02
    • y
    • Status udostępniania
    • Niedostępne
    • g
    • Ubytek
    • 362/2011 - 2011-03-08
952 -Egzemplarz [ , ]
    • a
    • Numer inwentarzowy
    • W.117467
    • d
    • Lokalizacja
    • BG Dział Udostępniania Biblioteka Główna
    • e
    • Akcesja
    • p
    • Kod kreskowy
    • 2000101174677
    • r
    • Cena
    • 0.00
    • v
    • Data wprowadzenia opisu
    • 2018-03-02
    • y
    • Status udostępniania
    • Niedostępne
    • g
    • Ubytek
    • 362/2011 - 2011-03-08
952 -Egzemplarz [ , ]
    • a
    • Numer inwentarzowy
    • Pdc.25
    • d
    • Lokalizacja
    • BG Dział Udostępniania Biblioteka Główna
    • e
    • Akcesja
    • p
    • Kod kreskowy
    • 2004000000259
    • r
    • Cena
    • 0.00
    • v
    • Data wprowadzenia opisu
    • 2018-08-10
    • y
    • Status udostępniania
    • Niedostępne
    • g
    • Ubytek
    • 5/2018 - 2018-08-02
952 -Egzemplarz [ , ]
    • a
    • Numer inwentarzowy
    • Nc.2694
    • d
    • Lokalizacja
    • BG Dział Udostępniania Biblioteka Główna
    • e
    • Akcesja
    • p
    • Kod kreskowy
    • 2004400026941
    • r
    • Cena
    • 0.00
    • v
    • Data wprowadzenia opisu
    • 2018-04-11
    • y
    • Status udostępniania
    • Tylko na miejscu
    • g
    • Ubytek
    • 21/2019 - 2019-05-30
952 -Egzemplarz [ , ]
    • a
    • Numer inwentarzowy
    • Cg.12965
    • d
    • Lokalizacja
    • BG Dział Udostępniania Biblioteka Główna
    • e
    • Akcesja
    • p
    • Kod kreskowy
    • 2003000129656
    • r
    • Cena
    • 0.00
    • v
    • Data wprowadzenia opisu
    • 2018-08-10
    • y
    • Status udostępniania
    • Niedostępne
    • g
    • Ubytek
    • 11/2018 - 2018-06-06
952 -Egzemplarz [ , ]
    • a
    • Numer inwentarzowy
    • Pdc.2
    • d
    • Lokalizacja
    • BG Dział Udostępniania Biblioteka Główna
    • e
    • Akcesja
    • p
    • Kod kreskowy
    • 2004000000020
    • r
    • Cena
    • 0.00
    • v
    • Data wprowadzenia opisu
    • 2017-11-08
    • y
    • Status udostępniania
    • Niedostępne
    • g
    • Ubytek
    • 5/2018 - 2018-08-02
952 -Egzemplarz [ , ]
    • a
    • Numer inwentarzowy
    • Nc.1880
    • d
    • Lokalizacja
    • BG Dział Udostępniania Biblioteka Główna
    • e
    • Akcesja
    • p
    • Kod kreskowy
    • 2004400018809
    • r
    • Cena
    • 0.00
    • v
    • Data wprowadzenia opisu
    • 2017-06-02
    • y
    • Status udostępniania
    • Tylko na miejscu
    • g
    • Ubytek
    • 21/2019 - 2019-05-30
952 -Egzemplarz [ , ]
    • a
    • Numer inwentarzowy
    • W.95128
    • d
    • Lokalizacja
    • BG Dział Udostępniania Biblioteka Główna
    • e
    • Akcesja
    • g
    • Ubytek
    • 362/2011 - 2011-03-08
    • p
    • Kod kreskowy
    • 2000100951286
    • r
    • Cena
    • 0.00
    • v
    • Data wprowadzenia opisu
    • 2018-08-10
    • y
    • Status udostępniania
    • Niedostępne
952 -Egzemplarz [ , ]
    • a
    • Numer inwentarzowy
    • W.101409
    • d
    • Lokalizacja
    • BG Dział Udostępniania Biblioteka Główna
    • e
    • Akcesja
    • p
    • Kod kreskowy
    • 2000101014096
    • r
    • Cena
    • 0.00
    • v
    • Data wprowadzenia opisu
    • 2018-02-27
    • y
    • Status udostępniania
    • Niedostępne
    • g
    • Ubytek
    • 362/2011 - 2011-03-08
952 -Egzemplarz [ , ]
    • a
    • Numer inwentarzowy
    • W.95124
    • d
    • Lokalizacja
    • BG Dział Udostępniania Biblioteka Główna
    • e
    • Akcesja
    • g
    • Ubytek
    • 362/2011 - 2011-03-08
    • p
    • Kod kreskowy
    • 2000100951248
    • r
    • Cena
    • 0.00
    • v
    • Data wprowadzenia opisu
    • 2018-08-10
    • y
    • Status udostępniania
    • Niedostępne
952 -Egzemplarz [ , ]
    • a
    • Numer inwentarzowy
    • W.127894
    • d
    • Lokalizacja
    • BG Dział Udostępniania Biblioteka Główna
    • e
    • Akcesja
    • g
    • Ubytek
    • 362/2011 - 2011-03-08
    • p
    • Kod kreskowy
    • 2000101278948
    • r
    • Cena
    • 0.00
    • v
    • Data wprowadzenia opisu
    • 2018-08-10
    • y
    • Status udostępniania
    • Niedostępne
952 -Egzemplarz [ , ]
    • a
    • Numer inwentarzowy
    • W.106029
    • d
    • Lokalizacja
    • BG Dział Udostępniania Biblioteka Główna
    • e
    • Akcesja
    • g
    • Ubytek
    • 362/2011 - 2011-03-08
    • p
    • Kod kreskowy
    • 2000101060291
    • r
    • Cena
    • 0.00
    • v
    • Data wprowadzenia opisu
    • 2018-08-10
    • y
    • Status udostępniania
    • Niedostępne
952 -Egzemplarz [ , ]
    • a
    • Numer inwentarzowy
    • W.78871
    • d
    • Lokalizacja
    • BG Dział Udostępniania Biblioteka Główna
    • e
    • Akcesja
    • p
    • Kod kreskowy
    • 2000100788714
    • r
    • Cena
    • 0.00
    • v
    • Data wprowadzenia opisu
    • 2017-11-29
    • y
    • Status udostępniania
    • Niedostępne
    • g
    • Ubytek
    • 362/2011 - 2011-03-08
952 -Egzemplarz [ , ]
    • a
    • Numer inwentarzowy
    • Cg.24348
    • c
    • Sygnatura
    • Cg.65
    • d
    • Lokalizacja
    • BG Dział Udostępniania Biblioteka Główna
    • e
    • Akcesja
    • p
    • Kod kreskowy
    • 2003000243482
    • r
    • Cena
    • 0.00
    • v
    • Data wprowadzenia opisu
    • 2017-02-22
    • y
    • Status udostępniania
    • Tylko na miejscu
    • g
    • Ubytek
    • 11/2018 - 2018-06-06
952 -Egzemplarz [ , ]
    • a
    • Numer inwentarzowy
    • Gc.335
    • d
    • Lokalizacja
    • Gc Biblioteka Międzywydziałowa
    • e
    • Akcesja
    • p
    • Kod kreskowy
    • 2003400003358
    • r
    • Cena
    • 0.00
    • v
    • Data wprowadzenia opisu
    • 2017-02-22
    • y
    • Status udostępniania
    • Niedostępne
    • g
    • Ubytek
    • 4/2012 - 2012-01-09
952 -Egzemplarz [ , ]
    • a
    • Numer inwentarzowy
    • W.113253
    • c
    • Sygnatura
    • W.16418
    • d
    • Lokalizacja
    • BG Dział Udostępniania Biblioteka Główna
    • e
    • Akcesja
    • p
    • Kod kreskowy
    • 2000101132530
    • r
    • Cena
    • 0.00
    • v
    • Data wprowadzenia opisu
    • 2017-02-22
    • y
    • Status udostępniania
    • miesięczne
    • g
    • Ubytek
    • 362/2011 - 2011-03-08
952 -Egzemplarz [ , ]
    • a
    • Numer inwentarzowy
    • W.113254
    • c
    • Sygnatura
    • W.16418
    • d
    • Lokalizacja
    • BG Dział Udostępniania Biblioteka Główna
    • e
    • Akcesja
    • p
    • Kod kreskowy
    • 2000101132547
    • r
    • Cena
    • 0.00
    • v
    • Data wprowadzenia opisu
    • 2017-02-22
    • y
    • Status udostępniania
    • miesięczne
    • g
    • Ubytek
    • 361/2011 - 2011-03-04
952 -Egzemplarz [ , ]
    • a
    • Numer inwentarzowy
    • W.113255
    • c
    • Sygnatura
    • W.16418
    • d
    • Lokalizacja
    • BG Dział Udostępniania Biblioteka Główna
    • e
    • Akcesja
    • p
    • Kod kreskowy
    • 2000101132554
    • r
    • Cena
    • 0.00
    • v
    • Data wprowadzenia opisu
    • 2017-02-22
    • y
    • Status udostępniania
    • miesięczne
    • g
    • Ubytek
    • 362/2011 - 2011-03-08
952 -Egzemplarz [ , ]
    • a
    • Numer inwentarzowy
    • Pdc.46
    • d
    • Lokalizacja
    • BG Dział Udostępniania Biblioteka Główna
    • e
    • Akcesja
    • p
    • Kod kreskowy
    • 2004000000464
    • r
    • Cena
    • 0.00
    • v
    • Data wprowadzenia opisu
    • 2018-02-27
    • y
    • Status udostępniania
    • Niedostępne
    • g
    • Ubytek
    • 5/2018 - 2018-08-02
952 -Egzemplarz [ , ]
    • a
    • Numer inwentarzowy
    • W.95108
    • d
    • Lokalizacja
    • BG Dział Udostępniania Biblioteka Główna
    • e
    • Akcesja
    • p
    • Kod kreskowy
    • 2000100951088
    • r
    • Cena
    • 0.00
    • v
    • Data wprowadzenia opisu
    • 2018-02-27
    • y
    • Status udostępniania
    • Niedostępne
    • g
    • Ubytek
    • 362/2011 - 2011-03-08
952 -Egzemplarz [ , ]
    • a
    • Numer inwentarzowy
    • W.69120
    • c
    • Sygnatura
    • W.16418
    • d
    • Lokalizacja
    • BG Dział Udostępniania Biblioteka Główna
    • e
    • Akcesja
    • p
    • Kod kreskowy
    • 2000100691205
    • r
    • Cena
    • 0.00
    • v
    • Data wprowadzenia opisu
    • 2017-02-02
    • y
    • Status udostępniania
    • miesięczne
    • g
    • Ubytek
    • 362/2011 - 2011-03-08
952 -Egzemplarz [ , ]
    • a
    • Numer inwentarzowy
    • W.69122
    • c
    • Sygnatura
    • W.16418
    • d
    • Lokalizacja
    • BG Dział Udostępniania Biblioteka Główna
    • e
    • Akcesja
    • p
    • Kod kreskowy
    • 2000100691229
    • r
    • Cena
    • 0.00
    • v
    • Data wprowadzenia opisu
    • 2017-01-31
    • y
    • Status udostępniania
    • miesięczne
    • g
    • Ubytek
    • 362/2011 - 2011-03-08
952 -Egzemplarz [ , ]
    • a
    • Numer inwentarzowy
    • W.69264
    • c
    • Sygnatura
    • W.16418
    • d
    • Lokalizacja
    • BG Dział Udostępniania Biblioteka Główna
    • e
    • Akcesja
    • p
    • Kod kreskowy
    • 2000100692646
    • r
    • Cena
    • 0.00
    • v
    • Data wprowadzenia opisu
    • 2017-01-31
    • y
    • Status udostępniania
    • Tylko na miejscu
    • g
    • Ubytek
    • 362/2011 - 2011-03-08
952 -Egzemplarz [ , ]
    • a
    • Numer inwentarzowy
    • W.69265
    • c
    • Sygnatura
    • W.16418
    • d
    • Lokalizacja
    • BG Dział Udostępniania Biblioteka Główna
    • e
    • Akcesja
    • p
    • Kod kreskowy
    • 2000100692653
    • r
    • Cena
    • 0.00
    • v
    • Data wprowadzenia opisu
    • 2017-01-31
    • y
    • Status udostępniania
    • miesięczne
    • g
    • Ubytek
    • 362/2011 - 2011-03-08
952 -Egzemplarz [ , ]
    • a
    • Numer inwentarzowy
    • W.69266
    • c
    • Sygnatura
    • W.16418
    • d
    • Lokalizacja
    • BG Dział Udostępniania Biblioteka Główna
    • e
    • Akcesja
    • p
    • Kod kreskowy
    • 2000100692660
    • r
    • Cena
    • 0.00
    • v
    • Data wprowadzenia opisu
    • 2017-01-31
    • y
    • Status udostępniania
    • miesięczne
    • g
    • Ubytek
    • 362/2011 - 2011-03-08
952 -Egzemplarz [ , ]
    • a
    • Numer inwentarzowy
    • W.69118
    • c
    • Sygnatura
    • W.16418
    • d
    • Lokalizacja
    • BG Dział Udostępniania Biblioteka Główna
    • e
    • Akcesja
    • p
    • Kod kreskowy
    • 2000100691182
    • r
    • Cena
    • 0.00
    • v
    • Data wprowadzenia opisu
    • 2017-01-31
    • y
    • Status udostępniania
    • miesięczne
    • g
    • Ubytek
    • 362/2011 - 2011-03-08
952 -Egzemplarz [ , ]
    • a
    • Numer inwentarzowy
    • Cg.6653
    • c
    • Sygnatura
    • Cg.65
    • d
    • Lokalizacja
    • BG Dział Udostępniania Biblioteka Główna
    • e
    • Akcesja
    • p
    • Kod kreskowy
    • 2003000066531
    • r
    • Cena
    • 0.00
    • v
    • Data wprowadzenia opisu
    • 2017-02-02
    • y
    • Status udostępniania
    • Tylko na miejscu
    • g
    • Ubytek
    • 11/2018 - 2018-06-06
952 -Egzemplarz [ , ]
    • a
    • Numer inwentarzowy
    • W.71166
    • c
    • Sygnatura
    • W.16418
    • d
    • Lokalizacja
    • BG Dział Udostępniania Biblioteka Główna
    • e
    • Akcesja
    • p
    • Kod kreskowy
    • 2000100711668
    • r
    • Cena
    • 0.00
    • v
    • Data wprowadzenia opisu
    • 2017-02-02
    • y
    • Status udostępniania
    • miesięczne
    • g
    • Ubytek
    • 362/2011 - 2011-03-08
952 -Egzemplarz [ , ]
    • a
    • Numer inwentarzowy
    • W.71167
    • c
    • Sygnatura
    • W.16418
    • d
    • Lokalizacja
    • BG Dział Udostępniania Biblioteka Główna
    • e
    • Akcesja
    • p
    • Kod kreskowy
    • 2000100711675
    • r
    • Cena
    • 0.00
    • v
    • Data wprowadzenia opisu
    • 2017-02-02
    • y
    • Status udostępniania
    • miesięczne
    • g
    • Ubytek
    • 362/2011 - 2011-03-08
952 -Egzemplarz [ , ]
    • a
    • Numer inwentarzowy
    • W.73689
    • c
    • Sygnatura
    • W.16418
    • d
    • Lokalizacja
    • BG Dział Udostępniania Biblioteka Główna
    • e
    • Akcesja
    • p
    • Kod kreskowy
    • 2000100736890
    • r
    • Cena
    • 0.00
    • v
    • Data wprowadzenia opisu
    • 2017-02-02
    • y
    • Status udostępniania
    • miesięczne
    • g
    • Ubytek
    • 362/2011 - 2011-03-08
952 -Egzemplarz [ , ]
    • a
    • Numer inwentarzowy
    • Rc.10
    • c
    • Sygnatura
    • Rc.10
    • d
    • Lokalizacja
    • BM Biblioteka Międzywydziałowa
    • g
    • Ubytek
    • 3/2019 - 2019-05-06
    • p
    • Kod kreskowy
    • 2004100000104
    • r
    • Cena
    • 0.00
    • v
    • Data wprowadzenia opisu
    • 2017-02-02
    • y
    • Status udostępniania
    • Niedostępne
952 -Egzemplarz [ , ]
    • a
    • Numer inwentarzowy
    • W.64361
    • c
    • Sygnatura
    • W.16418
    • d
    • Lokalizacja
    • BG Dział Udostępniania Biblioteka Główna
    • e
    • Akcesja
    • p
    • Kod kreskowy
    • 2000100643617
    • r
    • Cena
    • 0.00
    • v
    • Data wprowadzenia opisu
    • 2017-03-13
    • y
    • Status udostępniania
    • miesięczne
    • g
    • Ubytek
    • 362/2011 - 2011-03-08
952 -Egzemplarz [ , ]
    • a
    • Numer inwentarzowy
    • W.69115
    • d
    • Lokalizacja
    • BG Dział Udostępniania Biblioteka Główna
    • e
    • Akcesja
    • g
    • Ubytek
    • 362/2011 - 2011-03-08
    • p
    • Kod kreskowy
    • 2000100691151
    • r
    • Cena
    • 0.00
    • v
    • Data wprowadzenia opisu
    • 2018-06-18
    • y
    • Status udostępniania
    • Niedostępne
952 -Egzemplarz [ , ]
    • a
    • Numer inwentarzowy
    • W.78872
    • c
    • Sygnatura
    • W.16418
    • d
    • Lokalizacja
    • BG Dział Udostępniania Biblioteka Główna
    • e
    • Akcesja
    • p
    • Kod kreskowy
    • 2000100788721
    • r
    • Cena
    • 0.00
    • v
    • Data wprowadzenia opisu
    • 2017-02-02
    • y
    • Status udostępniania
    • miesięczne
    • g
    • Ubytek
    • 362/2011 - 2011-03-08
952 -Egzemplarz [ , ]
    • a
    • Numer inwentarzowy
    • W.47687
    • c
    • Sygnatura
    • W.16418
    • d
    • Lokalizacja
    • BG Dział Udostępniania Biblioteka Główna
    • e
    • Akcesja
    • p
    • Kod kreskowy
    • 2000100476871
    • r
    • Cena
    • 0.00
    • v
    • Data wprowadzenia opisu
    • 2017-02-02
    • y
    • Status udostępniania
    • miesięczne
    • g
    • Ubytek
    • 362/2011 - 2011-03-08
952 -Egzemplarz [ , ]
    • a
    • Numer inwentarzowy
    • ANS.119521
    • c
    • Sygnatura
    • 331.55/J-17
    • d
    • Lokalizacja
    • BNS Biblioteka Humanistyczna i Nauk Społecznych
    • p
    • Kod kreskowy
    • 2004601195217
    • r
    • Cena
    • 0.00
    • v
    • Data wprowadzenia opisu
    • 2022-02-22
    • y
    • Status udostępniania
    • Tylko na miejscu
    • g
    • Ubytek
    • 21/2022 - 2022-02-15
952 -Egzemplarz [ , ]
    • a
    • Numer inwentarzowy
    • Cg.12966
    • d
    • Lokalizacja
    • BG Dział Udostępniania Biblioteka Główna
    • e
    • Akcesja
    • p
    • Kod kreskowy
    • 2003000129663
    • r
    • Cena
    • 0.00
    • v
    • Data wprowadzenia opisu
    • 2017-08-22
    • y
    • Status udostępniania
    • Tylko na miejscu
    • g
    • Ubytek
    • 11/2018 - 2018-06-06
952 -Egzemplarz [ , ]
    • a
    • Numer inwentarzowy
    • W.155619
    • c
    • Sygnatura
    • W.16418
    • d
    • Lokalizacja
    • BG Dział Udostępniania Biblioteka Główna
    • e
    • Akcesja
    • p
    • Kod kreskowy
    • 2000101556190
    • r
    • Cena
    • 0.00
    • v
    • Data wprowadzenia opisu
    • 2016-09-05
    • y
    • Status udostępniania
    • miesięczne
    • g
    • Ubytek
    • 362/2011 - 2011-03-08
952 -Egzemplarz [ , ]
    • a
    • Numer inwentarzowy
    • W.155620
    • c
    • Sygnatura
    • W.16418
    • d
    • Lokalizacja
    • BG Dział Udostępniania Biblioteka Główna
    • e
    • Akcesja
    • p
    • Kod kreskowy
    • 2000101556206
    • r
    • Cena
    • 0.00
    • v
    • Data wprowadzenia opisu
    • 2016-09-05
    • y
    • Status udostępniania
    • miesięczne
    • g
    • Ubytek
    • 362/2011 - 2011-03-08
952 -Egzemplarz [ , ]
    • a
    • Numer inwentarzowy
    • W.155621
    • c
    • Sygnatura
    • W.16418
    • d
    • Lokalizacja
    • BG Dział Udostępniania Biblioteka Główna
    • e
    • Akcesja
    • p
    • Kod kreskowy
    • 2000101556213
    • r
    • Cena
    • 0.00
    • v
    • Data wprowadzenia opisu
    • 2016-09-05
    • y
    • Status udostępniania
    • miesięczne
    • g
    • Ubytek
    • 362/2011 - 2011-03-08
952 -Egzemplarz [ , ]
    • a
    • Numer inwentarzowy
    • W.104662
    • c
    • Sygnatura
    • W.16418
    • d
    • Lokalizacja
    • BG Dział Udostępniania Biblioteka Główna
    • e
    • Akcesja
    • h
    • Uwagi
    • retrokonwersja
    • p
    • Kod kreskowy
    • 2000101046622
    • r
    • Cena
    • 0.00
    • v
    • Data wprowadzenia opisu
    • y
    • Status udostępniania
    • Niedostępne
    • w
    • Data inwentaryzacji
    • 2013-01-28
    • g
    • Ubytek
    • 362/2011 - 2011-03-08
952 -Egzemplarz [ , ]
    • a
    • Numer inwentarzowy
    • R.187
    • d
    • Lokalizacja
    • BM Biblioteka Międzywydziałowa
    • g
    • Ubytek
    • 3/2019 - 2019-06-05
    • p
    • Kod kreskowy
    • 2001600001877
    • r
    • Cena
    • 30.00
    • v
    • Data wprowadzenia opisu
    • 2017-03-30
    • y
    • Status udostępniania
    • Niedostępne
    • z
    • Sposób nabycia
    • kupno zwarte
952 -Egzemplarz [ , ]
    • a
    • Numer inwentarzowy
    • W.60764
    • d
    • Lokalizacja
    • BG Dział Udostępniania Biblioteka Główna
    • e
    • Akcesja
    • p
    • Kod kreskowy
    • 2000100607640
    • r
    • Cena
    • 0.00
    • v
    • Data wprowadzenia opisu
    • 2018-02-28
    • y
    • Status udostępniania
    • Niedostępne
    • g
    • Ubytek
    • 362/2011 - 2011-03-08
952 -Egzemplarz [ , ]
    • a
    • Numer inwentarzowy
    • W.60766
    • d
    • Lokalizacja
    • BG Dział Udostępniania Biblioteka Główna
    • e
    • Akcesja
    • p
    • Kod kreskowy
    • 2000100607664
    • r
    • Cena
    • 0.00
    • v
    • Data wprowadzenia opisu
    • 2018-02-28
    • y
    • Status udostępniania
    • Niedostępne
    • g
    • Ubytek
    • 362/2011 - 2011-03-08
952 -Egzemplarz [ , ]
    • a
    • Numer inwentarzowy
    • W.60767
    • d
    • Lokalizacja
    • BG Dział Udostępniania Biblioteka Główna
    • e
    • Akcesja
    • p
    • Kod kreskowy
    • 2000100607671
    • r
    • Cena
    • 0.00
    • v
    • Data wprowadzenia opisu
    • 2018-02-28
    • y
    • Status udostępniania
    • Niedostępne
    • g
    • Ubytek
    • 362/2011 - 2011-03-08
952 -Egzemplarz [ , ]
    • a
    • Numer inwentarzowy
    • W.60768
    • d
    • Lokalizacja
    • BG Dział Udostępniania Biblioteka Główna
    • e
    • Akcesja
    • p
    • Kod kreskowy
    • 2000100607688
    • r
    • Cena
    • 0.00
    • v
    • Data wprowadzenia opisu
    • 2018-02-28
    • y
    • Status udostępniania
    • Niedostępne
    • g
    • Ubytek
    • 362/2011 - 2011-03-08
952 -Egzemplarz [ , ]
    • a
    • Numer inwentarzowy
    • W.64359
    • d
    • Lokalizacja
    • BG Dział Udostępniania Biblioteka Główna
    • e
    • Akcesja
    • p
    • Kod kreskowy
    • 2000100643594
    • r
    • Cena
    • 0.00
    • v
    • Data wprowadzenia opisu
    • 2018-02-28
    • y
    • Status udostępniania
    • Niedostępne
    • g
    • Ubytek
    • 362/2011 - 2011-03-08
952 -Egzemplarz [ , ]
    • a
    • Numer inwentarzowy
    • W.163147
    • d
    • Lokalizacja
    • BG Dział Udostępniania Biblioteka Główna
    • e
    • Akcesja
    • p
    • Kod kreskowy
    • 2000101631477
    • r
    • Cena
    • 0.00
    • v
    • Data wprowadzenia opisu
    • 2017-11-16
    • y
    • Status udostępniania
    • Niedostępne
    • g
    • Ubytek
    • 362/2011 - 2011-03-08
952 -Egzemplarz [ , ]
    • a
    • Numer inwentarzowy
    • W.163148
    • d
    • Lokalizacja
    • BG Dział Udostępniania Biblioteka Główna
    • e
    • Akcesja
    • p
    • Kod kreskowy
    • 2000101631484
    • r
    • Cena
    • 0.00
    • v
    • Data wprowadzenia opisu
    • 2017-11-16
    • y
    • Status udostępniania
    • Niedostępne
    • g
    • Ubytek
    • 362/2011 - 2011-03-08
952 -Egzemplarz [ , ]
    • a
    • Numer inwentarzowy
    • Pdc.1726
    • d
    • Lokalizacja
    • BG Dział Udostępniania Biblioteka Główna
    • e
    • Akcesja
    • h
    • Uwagi
    • retrokonwersja
    • p
    • Kod kreskowy
    • 2004000017264
    • r
    • Cena
    • 0.00
    • v
    • Data wprowadzenia opisu
    • w
    • Data inwentaryzacji
    • y
    • Status udostępniania
    • Tylko na miejscu
    • c
    • Sygnatura
    • Pdc.2/198
    • g
    • Ubytek
    • 5/2018 - 2018-08-02
952 -Egzemplarz [ , ]
    • a
    • Numer inwentarzowy
    • Pdc.1433
    • c
    • Sygnatura
    • Pdc.2/168
    • d
    • Lokalizacja
    • BG Dział Udostępniania Biblioteka Główna
    • e
    • Akcesja
    • h
    • Uwagi
    • retrokonwersja
    • p
    • Kod kreskowy
    • 2004000014331
    • r
    • Cena
    • 0.00
    • v
    • Data wprowadzenia opisu
    • w
    • Data inwentaryzacji
    • y
    • Status udostępniania
    • Tylko na miejscu
    • g
    • Ubytek
    • 5/2018 - 2018-08-02
952 -Egzemplarz [ , ]
    • a
    • Numer inwentarzowy
    • Pdc.583
    • d
    • Lokalizacja
    • BG Dział Udostępniania Biblioteka Główna
    • e
    • Akcesja
    • h
    • Uwagi
    • retrokonwersja
    • p
    • Kod kreskowy
    • 2004000005834
    • r
    • Cena
    • 0.00
    • v
    • Data wprowadzenia opisu
    • w
    • Data inwentaryzacji
    • y
    • Status udostępniania
    • Tylko na miejscu
    • g
    • Ubytek
    • 5/2018 - 2018-08-02
952 -Egzemplarz [ , ]
    • a
    • Numer inwentarzowy
    • Pdc.1496
    • d
    • Lokalizacja
    • BG Dział Udostępniania Biblioteka Główna
    • e
    • Akcesja
    • h
    • Uwagi
    • retrokonwersja
    • p
    • Kod kreskowy
    • 2004000014966
    • r
    • Cena
    • 0.00
    • v
    • Data wprowadzenia opisu
    • w
    • Data inwentaryzacji
    • y
    • Status udostępniania
    • Tylko na miejscu
    • g
    • Ubytek
    • 5/2018 - 2018-08-02
952 -Egzemplarz [ , ]
    • a
    • Numer inwentarzowy
    • Pdc.1717
    • d
    • Lokalizacja
    • BG Dział Udostępniania Biblioteka Główna
    • e
    • Akcesja
    • h
    • Uwagi
    • retrokonwersja
    • p
    • Kod kreskowy
    • 2004000017172
    • r
    • Cena
    • 0.00
    • v
    • Data wprowadzenia opisu
    • w
    • Data inwentaryzacji
    • y
    • Status udostępniania
    • Tylko na miejscu
    • c
    • Sygnatura
    • Pdc.2/182
    • g
    • Ubytek
    • 5/2018 - 2018-08-02
952 -Egzemplarz [ , ]
    • a
    • Numer inwentarzowy
    • Fc.2433
    • d
    • Lokalizacja
    • BNS Biblioteka Humanistyczna i Nauk Społecznych
    • e
    • Akcesja
    • h
    • Uwagi
    • retrokonwersja
    • p
    • Kod kreskowy
    • 2003300024330
    • r
    • Cena
    • 0.00
    • v
    • Data wprowadzenia opisu
    • w
    • Data inwentaryzacji
    • y
    • Status udostępniania
    • Tylko na miejscu
    • g
    • Ubytek
    • 4/2021 - 2021-03-08
952 -Egzemplarz [ , ]
    • a
    • Numer inwentarzowy
    • Pdc.1663
    • d
    • Lokalizacja
    • BG Dział Udostępniania Biblioteka Główna
    • e
    • Akcesja
    • h
    • Uwagi
    • retrokonwersja
    • p
    • Kod kreskowy
    • 2004000016632
    • r
    • Cena
    • 0.00
    • v
    • Data wprowadzenia opisu
    • w
    • Data inwentaryzacji
    • y
    • Status udostępniania
    • Tylko na miejscu
    • c
    • Sygnatura
    • Pdc.2/192
    • g
    • Ubytek
    • 5/2018 - 2018-08-02
952 -Egzemplarz [ , ]
    • a
    • Numer inwentarzowy
    • Pdc.1295
    • d
    • Lokalizacja
    • BG Dział Udostępniania Biblioteka Główna
    • e
    • Akcesja
    • h
    • Uwagi
    • retrokonwersja
    • p
    • Kod kreskowy
    • 2004000012955
    • r
    • Cena
    • 0.00
    • v
    • Data wprowadzenia opisu
    • w
    • Data inwentaryzacji
    • y
    • Status udostępniania
    • Tylko na miejscu
    • c
    • Sygnatura
    • Pdc.2/178
    • g
    • Ubytek
    • 5/2018 - 2018-08-02
952 -Egzemplarz [ , ]
    • n
    • Powiązanie z serią
    • 173
    • c
    • Sygnatura
    • Pdc.2
    • r
    • Cena
    • 5.0
    • e
    • Akcesja
    • 00i5/16
    • f
    • Status książki wypożyczonej
    • Pdc
    • i
    • Nr tomu wydaw.cg
    • Nr 151
    • a
    • Numer inwentarzowy
    • Pdc.960
    • w
    • Data inwentaryzacji
    • 2000-09-11
    • y
    • Status udostępniania
    • Tylko na miejscu
    • z
    • Sposób nabycia
    • inne zwarte
    • p
    • Kod kreskowy
    • 2004000009603
    • d
    • Lokalizacja
    • BG Dział Udostępniania Biblioteka Główna
    • g
    • Ubytek
    • 5/2018 - 2018-08-02
952 -Egzemplarz [ , ]
    • n
    • Powiązanie z serią
    • 270
    • c
    • Sygnatura
    • W.16418
    • r
    • Cena
    • 5.0
    • e
    • Akcesja
    • 00i5/16
    • f
    • Status książki wypożyczonej
    • W
    • i
    • Nr tomu wydaw.cg
    • Nr 151
    • a
    • Numer inwentarzowy
    • W.203473
    • w
    • Data inwentaryzacji
    • 2003-07-25
    • y
    • Status udostępniania
    • Niedostępne
    • z
    • Sposób nabycia
    • inne zwarte
    • p
    • Kod kreskowy
    • 2000102034734
    • d
    • Lokalizacja
    • BG Dział Udostępniania Biblioteka Główna
    • g
    • Ubytek
    • 362/2011 - 2011-03-08
952 -Egzemplarz [ , ]
    • n
    • Powiązanie z serią
    • 174
    • c
    • Sygnatura
    • Pdc.2
    • r
    • Cena
    • 5.0
    • e
    • Akcesja
    • 00i5/16
    • f
    • Status książki wypożyczonej
    • Pdc
    • i
    • Nr tomu wydaw.cg
    • Nr 151
    • a
    • Numer inwentarzowy
    • Pdc.3316
    • w
    • Data inwentaryzacji
    • 2003-07-25
    • y
    • Status udostępniania
    • Niedostępne
    • z
    • Sposób nabycia
    • inne zwarte
    • p
    • Kod kreskowy
    • 2004000033165
    • d
    • Lokalizacja
    • BG Dział Udostępniania Biblioteka Główna
    • g
    • Ubytek
    • 2/2017 - 2017-03-21
952 -Egzemplarz [ , ]
    • a
    • Numer inwentarzowy
    • W.167631
    • d
    • Lokalizacja
    • BG Dział Udostępniania Biblioteka Główna
    • e
    • Akcesja
    • p
    • Kod kreskowy
    • 2000101676317
    • r
    • Cena
    • 0.00
    • v
    • Data wprowadzenia opisu
    • 2009-07-31
    • y
    • Status udostępniania
    • Niedostępne
    • c
    • Sygnatura
    • W.16418
    • g
    • Ubytek
    • 362/2011 - 2011-03-08
952 -Egzemplarz [ , ]
    • a
    • Numer inwentarzowy
    • W.164122
    • e
    • Akcesja
    • 99d235/6
    • n
    • Powiązanie z serią
    • 267
    • p
    • Kod kreskowy
    • 2000101641223
    • r
    • Cena
    • 1.5
    • v
    • Data wprowadzenia opisu
    • w
    • Data inwentaryzacji
    • 2000-09-11
    • y
    • Status udostępniania
    • Niedostępne
    • z
    • Sposób nabycia
    • dary zwarte
    • c
    • Sygnatura
    • W.16418
    • g
    • Ubytek
    • 362/2011 - 2011-03-08
952 -Egzemplarz [ , ]
    • a
    • Numer inwentarzowy
    • W.164123
    • e
    • Akcesja
    • 99d235/6
    • n
    • Powiązanie z serią
    • 268
    • p
    • Kod kreskowy
    • 2000101641230
    • r
    • Cena
    • 1.5
    • v
    • Data wprowadzenia opisu
    • w
    • Data inwentaryzacji
    • 2000-09-11
    • y
    • Status udostępniania
    • Niedostępne
    • z
    • Sposób nabycia
    • dary zwarte
    • c
    • Sygnatura
    • W.16418
    • g
    • Ubytek
    • 362/2011 - 2011-03-08
952 -Egzemplarz [ , ]
    • n
    • Powiązanie z serią
    • 170
    • c
    • Sygnatura
    • Pdc.2
    • r
    • Cena
    • 1.5
    • e
    • Akcesja
    • 99d235/6
    • f
    • Status książki wypożyczonej
    • Pdc
    • i
    • Nr tomu wydaw.cg
    • Nr 138
    • a
    • Numer inwentarzowy
    • Pdc.783
    • w
    • Data inwentaryzacji
    • 2000-09-11
    • y
    • Status udostępniania
    • Niedostępne
    • z
    • Sposób nabycia
    • dary zwarte
    • p
    • Kod kreskowy
    • 2004000007838
    • d
    • Lokalizacja
    • BG Dział Udostępniania Biblioteka Główna
    • g
    • Ubytek
    • 2/2017 - 2017-03-21
952 -Egzemplarz [ , ]
    • n
    • Powiązanie z serią
    • 269
    • c
    • Sygnatura
    • W.16418
    • r
    • Cena
    • 1.5
    • e
    • Akcesja
    • 99d235/6
    • f
    • Status książki wypożyczonej
    • W
    • i
    • Nr tomu wydaw.cg
    • Nr 138
    • a
    • Numer inwentarzowy
    • W.164124
    • w
    • Data inwentaryzacji
    • 2000-09-11
    • y
    • Status udostępniania
    • Niedostępne
    • z
    • Sposób nabycia
    • dary zwarte
    • p
    • Kod kreskowy
    • 2000101641247
    • d
    • Lokalizacja
    • BG Dział Udostępniania Biblioteka Główna
    • g
    • Ubytek
    • 362/2011 - 2011-03-08
952 -Egzemplarz [ , ]
    • n
    • Powiązanie z serią
    • 172
    • c
    • Sygnatura
    • Pdc.2
    • r
    • Cena
    • 1.5
    • e
    • Akcesja
    • 99d235/6
    • f
    • Status książki wypożyczonej
    • Pdc
    • i
    • Nr tomu wydaw.cg
    • Nr 138
    • a
    • Numer inwentarzowy
    • Pdc.2759
    • w
    • Data inwentaryzacji
    • 2000-11-14
    • y
    • Status udostępniania
    • Tylko na miejscu
    • z
    • Sposób nabycia
    • dary zwarte
    • p
    • Kod kreskowy
    • 2004000027591
    • d
    • Lokalizacja
    • BG Dział Udostępniania Biblioteka Główna
    • g
    • Ubytek
    • 5/2018 - 2018-08-02
952 -Egzemplarz [ , ]
    • n
    • Powiązanie z serią
    • 262
    • c
    • Sygnatura
    • W.16418
    • r
    • Cena
    • 0.0
    • f
    • Status książki wypożyczonej
    • W
    • i
    • Nr tomu wydaw.cg
    • Nr 108
    • a
    • Numer inwentarzowy
    • W.148498
    • w
    • Data inwentaryzacji
    • 1999-03-10
    • y
    • Status udostępniania
    • Niedostępne
    • p
    • Kod kreskowy
    • 2000101484981
    • d
    • Lokalizacja
    • BG Dział Udostępniania Biblioteka Główna
    • g
    • Ubytek
    • 362/2011 - 2011-03-08
952 -Egzemplarz [ , ]
    • n
    • Powiązanie z serią
    • 261
    • c
    • Sygnatura
    • W.16418
    • r
    • Cena
    • 0.0
    • f
    • Status książki wypożyczonej
    • W
    • i
    • Nr tomu wydaw.cg
    • Nr 108
    • a
    • Numer inwentarzowy
    • W.145449
    • w
    • Data inwentaryzacji
    • 1999-03-10
    • y
    • Status udostępniania
    • Niedostępne
    • p
    • Kod kreskowy
    • 2000101454496
    • d
    • Lokalizacja
    • BG Dział Udostępniania Biblioteka Główna
    • g
    • Ubytek
    • 362/2011 - 2011-03-08
952 -Egzemplarz [ , ]
    • n
    • Powiązanie z serią
    • 264
    • c
    • Sygnatura
    • W.16418
    • r
    • Cena
    • 0.0
    • f
    • Status książki wypożyczonej
    • W
    • i
    • Nr tomu wydaw.cg
    • Nr 109
    • a
    • Numer inwentarzowy
    • W.145455
    • w
    • Data inwentaryzacji
    • 1999-03-10
    • y
    • Status udostępniania
    • Niedostępne
    • p
    • Kod kreskowy
    • 2000101454557
    • d
    • Lokalizacja
    • BG Dział Udostępniania Biblioteka Główna
    • g
    • Ubytek
    • 362/2011 - 2011-03-08
952 -Egzemplarz [ , ]
    • n
    • Powiązanie z serią
    • 134
    • c
    • Sygnatura
    • Nc.1880
    • r
    • Cena
    • 0.0
    • f
    • Status książki wypożyczonej
    • Nc
    • i
    • Nr tomu wydaw.cg
    • Nr 203
    • a
    • Numer inwentarzowy
    • Nc.7983
    • w
    • Data inwentaryzacji
    • 1999-03-10
    • y
    • Status udostępniania
    • Tylko na miejscu
    • p
    • Kod kreskowy
    • 2004400079831
    • d
    • Lokalizacja
    • BG Dział Udostępniania Biblioteka Główna
    • g
    • Ubytek
    • 21/2019 - 2019-05-30
952 -Egzemplarz [ , ]
    • n
    • Powiązanie z serią
    • 258
    • c
    • Sygnatura
    • W.16418
    • r
    • Cena
    • 0.0
    • f
    • Status książki wypożyczonej
    • W
    • i
    • Nr tomu wydaw.cg
    • Nr 60
    • a
    • Numer inwentarzowy
    • W.73706
    • w
    • Data inwentaryzacji
    • 1999-03-10
    • y
    • Status udostępniania
    • Niedostępne
    • p
    • Kod kreskowy
    • 2000100737064
    • d
    • Lokalizacja
    • BG Dział Udostępniania Biblioteka Główna
    • g
    • Ubytek
    • 362/2011 - 2011-03-08
952 -Egzemplarz [ , ]
    • n
    • Powiązanie z serią
    • 259
    • c
    • Sygnatura
    • W.16418
    • r
    • Cena
    • 0.0
    • f
    • Status książki wypożyczonej
    • W
    • i
    • Nr tomu wydaw.cg
    • Nr 60
    • a
    • Numer inwentarzowy
    • W.104661
    • w
    • Data inwentaryzacji
    • 1999-03-10
    • y
    • Status udostępniania
    • Niedostępne
    • p
    • Kod kreskowy
    • 2000101046615
    • d
    • Lokalizacja
    • BG Dział Udostępniania Biblioteka Główna
    • g
    • Ubytek
    • 362/2011 - 2011-03-08
952 -Egzemplarz [ , ]
    • a
    • Numer inwentarzowy
    • Pc.1925
    • c
    • Sygnatura
    • Pc.14/60
    • d
    • Lokalizacja
    • BM Biblioteka Międzywydziałowa
    • g
    • Ubytek
    • 2/2019 - 2019-05-07
    • i
    • Nr tomu wydaw.cg
    • Nr 60
    • n
    • Powiązanie z serią
    • 146
    • p
    • Kod kreskowy
    • 2003900019255
    • r
    • Cena
    • 0.0
    • w
    • Data inwentaryzacji
    • 1999-03-10
    • y
    • Status udostępniania
    • Niedostępne
952 -Egzemplarz [ , ]
    • a
    • Numer inwentarzowy
    • Rc.600
    • c
    • Sygnatura
    • Pc.14/60
    • d
    • Lokalizacja
    • BM Biblioteka Międzywydziałowa
    • g
    • Ubytek
    • 3/2019 - 2019-05-06
    • i
    • Nr tomu wydaw.cg
    • Nr 60
    • n
    • Powiązanie z serią
    • 204
    • p
    • Kod kreskowy
    • 2004100006007
    • r
    • Cena
    • 0.0
    • w
    • Data inwentaryzacji
    • 1999-03-10
    • y
    • Status udostępniania
    • Niedostępne
952 -Egzemplarz [ , ]
    • a
    • Numer inwentarzowy
    • R.1330
    • c
    • Sygnatura
    • R.1330
    • d
    • Lokalizacja
    • BM Biblioteka Międzywydziałowa
    • g
    • Ubytek
    • 2/1995 - 1995-06-22
    • i
    • Nr tomu wydaw.cg
    • Nr 60
    • n
    • Powiązanie z serią
    • 202
    • p
    • Kod kreskowy
    • 2001600013306
    • r
    • Cena
    • 50.00
    • w
    • Data inwentaryzacji
    • 1999-03-10
    • y
    • Status udostępniania
    • Niedostępne
    • z
    • Sposób nabycia
    • kupno zwarte
952 -Egzemplarz [ , ]
    • a
    • Numer inwentarzowy
    • Pdc.1802
    • c
    • Sygnatura
    • Pdc.2
    • d
    • Lokalizacja
    • BG Dział Udostępniania Biblioteka Główna
    • e
    • Akcesja
    • 95w94/1
    • i
    • Nr tomu wydaw.cg
    • Nr 215 (1994)
    • p
    • Kod kreskowy
    • 2004000018025
    • r
    • Cena
    • 0.0
    • v
    • Data wprowadzenia opisu
    • 2019-07-25
    • y
    • Status udostępniania
    • Tylko na miejscu
952 -Egzemplarz [ , ]
    • a
    • Numer inwentarzowy
    • Cg.4815
    • c
    • Sygnatura
    • Cg.65 (p.202)
    • d
    • Lokalizacja
    • BG Dział Udostępniania Biblioteka Główna
    • i
    • Nr tomu wydaw.cg
    • Nr 55 (1976)
    • p
    • Kod kreskowy
    • 2003000048155
    • r
    • Cena
    • 0.00
    • v
    • Data wprowadzenia opisu
    • 2017-01-05
    • y
    • Status udostępniania
    • Tylko na miejscu
952 -Egzemplarz [ , ]
    • a
    • Numer inwentarzowy
    • Cg.6021
    • c
    • Sygnatura
    • Cg.65 (p.202)
    • d
    • Lokalizacja
    • BG Dział Udostępniania Biblioteka Główna
    • i
    • Nr tomu wydaw.cg
    • Nr 61 (1977)
    • p
    • Kod kreskowy
    • 2003000060218
    • r
    • Cena
    • 0.00
    • v
    • Data wprowadzenia opisu
    • 2017-01-05
    • y
    • Status udostępniania
    • Tylko na miejscu
952 -Egzemplarz [ , ]
    • a
    • Numer inwentarzowy
    • Cg.7058
    • c
    • Sygnatura
    • Cg.65 (p.202)
    • d
    • Lokalizacja
    • BG Dział Udostępniania Biblioteka Główna
    • i
    • Nr tomu wydaw.cg
    • Nr 65 (1978)
    • p
    • Kod kreskowy
    • 2003000070583
    • r
    • Cena
    • 0.00
    • v
    • Data wprowadzenia opisu
    • 2017-04-04
    • y
    • Status udostępniania
    • Tylko na miejscu
952 -Egzemplarz [ , ]
    • a
    • Numer inwentarzowy
    • Cg.11107
    • c
    • Sygnatura
    • Cg.65 (p.202)
    • d
    • Lokalizacja
    • BG Dział Udostępniania Biblioteka Główna
    • i
    • Nr tomu wydaw.cg
    • Nr 67 (1979)
    • p
    • Kod kreskowy
    • 2003000111071
    • r
    • Cena
    • 0.00
    • v
    • Data wprowadzenia opisu
    • 2017-04-04
    • y
    • Status udostępniania
    • Tylko na miejscu
952 -Egzemplarz [ , ]
    • a
    • Numer inwentarzowy
    • Fc.2777
    • c
    • Sygnatura
    • Hc.11
    • d
    • Lokalizacja
    • BNS Biblioteka Humanistyczna i Nauk Społecznych
    • i
    • Nr tomu wydaw.cg
    • Nr 213 (1994)
    • p
    • Kod kreskowy
    • 2003300027775
    • r
    • Cena
    • 0.00
    • v
    • Data wprowadzenia opisu
    • 2018-08-21
    • y
    • Status udostępniania
    • Tylko na miejscu
952 -Egzemplarz [ , ]
    • a
    • Numer inwentarzowy
    • Pc.1693
    • c
    • Sygnatura
    • Pc.14/180
    • d
    • Lokalizacja
    • BM Biblioteka Międzywydziałowa
    • i
    • Nr tomu wydaw.cg
    • Nr 180 (1991)
    • p
    • Kod kreskowy
    • 2003900016933
    • r
    • Cena
    • 0.00
    • v
    • Data wprowadzenia opisu
    • 2018-08-21
    • y
    • Status udostępniania
    • Tylko na miejscu
952 -Egzemplarz [ , ]
    • a
    • Numer inwentarzowy
    • Nc.4861
    • c
    • Sygnatura
    • Nc.1880
    • d
    • Lokalizacja
    • BG Dział Udostępniania Biblioteka Główna
    • i
    • Nr tomu wydaw.cg
    • Nr 129 (1986)
    • p
    • Kod kreskowy
    • 2004400048615
    • r
    • Cena
    • 0.00
    • v
    • Data wprowadzenia opisu
    • 2018-08-20
    • y
    • Status udostępniania
    • Tylko na miejscu
952 -Egzemplarz [ , ]
    • a
    • Numer inwentarzowy
    • Nc.4992
    • c
    • Sygnatura
    • Nc.1880
    • d
    • Lokalizacja
    • BG Dział Udostępniania Biblioteka Główna
    • i
    • Nr tomu wydaw.cg
    • Nr 126 (1986)
    • p
    • Kod kreskowy
    • 2004400049926
    • r
    • Cena
    • 0.00
    • v
    • Data wprowadzenia opisu
    • 2018-08-10
    • y
    • Status udostępniania
    • Tylko na miejscu
952 -Egzemplarz [ , ]
    • a
    • Numer inwentarzowy
    • Nc.4996
    • c
    • Sygnatura
    • Nc.1880
    • d
    • Lokalizacja
    • BG Dział Udostępniania Biblioteka Główna
    • i
    • Nr tomu wydaw.cg
    • Nr 123 (1987)
    • p
    • Kod kreskowy
    • 2004400049964
    • r
    • Cena
    • 0.00
    • v
    • Data wprowadzenia opisu
    • 2018-08-10
    • y
    • Status udostępniania
    • Tylko na miejscu
952 -Egzemplarz [ , ]
    • a
    • Numer inwentarzowy
    • Nc.4546
    • c
    • Sygnatura
    • Nc.1880
    • d
    • Lokalizacja
    • BG Dział Udostępniania Biblioteka Główna
    • i
    • Nr tomu wydaw.cg
    • Nr 122 (1986)
    • p
    • Kod kreskowy
    • 2004400045461
    • r
    • Cena
    • 0.00
    • v
    • Data wprowadzenia opisu
    • 2018-08-10
    • y
    • Status udostępniania
    • Tylko na miejscu
952 -Egzemplarz [ , ]
    • a
    • Numer inwentarzowy
    • Pc.761
    • c
    • Sygnatura
    • Pc.14/118
    • d
    • Lokalizacja
    • BM Biblioteka Międzywydziałowa
    • i
    • Nr tomu wydaw.cg
    • 131 (1988)
    • p
    • Kod kreskowy
    • 2003900007610
    • r
    • Cena
    • 0.00
    • v
    • Data wprowadzenia opisu
    • 2018-08-10
    • y
    • Status udostępniania
    • Tylko na miejscu
952 -Egzemplarz [ , ]
    • a
    • Numer inwentarzowy
    • Pc.1045
    • c
    • Sygnatura
    • Pc.14/107
    • d
    • Lokalizacja
    • BM Biblioteka Międzywydziałowa
    • i
    • Nr tomu wydaw.cg
    • Nr 107 (1986)
    • p
    • Kod kreskowy
    • 2003900010450
    • r
    • Cena
    • 0.00
    • v
    • Data wprowadzenia opisu
    • 2018-08-10
    • y
    • Status udostępniania
    • Tylko na miejscu
952 -Egzemplarz [ , ]
    • a
    • Numer inwentarzowy
    • Nc.3653
    • c
    • Sygnatura
    • Nc.1880
    • d
    • Lokalizacja
    • BG Dział Udostępniania Biblioteka Główna
    • i
    • Nr tomu wydaw.cg
    • Nr 102 (1984)
    • p
    • Kod kreskowy
    • 2004400036537
    • r
    • Cena
    • 0.00
    • v
    • Data wprowadzenia opisu
    • 2018-08-10
    • y
    • Status udostępniania
    • Tylko na miejscu
952 -Egzemplarz [ , ]
    • a
    • Numer inwentarzowy
    • Cg.24936
    • c
    • Sygnatura
    • Cg.65 (p.202)
    • d
    • Lokalizacja
    • BG Dział Udostępniania Biblioteka Główna
    • i
    • Nr tomu wydaw.cg
    • Nr 207 (1993)
    • p
    • Kod kreskowy
    • 2003000249361
    • r
    • Cena
    • 0.00
    • v
    • Data wprowadzenia opisu
    • 2017-04-07
    • y
    • Status udostępniania
    • Tylko na miejscu
952 -Egzemplarz [ , ]
    • a
    • Numer inwentarzowy
    • Blc.2762
    • c
    • Sygnatura
    • Blc.2053
    • d
    • Lokalizacja
    • BG Dział Udostępniania Biblioteka Główna
    • i
    • Nr tomu wydaw.cg
    • Nr 207 (1993)
    • p
    • Kod kreskowy
    • 2002800027629
    • r
    • Cena
    • 25000.00
    • v
    • Data wprowadzenia opisu
    • 2018-02-27
    • y
    • Status udostępniania
    • Tylko na miejscu
952 -Egzemplarz [ , ]
    • a
    • Numer inwentarzowy
    • Cg.24635
    • c
    • Sygnatura
    • Cg.65 (p.202)
    • d
    • Lokalizacja
    • BG Dział Udostępniania Biblioteka Główna
    • i
    • Nr tomu wydaw.cg
    • Nr 197 (1992)
    • p
    • Kod kreskowy
    • 2003000246353
    • r
    • Cena
    • 0.00
    • v
    • Data wprowadzenia opisu
    • 2017-04-07
    • y
    • Status udostępniania
    • Tylko na miejscu
952 -Egzemplarz [ , ]
    • a
    • Numer inwentarzowy
    • Pc.1780
    • c
    • Sygnatura
    • Pc.14/197
    • d
    • Lokalizacja
    • BM Biblioteka Międzywydziałowa
    • i
    • Nr tomu wydaw.cg
    • Nr 197 (1992)
    • p
    • Kod kreskowy
    • 2003900017800
    • r
    • Cena
    • 0.00
    • v
    • Data wprowadzenia opisu
    • 2017-11-09
    • y
    • Status udostępniania
    • Tylko na miejscu
952 -Egzemplarz [ , ]
    • a
    • Numer inwentarzowy
    • Cg.24347
    • c
    • Sygnatura
    • Cg.65 (p.202)
    • d
    • Lokalizacja
    • BG Dział Udostępniania Biblioteka Główna
    • i
    • Nr tomu wydaw.cg
    • Nr 196 (1992)
    • p
    • Kod kreskowy
    • 2003000243475
    • r
    • Cena
    • 0.00
    • v
    • Data wprowadzenia opisu
    • 2017-04-07
    • y
    • Status udostępniania
    • Tylko na miejscu
952 -Egzemplarz [ , ]
    • a
    • Numer inwentarzowy
    • Cg.24119
    • c
    • Sygnatura
    • Cg.65 (p.202)
    • d
    • Lokalizacja
    • BG Dział Udostępniania Biblioteka Główna
    • i
    • Nr tomu wydaw.cg
    • Nr 194 (1992)
    • p
    • Kod kreskowy
    • 2003000241198
    • r
    • Cena
    • 0.00
    • v
    • Data wprowadzenia opisu
    • 2017-04-07
    • y
    • Status udostępniania
    • Tylko na miejscu
952 -Egzemplarz [ , ]
    • a
    • Numer inwentarzowy
    • Blc.2139
    • c
    • Sygnatura
    • Blc.2053
    • d
    • Lokalizacja
    • BG Dział Udostępniania Biblioteka Główna
    • i
    • Nr tomu wydaw.cg
    • Nr 194 (1992)
    • p
    • Kod kreskowy
    • 2002800021399
    • r
    • Cena
    • 20000.00
    • v
    • Data wprowadzenia opisu
    • 2017-10-26
    • y
    • Status udostępniania
    • Niedostępne
952 -Egzemplarz [ , ]
    • a
    • Numer inwentarzowy
    • Cg.24123
    • c
    • Sygnatura
    • Cg.65 (p.202)
    • d
    • Lokalizacja
    • BG Dział Udostępniania Biblioteka Główna
    • i
    • Nr tomu wydaw.cg
    • Nr 187 (1992)
    • p
    • Kod kreskowy
    • 2003000241235
    • r
    • Cena
    • 0.00
    • v
    • Data wprowadzenia opisu
    • 2017-04-07
    • y
    • Status udostępniania
    • Tylko na miejscu
952 -Egzemplarz [ , ]
    • a
    • Numer inwentarzowy
    • Blc.2117
    • c
    • Sygnatura
    • Blc.2053
    • d
    • Lokalizacja
    • BG Dział Udostępniania Biblioteka Główna
    • i
    • Nr tomu wydaw.cg
    • Nr 187 (1992)
    • p
    • Kod kreskowy
    • 2002800021177
    • r
    • Cena
    • 20000.00
    • v
    • Data wprowadzenia opisu
    • 2017-10-26
    • y
    • Status udostępniania
    • Niedostępne
952 -Egzemplarz [ , ]
    • a
    • Numer inwentarzowy
    • Cg.23817
    • c
    • Sygnatura
    • Cg.65 (p.202)
    • d
    • Lokalizacja
    • BG Dział Udostępniania Biblioteka Główna
    • i
    • Nr tomu wydaw.cg
    • Nr 181 (1991)
    • p
    • Kod kreskowy
    • 2003000238174
    • r
    • Cena
    • 0.00
    • v
    • Data wprowadzenia opisu
    • 2017-04-07
    • y
    • Status udostępniania
    • Tylko na miejscu
952 -Egzemplarz [ , ]
    • a
    • Numer inwentarzowy
    • Blc.2053
    • c
    • Sygnatura
    • Blc.2053
    • d
    • Lokalizacja
    • BG Dział Udostępniania Biblioteka Główna
    • i
    • Nr tomu wydaw.cg
    • Nr 181 (1991)
    • p
    • Kod kreskowy
    • 2002800020538
    • r
    • Cena
    • 20000.00
    • v
    • Data wprowadzenia opisu
    • 2018-05-02
    • y
    • Status udostępniania
    • Tylko na miejscu
952 -Egzemplarz [ , ]
    • a
    • Numer inwentarzowy
    • Cg.22874
    • c
    • Sygnatura
    • Cg.65 (p.202)
    • d
    • Lokalizacja
    • BG Dział Udostępniania Biblioteka Główna
    • i
    • Nr tomu wydaw.cg
    • Nr 179 (1991)
    • p
    • Kod kreskowy
    • 2003000228748
    • r
    • Cena
    • 0.00
    • v
    • Data wprowadzenia opisu
    • 2017-04-07
    • y
    • Status udostępniania
    • Tylko na miejscu
952 -Egzemplarz [ , ]
    • a
    • Numer inwentarzowy
    • Ac.22
    • c
    • Sygnatura
    • Pc.14/179
    • d
    • Lokalizacja
    • BM Biblioteka Międzywydziałowa
    • i
    • Nr tomu wydaw.cg
    • Nr 179 (1991)
    • p
    • Kod kreskowy
    • 2002700000227
    • r
    • Cena
    • 0.00
    • v
    • Data wprowadzenia opisu
    • 2018-08-21
    • y
    • Status udostępniania
    • Tylko na miejscu
952 -Egzemplarz [ , ]
    • a
    • Numer inwentarzowy
    • Cg.24349
    • c
    • Sygnatura
    • Cg.65 (p.202)
    • d
    • Lokalizacja
    • BG Dział Udostępniania Biblioteka Główna
    • i
    • Nr tomu wydaw.cg
    • Nr 172 (1991)
    • p
    • Kod kreskowy
    • 2003000243499
    • r
    • Cena
    • 0.00
    • v
    • Data wprowadzenia opisu
    • 2017-04-07
    • y
    • Status udostępniania
    • Tylko na miejscu
952 -Egzemplarz [ , ]
    • a
    • Numer inwentarzowy
    • Cg.24118
    • c
    • Sygnatura
    • Cg.65 (p.202)
    • d
    • Lokalizacja
    • BG Dział Udostępniania Biblioteka Główna
    • i
    • Nr tomu wydaw.cg
    • Nr 170 (1992)
    • p
    • Kod kreskowy
    • 2003000241181
    • r
    • Cena
    • 0.00
    • v
    • Data wprowadzenia opisu
    • 2017-04-07
    • y
    • Status udostępniania
    • Tylko na miejscu
952 -Egzemplarz [ , ]
    • a
    • Numer inwentarzowy
    • Blc.2116
    • c
    • Sygnatura
    • Blc.2053
    • d
    • Lokalizacja
    • BG Dział Udostępniania Biblioteka Główna
    • i
    • Nr tomu wydaw.cg
    • Nr 170 (1992)
    • p
    • Kod kreskowy
    • 2002800021160
    • r
    • Cena
    • 15000.00
    • v
    • Data wprowadzenia opisu
    • 2017-09-27
    • y
    • Status udostępniania
    • Tylko na miejscu
952 -Egzemplarz [ , ]
    • a
    • Numer inwentarzowy
    • Cg.22876
    • c
    • Sygnatura
    • Cg.65 (p.202)
    • d
    • Lokalizacja
    • BG Dział Udostępniania Biblioteka Główna
    • i
    • Nr tomu wydaw.cg
    • Nr 167 (1990)
    • p
    • Kod kreskowy
    • 2003000228762
    • r
    • Cena
    • 0.00
    • v
    • Data wprowadzenia opisu
    • 2017-04-06
    • y
    • Status udostępniania
    • Tylko na miejscu
952 -Egzemplarz [ , ]
    • a
    • Numer inwentarzowy
    • Fc.2080
    • c
    • Sygnatura
    • Hc.11
    • d
    • Lokalizacja
    • BNS Biblioteka Humanistyczna i Nauk Społecznych
    • i
    • Nr tomu wydaw.cg
    • Nr 167 (1990)
    • p
    • Kod kreskowy
    • 2003300020806
    • r
    • Cena
    • 0.00
    • v
    • Data wprowadzenia opisu
    • 2018-04-23
    • y
    • Status udostępniania
    • Tylko na miejscu
952 -Egzemplarz [ , ]
    • a
    • Numer inwentarzowy
    • Pdc.1664
    • c
    • Sygnatura
    • Cg.65 (p.202)
    • d
    • Lokalizacja
    • BG Dział Udostępniania Biblioteka Główna
    • i
    • Nr tomu wydaw.cg
    • Nr 165 (1990)
    • p
    • Kod kreskowy
    • 2004000016649
    • r
    • Cena
    • 0.00
    • v
    • Data wprowadzenia opisu
    • 2017-04-06
    • y
    • Status udostępniania
    • Tylko na miejscu
952 -Egzemplarz [ , ]
    • a
    • Numer inwentarzowy
    • Cg.22875
    • c
    • Sygnatura
    • Cg.65 (p.202)
    • d
    • Lokalizacja
    • BG Dział Udostępniania Biblioteka Główna
    • i
    • Nr tomu wydaw.cg
    • Nr 164 (1991)
    • p
    • Kod kreskowy
    • 2003000228755
    • r
    • Cena
    • 0.00
    • v
    • Data wprowadzenia opisu
    • 2017-04-06
    • y
    • Status udostępniania
    • Tylko na miejscu
952 -Egzemplarz [ , ]
    • a
    • Numer inwentarzowy
    • Fc.2079
    • c
    • Sygnatura
    • Hc.11
    • d
    • Lokalizacja
    • BNS Biblioteka Humanistyczna i Nauk Społecznych
    • i
    • Nr tomu wydaw.cg
    • Nr 164 (1991)
    • p
    • Kod kreskowy
    • 2003300020790
    • r
    • Cena
    • 0.00
    • v
    • Data wprowadzenia opisu
    • 2018-03-13
    • y
    • Status udostępniania
    • Tylko na miejscu
952 -Egzemplarz [ , ]
    • a
    • Numer inwentarzowy
    • Cg.22765
    • c
    • Sygnatura
    • Cg.65 (p.202)
    • d
    • Lokalizacja
    • BG Dział Udostępniania Biblioteka Główna
    • i
    • Nr tomu wydaw.cg
    • Nr 157 (1990)
    • p
    • Kod kreskowy
    • 2003000227659
    • r
    • Cena
    • 0.00
    • v
    • Data wprowadzenia opisu
    • 2017-04-06
    • y
    • Status udostępniania
    • Tylko na miejscu
952 -Egzemplarz [ , ]
    • a
    • Numer inwentarzowy
    • Cg.21577
    • c
    • Sygnatura
    • Cg.65 (p.202)
    • d
    • Lokalizacja
    • BG Dział Udostępniania Biblioteka Główna
    • i
    • Nr tomu wydaw.cg
    • Nr 156 (1990)
    • p
    • Kod kreskowy
    • 2003000215779
    • r
    • Cena
    • 0.00
    • v
    • Data wprowadzenia opisu
    • 2017-04-06
    • y
    • Status udostępniania
    • Tylko na miejscu
952 -Egzemplarz [ , ]
    • a
    • Numer inwentarzowy
    • Hc.297
    • c
    • Sygnatura
    • Hc.11
    • d
    • Lokalizacja
    • BNS Biblioteka Humanistyczna i Nauk Społecznych
    • i
    • Nr tomu wydaw.cg
    • Nr 156 (1990)
    • p
    • Kod kreskowy
    • 2003500002978
    • r
    • Cena
    • 0.00
    • v
    • Data wprowadzenia opisu
    • 2018-08-20
    • y
    • Status udostępniania
    • Tylko na miejscu
952 -Egzemplarz [ , ]
    • a
    • Numer inwentarzowy
    • Cg.20279
    • c
    • Sygnatura
    • Cg.65 (p.202)
    • d
    • Lokalizacja
    • BG Dział Udostępniania Biblioteka Główna
    • i
    • Nr tomu wydaw.cg
    • Nr 153 (1989)
    • p
    • Kod kreskowy
    • 2003000202793
    • r
    • Cena
    • 0.00
    • v
    • Data wprowadzenia opisu
    • 2017-04-06
    • y
    • Status udostępniania
    • Tylko na miejscu
952 -Egzemplarz [ , ]
    • a
    • Numer inwentarzowy
    • Cg.22497
    • c
    • Sygnatura
    • Cg.65 (p.202)
    • d
    • Lokalizacja
    • BG Dział Udostępniania Biblioteka Główna
    • i
    • Nr tomu wydaw.cg
    • Nr 150 (1990)
    • p
    • Kod kreskowy
    • 2003000224979
    • r
    • Cena
    • 0.00
    • v
    • Data wprowadzenia opisu
    • 2017-04-06
    • y
    • Status udostępniania
    • Tylko na miejscu
952 -Egzemplarz [ , ]
    • a
    • Numer inwentarzowy
    • Cg.20280
    • c
    • Sygnatura
    • Cg.65 (p.202)
    • d
    • Lokalizacja
    • BG Dział Udostępniania Biblioteka Główna
    • i
    • Nr tomu wydaw.cg
    • Nr 145 (1989)
    • p
    • Kod kreskowy
    • 2003000202809
    • r
    • Cena
    • 0.00
    • v
    • Data wprowadzenia opisu
    • 2017-04-06
    • y
    • Status udostępniania
    • Tylko na miejscu
952 -Egzemplarz [ , ]
    • a
    • Numer inwentarzowy
    • Pc.1300
    • c
    • Sygnatura
    • Pc.14/145
    • d
    • Lokalizacja
    • BM Biblioteka Międzywydziałowa
    • i
    • Nr tomu wydaw.cg
    • Nr 145 (1989)
    • p
    • Kod kreskowy
    • 2003900013000
    • r
    • Cena
    • 0.00
    • v
    • Data wprowadzenia opisu
    • 2018-08-20
    • y
    • Status udostępniania
    • Tylko na miejscu
952 -Egzemplarz [ , ]
    • a
    • Numer inwentarzowy
    • Cg.21290
    • c
    • Sygnatura
    • Cg.65 (p.202)
    • d
    • Lokalizacja
    • BG Dział Udostępniania Biblioteka Główna
    • i
    • Nr tomu wydaw.cg
    • Nr 144 (1988)
    • p
    • Kod kreskowy
    • 2003000212907
    • r
    • Cena
    • 0.00
    • v
    • Data wprowadzenia opisu
    • 2017-04-06
    • y
    • Status udostępniania
    • Tylko na miejscu
952 -Egzemplarz [ , ]
    • a
    • Numer inwentarzowy
    • Cg.18904
    • c
    • Sygnatura
    • Cg.65 (p.202)
    • d
    • Lokalizacja
    • BG Dział Udostępniania Biblioteka Główna
    • i
    • Nr tomu wydaw.cg
    • Nr 142 (1988)
    • p
    • Kod kreskowy
    • 2003000189049
    • r
    • Cena
    • 0.00
    • v
    • Data wprowadzenia opisu
    • 2017-04-06
    • y
    • Status udostępniania
    • Tylko na miejscu
952 -Egzemplarz [ , ]
    • a
    • Numer inwentarzowy
    • Pc.1222
    • c
    • Sygnatura
    • Pc.14/142
    • d
    • Lokalizacja
    • BM Biblioteka Międzywydziałowa
    • i
    • Nr tomu wydaw.cg
    • Nr 142 (1988)
    • p
    • Kod kreskowy
    • 2003900012225
    • r
    • Cena
    • 0.00
    • v
    • Data wprowadzenia opisu
    • 2018-08-20
    • y
    • Status udostępniania
    • Tylko na miejscu
952 -Egzemplarz [ , ]
    • a
    • Numer inwentarzowy
    • Cg.19288
    • c
    • Sygnatura
    • Cg.65 (p.202)
    • d
    • Lokalizacja
    • BG Dział Udostępniania Biblioteka Główna
    • i
    • Nr tomu wydaw.cg
    • Nr 141 (1988)
    • p
    • Kod kreskowy
    • 2003000192889
    • r
    • Cena
    • 0.00
    • v
    • Data wprowadzenia opisu
    • 2017-04-06
    • y
    • Status udostępniania
    • Tylko na miejscu
952 -Egzemplarz [ , ]
    • a
    • Numer inwentarzowy
    • Cg.21297
    • c
    • Sygnatura
    • Cg.65 (p.202)
    • d
    • Lokalizacja
    • BG Dział Udostępniania Biblioteka Główna
    • i
    • Nr tomu wydaw.cg
    • Nr 140 (1988)
    • p
    • Kod kreskowy
    • 2003000212976
    • r
    • Cena
    • 0.00
    • v
    • Data wprowadzenia opisu
    • 2017-04-06
    • y
    • Status udostępniania
    • Tylko na miejscu
952 -Egzemplarz [ , ]
    • a
    • Numer inwentarzowy
    • Cg.19874
    • c
    • Sygnatura
    • Cg.65 (p.202)
    • d
    • Lokalizacja
    • BG Dział Udostępniania Biblioteka Główna
    • i
    • Nr tomu wydaw.cg
    • Nr 139 (1988)
    • p
    • Kod kreskowy
    • 2003000198744
    • r
    • Cena
    • 0.00
    • v
    • Data wprowadzenia opisu
    • 2017-04-06
    • y
    • Status udostępniania
    • Tylko na miejscu
952 -Egzemplarz [ , ]
    • a
    • Numer inwentarzowy
    • Rc.376
    • c
    • Sygnatura
    • Pc.14/139
    • d
    • Lokalizacja
    • BM Biblioteka Międzywydziałowa
    • i
    • Nr tomu wydaw.cg
    • Nr 139 (1988)
    • p
    • Kod kreskowy
    • 2004100003761
    • r
    • Cena
    • 0.00
    • v
    • Data wprowadzenia opisu
    • 2018-02-27
    • y
    • Status udostępniania
    • Tylko na miejscu
952 -Egzemplarz [ , ]
    • a
    • Numer inwentarzowy
    • Pdc.781
    • c
    • Sygnatura
    • Cg.65 (p.202)
    • d
    • Lokalizacja
    • BG Dział Udostępniania Biblioteka Główna
    • i
    • Nr tomu wydaw.cg
    • Nr 137 (1988)
    • p
    • Kod kreskowy
    • 2004000007814
    • r
    • Cena
    • 0.00
    • v
    • Data wprowadzenia opisu
    • 2017-04-06
    • y
    • Status udostępniania
    • Tylko na miejscu
952 -Egzemplarz [ , ]
    • a
    • Numer inwentarzowy
    • Cg.20269
    • c
    • Sygnatura
    • Cg.60 (p.202)
    • d
    • Lokalizacja
    • BG Dział Udostępniania Biblioteka Główna
    • i
    • Nr tomu wydaw.cg
    • Nr 135 (1988)
    • p
    • Kod kreskowy
    • 2003000202694
    • r
    • Cena
    • 0.00
    • v
    • Data wprowadzenia opisu
    • 2017-04-06
    • y
    • Status udostępniania
    • Tylko na miejscu
952 -Egzemplarz [ , ]
    • a
    • Numer inwentarzowy
    • Cg.19289
    • c
    • Sygnatura
    • Cg.65 (p.202)
    • d
    • Lokalizacja
    • BG Dział Udostępniania Biblioteka Główna
    • i
    • Nr tomu wydaw.cg
    • Nr 134 (1988)
    • p
    • Kod kreskowy
    • 2003000192896
    • r
    • Cena
    • 0.00
    • v
    • Data wprowadzenia opisu
    • 2017-04-06
    • y
    • Status udostępniania
    • Tylko na miejscu
952 -Egzemplarz [ , ]
    • a
    • Numer inwentarzowy
    • Pc.1248
    • c
    • Sygnatura
    • Pc.14/134
    • d
    • Lokalizacja
    • BM Biblioteka Międzywydziałowa
    • i
    • Nr tomu wydaw.cg
    • Nr 134 (1988)
    • p
    • Kod kreskowy
    • 2003900012485
    • r
    • Cena
    • 0.00
    • v
    • Data wprowadzenia opisu
    • 2018-02-27
    • y
    • Status udostępniania
    • Tylko na miejscu
952 -Egzemplarz [ , ]
    • a
    • Numer inwentarzowy
    • Cg.18250
    • c
    • Sygnatura
    • Cg.65 (p.202)
    • d
    • Lokalizacja
    • BG Dział Udostępniania Biblioteka Główna
    • i
    • Nr tomu wydaw.cg
    • Nr 133 (1987)
    • p
    • Kod kreskowy
    • 2003000182507
    • r
    • Cena
    • 0.00
    • v
    • Data wprowadzenia opisu
    • 2017-04-06
    • y
    • Status udostępniania
    • Tylko na miejscu
952 -Egzemplarz [ , ]
    • a
    • Numer inwentarzowy
    • Fc.1275
    • c
    • Sygnatura
    • Hc.11
    • d
    • Lokalizacja
    • BNS Biblioteka Humanistyczna i Nauk Społecznych
    • i
    • Nr tomu wydaw.cg
    • Nr 133 (1987)
    • p
    • Kod kreskowy
    • 2003300012757
    • r
    • Cena
    • 0.00
    • v
    • Data wprowadzenia opisu
    • 2018-08-20
    • y
    • Status udostępniania
    • Tylko na miejscu
952 -Egzemplarz [ , ]
    • a
    • Numer inwentarzowy
    • Cg.20272
    • c
    • Sygnatura
    • Cg.65 (p.202)
    • d
    • Lokalizacja
    • BG Dział Udostępniania Biblioteka Główna
    • i
    • Nr tomu wydaw.cg
    • Nr 132 (1988)
    • p
    • Kod kreskowy
    • 2003000202724
    • r
    • Cena
    • 0.00
    • v
    • Data wprowadzenia opisu
    • 2017-04-06
    • y
    • Status udostępniania
    • Tylko na miejscu
952 -Egzemplarz [ , ]
    • a
    • Numer inwentarzowy
    • Pc.1339
    • c
    • Sygnatura
    • Pc.14/132
    • d
    • Lokalizacja
    • BM Biblioteka Międzywydziałowa
    • i
    • Nr tomu wydaw.cg
    • Nr 132 (1988)
    • p
    • Kod kreskowy
    • 2003900013390
    • r
    • Cena
    • 0.00
    • v
    • Data wprowadzenia opisu
    • 2018-06-26
    • y
    • Status udostępniania
    • Tylko na miejscu
952 -Egzemplarz [ , ]
    • a
    • Numer inwentarzowy
    • Cg.19290
    • c
    • Sygnatura
    • Cg.65 (p.202)
    • d
    • Lokalizacja
    • BG Dział Udostępniania Biblioteka Główna
    • i
    • Nr tomu wydaw.cg
    • Nr 131 (1988)
    • p
    • Kod kreskowy
    • 2003000192902
    • r
    • Cena
    • 0.00
    • v
    • Data wprowadzenia opisu
    • 2017-04-06
    • y
    • Status udostępniania
    • Tylko na miejscu
952 -Egzemplarz [ , ]
    • a
    • Numer inwentarzowy
    • Cg.18908
    • c
    • Sygnatura
    • Cg.65 (p.202)
    • d
    • Lokalizacja
    • BG Dział Udostępniania Biblioteka Główna
    • i
    • Nr tomu wydaw.cg
    • Nr 130 (1988)
    • p
    • Kod kreskowy
    • 2003000189087
    • r
    • Cena
    • 0.00
    • v
    • Data wprowadzenia opisu
    • 2017-04-06
    • y
    • Status udostępniania
    • Tylko na miejscu
952 -Egzemplarz [ , ]
    • a
    • Numer inwentarzowy
    • Cg.18826
    • c
    • Sygnatura
    • Cg.65 (p.202)
    • d
    • Lokalizacja
    • BG Dział Udostępniania Biblioteka Główna
    • i
    • Nr tomu wydaw.cg
    • Nr 128 (1987)
    • p
    • Kod kreskowy
    • 2003000188264
    • r
    • Cena
    • 0.00
    • v
    • Data wprowadzenia opisu
    • 2017-04-06
    • y
    • Status udostępniania
    • Tylko na miejscu
952 -Egzemplarz [ , ]
    • a
    • Numer inwentarzowy
    • Cg.18106
    • c
    • Sygnatura
    • Cg.65 (p.202)
    • d
    • Lokalizacja
    • BG Dział Udostępniania Biblioteka Główna
    • i
    • Nr tomu wydaw.cg
    • Nr 121 (1986)
    • p
    • Kod kreskowy
    • 2003000181067
    • r
    • Cena
    • 0.00
    • v
    • Data wprowadzenia opisu
    • 2017-04-06
    • y
    • Status udostępniania
    • Tylko na miejscu
952 -Egzemplarz [ , ]
    • a
    • Numer inwentarzowy
    • Hc.143
    • c
    • Sygnatura
    • Hc.11
    • d
    • Lokalizacja
    • BNS Biblioteka Humanistyczna i Nauk Społecznych
    • i
    • Nr tomu wydaw.cg
    • Nr 121 (1986)
    • p
    • Kod kreskowy
    • 2003500001438
    • r
    • Cena
    • 0.00
    • v
    • Data wprowadzenia opisu
    • 2018-03-05
    • y
    • Status udostępniania
    • Tylko na miejscu
952 -Egzemplarz [ , ]
    • a
    • Numer inwentarzowy
    • Cg.18003
    • c
    • Sygnatura
    • Cg.65 (p.202)
    • d
    • Lokalizacja
    • BG Dział Udostępniania Biblioteka Główna
    • i
    • Nr tomu wydaw.cg
    • Nr 120 (1987)
    • p
    • Kod kreskowy
    • 2003000180039
    • r
    • Cena
    • 0.00
    • v
    • Data wprowadzenia opisu
    • 2017-04-06
    • y
    • Status udostępniania
    • Tylko na miejscu
952 -Egzemplarz [ , ]
    • a
    • Numer inwentarzowy
    • Fc.1237
    • c
    • Sygnatura
    • H.11
    • d
    • Lokalizacja
    • BNS Biblioteka Humanistyczna i Nauk Społecznych
    • i
    • Nr tomu wydaw.cg
    • Nr 120 (1987)
    • p
    • Kod kreskowy
    • 2003300012375
    • r
    • Cena
    • 0.00
    • v
    • Data wprowadzenia opisu
    • 2018-08-10
    • y
    • Status udostępniania
    • Tylko na miejscu
952 -Egzemplarz [ , ]
    • a
    • Numer inwentarzowy
    • Cg.18256
    • c
    • Sygnatura
    • Cg.65 (p.202)
    • d
    • Lokalizacja
    • BG Dział Udostępniania Biblioteka Główna
    • i
    • Nr tomu wydaw.cg
    • Nr 119 (1987)
    • p
    • Kod kreskowy
    • 2003000182569
    • r
    • Cena
    • 0.00
    • v
    • Data wprowadzenia opisu
    • 2017-04-06
    • y
    • Status udostępniania
    • Tylko na miejscu
952 -Egzemplarz [ , ]
    • a
    • Numer inwentarzowy
    • Pc.1081
    • c
    • Sygnatura
    • Pc.14/119
    • d
    • Lokalizacja
    • BM Biblioteka Międzywydziałowa
    • i
    • Nr tomu wydaw.cg
    • Nr 119 (1987)
    • p
    • Kod kreskowy
    • 2003900010818
    • r
    • Cena
    • 0.00
    • v
    • Data wprowadzenia opisu
    • 2018-08-10
    • y
    • Status udostępniania
    • Tylko na miejscu
952 -Egzemplarz [ , ]
    • a
    • Numer inwentarzowy
    • Cg.18938
    • c
    • Sygnatura
    • Cg.65 (p.202)
    • d
    • Lokalizacja
    • BG Dział Udostępniania Biblioteka Główna
    • i
    • Nr tomu wydaw.cg
    • Nr 117 (1987)
    • p
    • Kod kreskowy
    • 2003000189384
    • r
    • Cena
    • 0.00
    • v
    • Data wprowadzenia opisu
    • 2017-04-06
    • y
    • Status udostępniania
    • Tylko na miejscu
952 -Egzemplarz [ , ]
    • a
    • Numer inwentarzowy
    • Rc.371
    • c
    • Sygnatura
    • Pc.14/117
    • d
    • Lokalizacja
    • BM Biblioteka Międzywydziałowa
    • i
    • Nr tomu wydaw.cg
    • Nr 117 (1987)
    • p
    • Kod kreskowy
    • 2004100003716
    • r
    • Cena
    • 0.00
    • v
    • Data wprowadzenia opisu
    • 2018-03-05
    • y
    • Status udostępniania
    • Tylko na miejscu
952 -Egzemplarz [ , ]
    • a
    • Numer inwentarzowy
    • Cg.18244
    • c
    • Sygnatura
    • Cg.65 (p.202)
    • d
    • Lokalizacja
    • BG Dział Udostępniania Biblioteka Główna
    • i
    • Nr tomu wydaw.cg
    • Nr 116 (1987)
    • p
    • Kod kreskowy
    • 2003000182446
    • r
    • Cena
    • 0.00
    • v
    • Data wprowadzenia opisu
    • 2017-04-06
    • y
    • Status udostępniania
    • Tylko na miejscu
952 -Egzemplarz [ , ]
    • a
    • Numer inwentarzowy
    • Pc.1043
    • c
    • Sygnatura
    • Pc.14/116
    • d
    • Lokalizacja
    • BM Biblioteka Międzywydziałowa
    • i
    • Nr tomu wydaw.cg
    • Nr 116 (1987)
    • p
    • Kod kreskowy
    • 2003900010436
    • r
    • Cena
    • 0.00
    • v
    • Data wprowadzenia opisu
    • 2017-06-02
    • y
    • Status udostępniania
    • Tylko na miejscu
952 -Egzemplarz [ , ]
    • a
    • Numer inwentarzowy
    • Fc.955
    • c
    • Sygnatura
    • Hc.11
    • d
    • Lokalizacja
    • BNS Biblioteka Humanistyczna i Nauk Społecznych
    • i
    • Nr tomu wydaw.cg
    • Nr 114 (1986)
    • p
    • Kod kreskowy
    • 2003300009559
    • r
    • Cena
    • 0.00
    • v
    • Data wprowadzenia opisu
    • 2018-03-05
    • y
    • Status udostępniania
    • Tylko na miejscu
952 -Egzemplarz [ , ]
    • a
    • Numer inwentarzowy
    • Cg.18249
    • c
    • Sygnatura
    • Cg.65 (p.202)
    • d
    • Lokalizacja
    • BG Dział Udostępniania Biblioteka Główna
    • i
    • Nr tomu wydaw.cg
    • Nr 114 (1986)
    • p
    • Kod kreskowy
    • 2003000182491
    • r
    • Cena
    • 0.00
    • v
    • Data wprowadzenia opisu
    • 2017-04-06
    • y
    • Status udostępniania
    • Tylko na miejscu
952 -Egzemplarz [ , ]
    • a
    • Numer inwentarzowy
    • Cg.18224
    • c
    • Sygnatura
    • Cg.65 (p.202)
    • d
    • Lokalizacja
    • BG Dział Udostępniania Biblioteka Główna
    • i
    • Nr tomu wydaw.cg
    • Nr 113 (1987)
    • p
    • Kod kreskowy
    • 2003000182248
    • r
    • Cena
    • 0.00
    • v
    • Data wprowadzenia opisu
    • 2017-04-06
    • y
    • Status udostępniania
    • Tylko na miejscu
952 -Egzemplarz [ , ]
    • a
    • Numer inwentarzowy
    • Cg.18865
    • c
    • Sygnatura
    • Cg.65 (p.202)
    • d
    • Lokalizacja
    • BG Dział Udostępniania Biblioteka Główna
    • i
    • Nr tomu wydaw.cg
    • Nr 110 (1987)
    • p
    • Kod kreskowy
    • 2003000188653
    • r
    • Cena
    • 0.00
    • v
    • Data wprowadzenia opisu
    • 2017-04-06
    • y
    • Status udostępniania
    • Tylko na miejscu
952 -Egzemplarz [ , ]
    • a
    • Numer inwentarzowy
    • Rc.363
    • c
    • Sygnatura
    • Pc.14/110
    • d
    • Lokalizacja
    • BM Biblioteka Międzywydziałowa
    • i
    • Nr tomu wydaw.cg
    • Nr 110 (1987)
    • p
    • Kod kreskowy
    • 2004100003631
    • r
    • Cena
    • 0.00
    • v
    • Data wprowadzenia opisu
    • 2017-11-09
    • y
    • Status udostępniania
    • Tylko na miejscu
952 -Egzemplarz [ , ]
    • a
    • Numer inwentarzowy
    • Cg.18255
    • c
    • Sygnatura
    • Cg.65 (p.202)
    • d
    • Lokalizacja
    • BG Dział Udostępniania Biblioteka Główna
    • i
    • Nr tomu wydaw.cg
    • Nr 106 (1986)
    • p
    • Kod kreskowy
    • 2003000182552
    • r
    • Cena
    • 0.00
    • v
    • Data wprowadzenia opisu
    • 2017-04-06
    • y
    • Status udostępniania
    • Tylko na miejscu
952 -Egzemplarz [ , ]
    • a
    • Numer inwentarzowy
    • Pc.1044
    • c
    • Sygnatura
    • Pc.14/106
    • d
    • Lokalizacja
    • BM Biblioteka Międzywydziałowa
    • i
    • Nr tomu wydaw.cg
    • Nr 106 (1986)
    • p
    • Kod kreskowy
    • 2003900010443
    • r
    • Cena
    • 0.00
    • v
    • Data wprowadzenia opisu
    • 2018-08-10
    • y
    • Status udostępniania
    • Tylko na miejscu
952 -Egzemplarz [ , ]
    • a
    • Numer inwentarzowy
    • Cg.15595
    • c
    • Sygnatura
    • Cg.65 (p.202)
    • d
    • Lokalizacja
    • BG Dział Udostępniania Biblioteka Główna
    • i
    • Nr tomu wydaw.cg
    • Nr 105 (1985)
    • p
    • Kod kreskowy
    • 2003000155952
    • r
    • Cena
    • 0.00
    • v
    • Data wprowadzenia opisu
    • 2017-04-06
    • y
    • Status udostępniania
    • Tylko na miejscu
952 -Egzemplarz [ , ]
    • a
    • Numer inwentarzowy
    • Pdc.107
    • c
    • Sygnatura
    • Cg.65 (p.202)
    • d
    • Lokalizacja
    • BG Dział Udostępniania Biblioteka Główna
    • i
    • Nr tomu wydaw.cg
    • Nr 104 (1985)
    • p
    • Kod kreskowy
    • 2004000001072
    • r
    • Cena
    • 0.00
    • v
    • Data wprowadzenia opisu
    • 2017-04-05
    • y
    • Status udostępniania
    • Tylko na miejscu
952 -Egzemplarz [ , ]
    • a
    • Numer inwentarzowy
    • Cg.16207
    • c
    • Sygnatura
    • Cg.65 (p.202)
    • d
    • Lokalizacja
    • BG Dział Udostępniania Biblioteka Główna
    • i
    • Nr tomu wydaw.cg
    • Nr 103 (1985)
    • p
    • Kod kreskowy
    • 2003000162073
    • r
    • Cena
    • 0.00
    • v
    • Data wprowadzenia opisu
    • 2017-04-05
    • y
    • Status udostępniania
    • Tylko na miejscu
952 -Egzemplarz [ , ]
    • a
    • Numer inwentarzowy
    • Hc.43
    • c
    • Sygnatura
    • Hc.11
    • d
    • Lokalizacja
    • BNS Biblioteka Humanistyczna i Nauk Społecznych
    • i
    • Nr tomu wydaw.cg
    • Nr 103 (1985)
    • p
    • Kod kreskowy
    • 2003500000431
    • r
    • Cena
    • 0.00
    • v
    • Data wprowadzenia opisu
    • 2018-03-12
    • y
    • Status udostępniania
    • Tylko na miejscu
952 -Egzemplarz [ , ]
    • a
    • Numer inwentarzowy
    • Cg.15598
    • c
    • Sygnatura
    • Cg.65 (p.202)
    • d
    • Lokalizacja
    • BG Dział Udostępniania Biblioteka Główna
    • i
    • Nr tomu wydaw.cg
    • Nr 101 (1985)
    • p
    • Kod kreskowy
    • 2003000155983
    • r
    • Cena
    • 0.00
    • v
    • Data wprowadzenia opisu
    • 2017-04-05
    • y
    • Status udostępniania
    • Tylko na miejscu
952 -Egzemplarz [ , ]
    • a
    • Numer inwentarzowy
    • Rc.273
    • c
    • Sygnatura
    • Pc.14/101
    • d
    • Lokalizacja
    • BM Biblioteka Międzywydziałowa
    • i
    • Nr tomu wydaw.cg
    • Nr 101 (1985)
    • p
    • Kod kreskowy
    • 2004100002733
    • r
    • Cena
    • 0.00
    • v
    • Data wprowadzenia opisu
    • 2018-02-27
    • y
    • Status udostępniania
    • Tylko na miejscu
952 -Egzemplarz [ , ]
    • a
    • Numer inwentarzowy
    • Cg.15596
    • c
    • Sygnatura
    • Cg.65 (p.202)
    • d
    • Lokalizacja
    • BG Dział Udostępniania Biblioteka Główna
    • i
    • Nr tomu wydaw.cg
    • Nr 100 (1985)
    • p
    • Kod kreskowy
    • 2003000155969
    • r
    • Cena
    • 0.00
    • v
    • Data wprowadzenia opisu
    • 2017-04-05
    • y
    • Status udostępniania
    • Tylko na miejscu
952 -Egzemplarz [ , ]
    • a
    • Numer inwentarzowy
    • Rc.272
    • c
    • Sygnatura
    • Pc.14/100
    • d
    • Lokalizacja
    • BM Biblioteka Międzywydziałowa
    • i
    • Nr tomu wydaw.cg
    • Nr 100 (1985)
    • p
    • Kod kreskowy
    • 2004100002726
    • r
    • Cena
    • 0.00
    • v
    • Data wprowadzenia opisu
    • 2018-03-12
    • y
    • Status udostępniania
    • Tylko na miejscu
952 -Egzemplarz [ , ]
    • a
    • Numer inwentarzowy
    • Pc.720
    • c
    • Sygnatura
    • Pc.14/99
    • d
    • Lokalizacja
    • BM Biblioteka Międzywydziałowa
    • i
    • Nr tomu wydaw.cg
    • Nr 99 (1985)
    • p
    • Kod kreskowy
    • 2003900007207
    • r
    • Cena
    • 0.00
    • v
    • Data wprowadzenia opisu
    • 2017-11-09
    • y
    • Status udostępniania
    • Tylko na miejscu
952 -Egzemplarz [ , ]
    • a
    • Numer inwentarzowy
    • Cg.15597
    • c
    • Sygnatura
    • Cg.65 (p.202)
    • d
    • Lokalizacja
    • BG Dział Udostępniania Biblioteka Główna
    • i
    • Nr tomu wydaw.cg
    • Nr 99 (1985)
    • p
    • Kod kreskowy
    • 2003000155976
    • r
    • Cena
    • 0.00
    • v
    • Data wprowadzenia opisu
    • 2017-04-05
    • y
    • Status udostępniania
    • Tylko na miejscu
952 -Egzemplarz [ , ]
    • a
    • Numer inwentarzowy
    • Pc.652
    • c
    • Sygnatura
    • Pc.14/67
    • d
    • Lokalizacja
    • BM Biblioteka Międzywydziałowa
    • i
    • Nr tomu wydaw.cg
    • Nr 67 (1979)
    • p
    • Kod kreskowy
    • 2003900006521
    • r
    • Cena
    • 0.00
    • v
    • Data wprowadzenia opisu
    • 2018-08-10
    • y
    • Status udostępniania
    • Tylko na miejscu
952 -Egzemplarz [ , ]
    • a
    • Numer inwentarzowy
    • Cg.13209
    • c
    • Sygnatura
    • Cg.65 (p.202)
    • d
    • Lokalizacja
    • BG Dział Udostępniania Biblioteka Główna
    • i
    • Nr tomu wydaw.cg
    • Nr 98 (1984)
    • p
    • Kod kreskowy
    • 2003000132090
    • r
    • Cena
    • 0.00
    • v
    • Data wprowadzenia opisu
    • 2017-04-05
    • y
    • Status udostępniania
    • Tylko na miejscu
952 -Egzemplarz [ , ]
    • a
    • Numer inwentarzowy
    • W.130655
    • c
    • Sygnatura
    • W.16418
    • d
    • Lokalizacja
    • BG Dział Udostępniania Biblioteka Główna
    • i
    • Nr tomu wydaw.cg
    • Nr 95 (1985)
    • p
    • Kod kreskowy
    • 2000101306559
    • r
    • Cena
    • 0.00
    • y
    • Status udostępniania
    • miesięczne
952 -Egzemplarz [ , ]
    • a
    • Numer inwentarzowy
    • Cg.15594
    • c
    • Sygnatura
    • Cg.65
    • d
    • Lokalizacja
    • BG Dział Udostępniania Biblioteka Główna
    • i
    • Nr tomu wydaw.cg
    • Nr 95 (1985)
    • p
    • Kod kreskowy
    • 2003000155945
    • r
    • Cena
    • 0.00
    • v
    • Data wprowadzenia opisu
    • 2018-02-26
    • y
    • Status udostępniania
    • Niedostępne
952 -Egzemplarz [ , ]
    • a
    • Numer inwentarzowy
    • Hc.11
    • c
    • Sygnatura
    • Hc.11
    • d
    • Lokalizacja
    • BNS Biblioteka Humanistyczna i Nauk Społecznych
    • i
    • Nr tomu wydaw.cg
    • Nr 95 (1985)
    • p
    • Kod kreskowy
    • 2003500000110
    • r
    • Cena
    • 0.00
    • y
    • Status udostępniania
    • Tylko na miejscu
952 -Egzemplarz [ , ]
    • a
    • Numer inwentarzowy
    • W.148706
    • d
    • Lokalizacja
    • BG Dział Udostępniania Biblioteka Główna
    • i
    • Nr tomu wydaw.cg
    • Nr 127 (1986)
    • p
    • Kod kreskowy
    • 2000101487067
    • r
    • Cena
    • 0.00
    • y
    • Status udostępniania
    • miesięczne
952 -Egzemplarz [ , ]
    • a
    • Numer inwentarzowy
    • Cg.18254
    • c
    • Sygnatura
    • Cg.65 (p.202)
    • d
    • Lokalizacja
    • BG Dział Udostępniania Biblioteka Główna
    • i
    • Nr tomu wydaw.cg
    • Nr 127 (1986)
    • p
    • Kod kreskowy
    • 2003000182545
    • r
    • Cena
    • 0.00
    • y
    • Status udostępniania
    • Tylko na miejscu
952 -Egzemplarz [ , ]
    • a
    • Numer inwentarzowy
    • Cg.13117
    • c
    • Sygnatura
    • Cg.65 (p.202)
    • d
    • Lokalizacja
    • BG Dział Udostępniania Biblioteka Główna
    • i
    • Nr tomu wydaw.cg
    • Nr 97 (1984)
    • p
    • Kod kreskowy
    • 2003000131178
    • r
    • Cena
    • 0.00
    • v
    • Data wprowadzenia opisu
    • 2017-04-05
    • y
    • Status udostępniania
    • Tylko na miejscu
952 -Egzemplarz [ , ]
    • a
    • Numer inwentarzowy
    • W.127895
    • d
    • Lokalizacja
    • BG Dział Udostępniania Biblioteka Główna
    • i
    • Nr tomu wydaw.cg
    • Nr 96 (1984)
    • p
    • Kod kreskowy
    • 2000101278955
    • r
    • Cena
    • 0.00
    • y
    • Status udostępniania
    • miesięczne
952 -Egzemplarz [ , ]
    • a
    • Numer inwentarzowy
    • Cg.15599
    • c
    • Sygnatura
    • Cg.65 (p.202)
    • d
    • Lokalizacja
    • BG Dział Udostępniania Biblioteka Główna
    • e
    • Akcesja
    • 00
    • i
    • Nr tomu wydaw.cg
    • Nr 96 (1984)
    • p
    • Kod kreskowy
    • 2003000155990
    • r
    • Cena
    • 0.00
    • v
    • Data wprowadzenia opisu
    • 2015-06-17
    • w
    • Data inwentaryzacji
    • 2015-06-17
    • y
    • Status udostępniania
    • Tylko na miejscu
952 -Egzemplarz [ , ]
    • a
    • Numer inwentarzowy
    • Rc.274
    • c
    • Sygnatura
    • Pc.14/96
    • d
    • Lokalizacja
    • BM Biblioteka Międzywydziałowa
    • i
    • Nr tomu wydaw.cg
    • Nr 96 (1984)
    • p
    • Kod kreskowy
    • 2004100002740
    • r
    • Cena
    • 0.00
    • v
    • Data wprowadzenia opisu
    • 2019-08-08
    • y
    • Status udostępniania
    • Tylko na miejscu
952 -Egzemplarz [ , ]
    • a
    • Numer inwentarzowy
    • Pc.650
    • c
    • Sygnatura
    • Pc.14/93
    • d
    • Lokalizacja
    • BM Biblioteka Międzywydziałowa
    • i
    • Nr tomu wydaw.cg
    • Nr 93 (1984)
    • p
    • Kod kreskowy
    • 2003900006507
    • r
    • Cena
    • 0.00
    • v
    • Data wprowadzenia opisu
    • 2018-08-10
    • y
    • Status udostępniania
    • Tylko na miejscu
952 -Egzemplarz [ , ]
    • a
    • Numer inwentarzowy
    • Cg.13020
    • c
    • Sygnatura
    • Cg.65 (p.202)
    • d
    • Lokalizacja
    • BG Dział Udostępniania Biblioteka Główna
    • i
    • Nr tomu wydaw.cg
    • Nr 93 (1984)
    • p
    • Kod kreskowy
    • 2003000130201
    • r
    • Cena
    • 0.00
    • v
    • Data wprowadzenia opisu
    • 2017-04-05
    • y
    • Status udostępniania
    • Tylko na miejscu
952 -Egzemplarz [ , ]
    • a
    • Numer inwentarzowy
    • Pc.607
    • c
    • Sygnatura
    • Pc.14/81
    • d
    • Lokalizacja
    • BM Biblioteka Międzywydziałowa
    • i
    • Nr tomu wydaw.cg
    • Nr 81 (1983)
    • p
    • Kod kreskowy
    • 2003900006071
    • r
    • Cena
    • 0.00
    • y
    • Status udostępniania
    • Tylko na miejscu
952 -Egzemplarz [ , ]
    • a
    • Numer inwentarzowy
    • W.113090
    • c
    • Sygnatura
    • W.16418
    • d
    • Lokalizacja
    • BG Dział Udostępniania Biblioteka Główna
    • i
    • Nr tomu wydaw.cg
    • Nr 81 (1983)
    • p
    • Kod kreskowy
    • 2000101130901
    • r
    • Cena
    • 0.00
    • y
    • Status udostępniania
    • miesięczne
952 -Egzemplarz [ , ]
    • a
    • Numer inwentarzowy
    • W.113807
    • c
    • Sygnatura
    • W.16418
    • d
    • Lokalizacja
    • BG Dział Udostępniania Biblioteka Główna
    • i
    • Nr tomu wydaw.cg
    • Nr 81 (1983)
    • p
    • Kod kreskowy
    • 2000101138075
    • r
    • Cena
    • 0.00
    • y
    • Status udostępniania
    • miesięczne
952 -Egzemplarz [ , ]
    • a
    • Numer inwentarzowy
    • Cg.12984
    • c
    • Sygnatura
    • Cg.65 (p.202)
    • d
    • Lokalizacja
    • BG Dział Udostępniania Biblioteka Główna
    • i
    • Nr tomu wydaw.cg
    • Nr 81 (1983)
    • p
    • Kod kreskowy
    • 2003000129847
    • r
    • Cena
    • 0.00
    • y
    • Status udostępniania
    • Tylko na miejscu
952 -Egzemplarz [ , ]
    • a
    • Numer inwentarzowy
    • W.113806
    • d
    • Lokalizacja
    • BG Dział Udostępniania Biblioteka Główna
    • e
    • Akcesja
    • 02d560/14
    • i
    • Nr tomu wydaw.cg
    • Nr 85 (1983)
    • p
    • Kod kreskowy
    • 2000101138068
    • r
    • Cena
    • 15.0
    • w
    • Data inwentaryzacji
    • 2004-01-30
    • y
    • Status udostępniania
    • miesięczne
952 -Egzemplarz [ , ]
    • a
    • Numer inwentarzowy
    • Cg.12666
    • c
    • Sygnatura
    • Cg.65 (p.202)
    • d
    • Lokalizacja
    • BG Dział Udostępniania Biblioteka Główna
    • e
    • Akcesja
    • 02d560/14
    • i
    • Nr tomu wydaw.cg
    • Nr 85 (1983)
    • p
    • Kod kreskowy
    • 2003000126662
    • r
    • Cena
    • 15.0
    • w
    • Data inwentaryzacji
    • 2004-01-30
    • y
    • Status udostępniania
    • Tylko na miejscu
952 -Egzemplarz [ , ]
    • a
    • Numer inwentarzowy
    • Cg.14181
    • c
    • Sygnatura
    • Cg.65 (p.202)
    • d
    • Lokalizacja
    • BG Dział Udostępniania Biblioteka Główna
    • i
    • Nr tomu wydaw.cg
    • Nr 94 (1984)
    • p
    • Kod kreskowy
    • 2003000141818
    • r
    • Cena
    • 0.00
    • v
    • Data wprowadzenia opisu
    • 2017-04-05
    • y
    • Status udostępniania
    • Tylko na miejscu
952 -Egzemplarz [ , ]
    • a
    • Numer inwentarzowy
    • Cg.12948
    • c
    • Sygnatura
    • Cg.65 (p.202)
    • d
    • Lokalizacja
    • BG Dział Udostępniania Biblioteka Główna
    • i
    • Nr tomu wydaw.cg
    • Nr 92 (1983)
    • p
    • Kod kreskowy
    • 2003000129489
    • r
    • Cena
    • 0.00
    • v
    • Data wprowadzenia opisu
    • 2017-04-05
    • y
    • Status udostępniania
    • Tylko na miejscu
952 -Egzemplarz [ , ]
    • a
    • Numer inwentarzowy
    • Cg.13118
    • c
    • Sygnatura
    • Cg.65 (p.202)
    • d
    • Lokalizacja
    • BG Dział Udostępniania Biblioteka Główna
    • i
    • Nr tomu wydaw.cg
    • Nr 91 (1984)
    • p
    • Kod kreskowy
    • 2003000131185
    • r
    • Cena
    • 0.00
    • v
    • Data wprowadzenia opisu
    • 2017-04-05
    • y
    • Status udostępniania
    • Tylko na miejscu
952 -Egzemplarz [ , ]
    • a
    • Numer inwentarzowy
    • Cg.12967
    • c
    • Sygnatura
    • Cg.65 (p.202)
    • d
    • Lokalizacja
    • BG Dział Udostępniania Biblioteka Główna
    • i
    • Nr tomu wydaw.cg
    • Nr 89 (1983)
    • p
    • Kod kreskowy
    • 2003000129670
    • r
    • Cena
    • 0.00
    • v
    • Data wprowadzenia opisu
    • 2017-04-05
    • y
    • Status udostępniania
    • Tylko na miejscu
952 -Egzemplarz [ , ]
    • a
    • Numer inwentarzowy
    • Cg.12665
    • c
    • Sygnatura
    • Cg.65 (p.202)
    • d
    • Lokalizacja
    • BG Dział Udostępniania Biblioteka Główna
    • i
    • Nr tomu wydaw.cg
    • Nr 88 (1983)
    • p
    • Kod kreskowy
    • 2003000126655
    • r
    • Cena
    • 0.00
    • v
    • Data wprowadzenia opisu
    • 2017-04-05
    • y
    • Status udostępniania
    • Tylko na miejscu
952 -Egzemplarz [ , ]
    • a
    • Numer inwentarzowy
    • Cg.12709
    • c
    • Sygnatura
    • Cg.65 (p.202)
    • d
    • Lokalizacja
    • BG Dział Udostępniania Biblioteka Główna
    • i
    • Nr tomu wydaw.cg
    • Nr 87 (1983)
    • p
    • Kod kreskowy
    • 2003000127096
    • r
    • Cena
    • 0.00
    • v
    • Data wprowadzenia opisu
    • 2017-04-05
    • y
    • Status udostępniania
    • Tylko na miejscu
952 -Egzemplarz [ , ]
    • a
    • Numer inwentarzowy
    • W.120724
    • d
    • Lokalizacja
    • BG Dział Udostępniania Biblioteka Główna
    • i
    • Nr tomu wydaw.cg
    • Nr 90 (1984)
    • p
    • Kod kreskowy
    • 2000101207245
    • r
    • Cena
    • 0.00
    • y
    • Status udostępniania
    • miesięczne
952 -Egzemplarz [ , ]
    • a
    • Numer inwentarzowy
    • Cg.14184
    • c
    • Sygnatura
    • Cg.65 (p.202)
    • d
    • Lokalizacja
    • BG Dział Udostępniania Biblioteka Główna
    • e
    • Akcesja
    • 00
    • i
    • Nr tomu wydaw.cg
    • Nr 90 (1984)
    • p
    • Kod kreskowy
    • 2003000141849
    • r
    • Cena
    • 0.00
    • v
    • Data wprowadzenia opisu
    • 2015-06-17
    • w
    • Data inwentaryzacji
    • 2015-06-17
    • y
    • Status udostępniania
    • Tylko na miejscu
952 -Egzemplarz [ , ]
    • a
    • Numer inwentarzowy
    • Cg.12319
    • c
    • Sygnatura
    • Cg.65 (p.202)
    • d
    • Lokalizacja
    • BG Dział Udostępniania Biblioteka Główna
    • i
    • Nr tomu wydaw.cg
    • Nr 84 (1983)
    • p
    • Kod kreskowy
    • 2003000123197
    • r
    • Cena
    • 0.00
    • v
    • Data wprowadzenia opisu
    • 2017-04-05
    • y
    • Status udostępniania
    • Tylko na miejscu
952 -Egzemplarz [ , ]
    • a
    • Numer inwentarzowy
    • Cg.11236
    • c
    • Sygnatura
    • Cg.65 (p.202)
    • d
    • Lokalizacja
    • BG Dział Udostępniania Biblioteka Główna
    • i
    • Nr tomu wydaw.cg
    • Nr 83 (1982)
    • p
    • Kod kreskowy
    • 2003000112368
    • r
    • Cena
    • 0.00
    • v
    • Data wprowadzenia opisu
    • 2017-04-05
    • y
    • Status udostępniania
    • Tylko na miejscu
952 -Egzemplarz [ , ]
    • a
    • Numer inwentarzowy
    • Cg.11231
    • c
    • Sygnatura
    • Cg.65 (.202)
    • d
    • Lokalizacja
    • BG Dział Udostępniania Biblioteka Główna
    • i
    • Nr tomu wydaw.cg
    • Nr 79 (1981)
    • p
    • Kod kreskowy
    • 2003000112313
    • r
    • Cena
    • 0.00
    • v
    • Data wprowadzenia opisu
    • 2017-04-05
    • y
    • Status udostępniania
    • Tylko na miejscu
952 -Egzemplarz [ , ]
    • a
    • Numer inwentarzowy
    • Cg.11109
    • c
    • Sygnatura
    • Cg.65 (p.202)
    • d
    • Lokalizacja
    • BG Dział Udostępniania Biblioteka Główna
    • i
    • Nr tomu wydaw.cg
    • Nr 73 (1980)
    • p
    • Kod kreskowy
    • 2003000111095
    • r
    • Cena
    • 0.00
    • v
    • Data wprowadzenia opisu
    • 2017-04-05
    • y
    • Status udostępniania
    • Tylko na miejscu
952 -Egzemplarz [ , ]
    • a
    • Numer inwentarzowy
    • Cg.10330
    • c
    • Sygnatura
    • Cg.65 (p.202)
    • d
    • Lokalizacja
    • BG Dział Udostępniania Biblioteka Główna
    • i
    • Nr tomu wydaw.cg
    • Nr 71 (1980)
    • p
    • Kod kreskowy
    • 2003000103304
    • r
    • Cena
    • 0.00
    • v
    • Data wprowadzenia opisu
    • 2017-04-04
    • y
    • Status udostępniania
    • Tylko na miejscu
952 -Egzemplarz [ , ]
    • a
    • Numer inwentarzowy
    • Pc.649
    • c
    • Sygnatura
    • Pc.14/71
    • d
    • Lokalizacja
    • BM Biblioteka Międzywydziałowa
    • i
    • Nr tomu wydaw.cg
    • Nr 71 (1980)
    • p
    • Kod kreskowy
    • 2003900006491
    • r
    • Cena
    • 0.00
    • v
    • Data wprowadzenia opisu
    • 2018-02-27
    • y
    • Status udostępniania
    • Tylko na miejscu
952 -Egzemplarz [ , ]
    • a
    • Numer inwentarzowy
    • Cg.11203
    • c
    • Sygnatura
    • Cg.65 (p.202)
    • d
    • Lokalizacja
    • BG Dział Udostępniania Biblioteka Główna
    • i
    • Nr tomu wydaw.cg
    • Nr 66 (1981)
    • p
    • Kod kreskowy
    • 2003000112030
    • r
    • Cena
    • 0.00
    • v
    • Data wprowadzenia opisu
    • 2017-04-04
    • y
    • Status udostępniania
    • Tylko na miejscu
952 -Egzemplarz [ , ]
    • a
    • Numer inwentarzowy
    • Cg.21924
    • c
    • Sygnatura
    • Cg.65 (p.202)
    • d
    • Lokalizacja
    • BG Dział Udostępniania Biblioteka Główna
    • i
    • Nr tomu wydaw.cg
    • Nr 166 (1990)
    • p
    • Kod kreskowy
    • 2003000219241
    • r
    • Cena
    • 0.00
    • v
    • Data wprowadzenia opisu
    • 2017-02-22
    • y
    • Status udostępniania
    • Tylko na miejscu
952 -Egzemplarz [ , ]
    • a
    • Numer inwentarzowy
    • Pc.1422
    • c
    • Sygnatura
    • Pc.14/166
    • d
    • Lokalizacja
    • BM Biblioteka Międzywydziałowa
    • i
    • Nr tomu wydaw.cg
    • Nr 166 (1990)
    • p
    • Kod kreskowy
    • 2003900014229
    • r
    • Cena
    • 0.00
    • v
    • Data wprowadzenia opisu
    • 2017-02-22
    • y
    • Status udostępniania
    • Tylko na miejscu
952 -Egzemplarz [ , ]
    • a
    • Numer inwentarzowy
    • Cg.12964
    • c
    • Sygnatura
    • Cg.65 (p.202)
    • d
    • Lokalizacja
    • BG Dział Udostępniania Biblioteka Główna
    • i
    • Nr tomu wydaw.cg
    • Nr 82 (1983)
    • p
    • Kod kreskowy
    • 2003000129649
    • r
    • Cena
    • 0.00
    • v
    • Data wprowadzenia opisu
    • 2017-02-22
    • y
    • Status udostępniania
    • Tylko na miejscu
952 -Egzemplarz [ , ]
    • a
    • Numer inwentarzowy
    • Pc.593
    • c
    • Sygnatura
    • Pc.14/82
    • d
    • Lokalizacja
    • BM Biblioteka Międzywydziałowa
    • i
    • Nr tomu wydaw.cg
    • Nr 82 (1983)
    • p
    • Kod kreskowy
    • 2003900005937
    • r
    • Cena
    • 0.00
    • v
    • Data wprowadzenia opisu
    • 2017-02-22
    • y
    • Status udostępniania
    • Tylko na miejscu
952 -Egzemplarz [ , ]
    • a
    • Numer inwentarzowy
    • Cg.8074
    • c
    • Sygnatura
    • Cg.65 (p.202)
    • d
    • Lokalizacja
    • BG Dział Udostępniania Biblioteka Główna
    • i
    • Nr tomu wydaw.cg
    • Nr 64 (1979)
    • p
    • Kod kreskowy
    • 2003000080742
    • r
    • Cena
    • 0.00
    • v
    • Data wprowadzenia opisu
    • 2017-01-05
    • y
    • Status udostępniania
    • Tylko na miejscu
952 -Egzemplarz [ , ]
    • a
    • Numer inwentarzowy
    • Nc.1717
    • c
    • Sygnatura
    • Nc.1880
    • d
    • Lokalizacja
    • BG Dział Udostępniania Biblioteka Główna
    • i
    • Nr tomu wydaw.cg
    • Nr 69 (1980)
    • p
    • Kod kreskowy
    • 2004400017178
    • r
    • Cena
    • 0.00
    • y
    • Status udostępniania
    • Tylko na miejscu
952 -Egzemplarz [ , ]
    • a
    • Numer inwentarzowy
    • Cg.10332
    • c
    • Sygnatura
    • Cg.65 (p.202)
    • d
    • Lokalizacja
    • BG Dział Udostępniania Biblioteka Główna
    • e
    • Akcesja
    • 00
    • i
    • Nr tomu wydaw.cg
    • Nr 74 (1981)
    • p
    • Kod kreskowy
    • 2003000103328
    • r
    • Cena
    • 0.00
    • v
    • Data wprowadzenia opisu
    • 2016-09-08
    • y
    • Status udostępniania
    • Tylko na miejscu
952 -Egzemplarz [ , ]
    • a
    • Numer inwentarzowy
    • Cg.11339
    • c
    • Sygnatura
    • Cg.65 (p.202)
    • d
    • Lokalizacja
    • BG Dział Udostępniania Biblioteka Główna
    • i
    • Nr tomu wydaw.cg
    • Nr 86 (1982)
    • p
    • Kod kreskowy
    • 2003000113396
    • r
    • Cena
    • 0.00
    • v
    • Data wprowadzenia opisu
    • 2017-04-05
    • y
    • Status udostępniania
    • Tylko na miejscu
952 -Egzemplarz [ , ]
    • a
    • Numer inwentarzowy
    • ANS.153438
    • c
    • Sygnatura
    • 33PL.22/B-64
    • d
    • Lokalizacja
    • BNS Biblioteka Humanistyczna i Nauk Społecznych
    • i
    • Nr tomu wydaw.cg
    • Nr 86 (1982)
    • p
    • Kod kreskowy
    • 2004601534382
    • r
    • Cena
    • 0.00
    • v
    • Data wprowadzenia opisu
    • 2016-10-22
    • y
    • Status udostępniania
    • Tylko na miejscu
952 -Egzemplarz [ , ]
    • a
    • Numer inwentarzowy
    • W.106967
    • d
    • Lokalizacja
    • BG Dział Udostępniania Biblioteka Główna
    • i
    • Nr tomu wydaw.cg
    • Nr 77 (1982)
    • p
    • Kod kreskowy
    • 2000101069676
    • r
    • Cena
    • 0.00
    • y
    • Status udostępniania
    • miesięczne
952 -Egzemplarz [ , ]
    • a
    • Numer inwentarzowy
    • W.107375
    • d
    • Lokalizacja
    • BG Dział Udostępniania Biblioteka Główna
    • i
    • Nr tomu wydaw.cg
    • Nr 77 (1982)
    • p
    • Kod kreskowy
    • 2000101073758
    • r
    • Cena
    • 0.00
    • y
    • Status udostępniania
    • miesięczne
952 -Egzemplarz [ , ]
    • a
    • Numer inwentarzowy
    • Cg.11318
    • c
    • Sygnatura
    • Cg.65 (p.202)
    • d
    • Lokalizacja
    • BG Dział Udostępniania Biblioteka Główna
    • i
    • Nr tomu wydaw.cg
    • Nr 77 (1982)
    • p
    • Kod kreskowy
    • 2003000113181
    • r
    • Cena
    • 0.00
    • y
    • Status udostępniania
    • Tylko na miejscu
952 -Egzemplarz [ , ]
    • a
    • Numer inwentarzowy
    • Pc.459
    • c
    • Sygnatura
    • Pc.14/77
    • d
    • Lokalizacja
    • BM Biblioteka Międzywydziałowa
    • i
    • Nr tomu wydaw.cg
    • Nr 77 (1982)
    • p
    • Kod kreskowy
    • 2003900004596
    • r
    • Cena
    • 0.00
    • v
    • Data wprowadzenia opisu
    • 2019-08-08
    • y
    • Status udostępniania
    • Tylko na miejscu
952 -Egzemplarz [ , ]
    • a
    • Numer inwentarzowy
    • Cg.11235
    • c
    • Sygnatura
    • Cg.65 (p.202)
    • d
    • Lokalizacja
    • BG Dział Udostępniania Biblioteka Główna
    • e
    • Akcesja
    • 00
    • i
    • Nr tomu wydaw.cg
    • Nr 75 (1982)
    • p
    • Kod kreskowy
    • 2003000112351
    • r
    • Cena
    • 0.00
    • v
    • Data wprowadzenia opisu
    • 2015-06-16
    • w
    • Data inwentaryzacji
    • 2015-06-16
    • y
    • Status udostępniania
    • Tylko na miejscu
952 -Egzemplarz [ , ]
    • a
    • Numer inwentarzowy
    • W.107374
    • c
    • Sygnatura
    • W.107374
    • d
    • Lokalizacja
    • BG Dział Udostępniania Biblioteka Główna
    • e
    • Akcesja
    • 00
    • i
    • Nr tomu wydaw.cg
    • Nr 75 (1982)
    • p
    • Kod kreskowy
    • 2000101073741
    • r
    • Cena
    • 0.00
    • v
    • Data wprowadzenia opisu
    • 2020-09-01
    • y
    • Status udostępniania
    • miesięczne
952 -Egzemplarz [ , ]
    • a
    • Numer inwentarzowy
    • W.163146
    • d
    • Lokalizacja
    • BG Dział Udostępniania Biblioteka Główna
    • i
    • Nr tomu wydaw.cg
    • Nr 115 (1988)
    • p
    • Kod kreskowy
    • 2000101631460
    • r
    • Cena
    • 0.00
    • y
    • Status udostępniania
    • miesięczne
952 -Egzemplarz [ , ]
    • a
    • Numer inwentarzowy
    • Cg.19831
    • c
    • Sygnatura
    • Cg.65 (p.202)
    • d
    • Lokalizacja
    • BG Dział Udostępniania Biblioteka Główna
    • i
    • Nr tomu wydaw.cg
    • Nr 115 (1988)
    • p
    • Kod kreskowy
    • 2003000198317
    • r
    • Cena
    • 0.00
    • v
    • Data wprowadzenia opisu
    • 2017-04-06
    • y
    • Status udostępniania
    • Tylko na miejscu
952 -Egzemplarz [ , ]
    • a
    • Numer inwentarzowy
    • W.167822
    • d
    • Lokalizacja
    • BG Dział Udostępniania Biblioteka Główna
    • i
    • Nr tomu wydaw.cg
    • Nr 151 (1989)
    • p
    • Kod kreskowy
    • 2000101678229
    • r
    • Cena
    • 0.00
    • v
    • Data wprowadzenia opisu
    • 2009-07-31
    • y
    • Status udostępniania
    • miesięczne
952 -Egzemplarz [ , ]
    • a
    • Numer inwentarzowy
    • W.169048
    • d
    • Lokalizacja
    • BG Dział Udostępniania Biblioteka Główna
    • i
    • Nr tomu wydaw.cg
    • Nr 162 (1990)
    • p
    • Kod kreskowy
    • 2000101690481
    • r
    • Cena
    • 0.00
    • y
    • Status udostępniania
    • miesięczne
952 -Egzemplarz [ , ]
    • a
    • Numer inwentarzowy
    • Cg.21922
    • c
    • Sygnatura
    • Cg.65 (p.202)
    • d
    • Lokalizacja
    • BG Dział Udostępniania Biblioteka Główna
    • i
    • Nr tomu wydaw.cg
    • Nr 162 (1990)
    • p
    • Kod kreskowy
    • 2003000219227
    • r
    • Cena
    • 0.00
    • y
    • Status udostępniania
    • Tylko na miejscu
952 -Egzemplarz [ , ]
    • a
    • Numer inwentarzowy
    • W.178348
    • d
    • Lokalizacja
    • BG Dział Udostępniania Biblioteka Główna
    • i
    • Nr tomu wydaw.cg
    • Nr 168 (1991)
    • p
    • Kod kreskowy
    • 2000101783480
    • r
    • Cena
    • 0.00
    • y
    • Status udostępniania
    • miesięczne
952 -Egzemplarz [ , ]
    • a
    • Numer inwentarzowy
    • Cg.23815
    • c
    • Sygnatura
    • Cg.65 (p.202)
    • d
    • Lokalizacja
    • BG Dział Udostępniania Biblioteka Główna
    • i
    • Nr tomu wydaw.cg
    • Nr 168 (1991)
    • p
    • Kod kreskowy
    • 2003000238150
    • r
    • Cena
    • 0.00
    • y
    • Status udostępniania
    • Tylko na miejscu
952 -Egzemplarz [ , ]
    • a
    • Numer inwentarzowy
    • W.179606
    • d
    • Lokalizacja
    • BG Dział Udostępniania Biblioteka Główna
    • i
    • Nr tomu wydaw.cg
    • Nr 199 (1992)
    • p
    • Kod kreskowy
    • 2000101796060
    • r
    • Cena
    • 0.00
    • y
    • Status udostępniania
    • miesięczne
952 -Egzemplarz [ , ]
    • a
    • Numer inwentarzowy
    • Cg.24351
    • c
    • Sygnatura
    • Cg.65 (p.202)
    • d
    • Lokalizacja
    • BG Dział Udostępniania Biblioteka Główna
    • i
    • Nr tomu wydaw.cg
    • Nr 199 (1992)
    • p
    • Kod kreskowy
    • 2003000243512
    • r
    • Cena
    • 0.00
    • y
    • Status udostępniania
    • Tylko na miejscu
952 -Egzemplarz [ , ]
    • a
    • Numer inwentarzowy
    • Fc.2477
    • c
    • Sygnatura
    • Hc.11
    • d
    • Lokalizacja
    • BNS Biblioteka Humanistyczna i Nauk Społecznych
    • i
    • Nr tomu wydaw.cg
    • Nr 199 (1992)
    • p
    • Kod kreskowy
    • 2003300024774
    • r
    • Cena
    • 0.00
    • y
    • Status udostępniania
    • Tylko na miejscu
952 -Egzemplarz [ , ]
    • a
    • Numer inwentarzowy
    • Cg.24928
    • c
    • Sygnatura
    • Cg.65 (p.202)
    • d
    • Lokalizacja
    • BG Dział Udostępniania Biblioteka Główna
    • i
    • Nr tomu wydaw.cg
    • Nr 205 (1993)
    • p
    • Kod kreskowy
    • 2003000249286
    • r
    • Cena
    • 0.00
    • y
    • Status udostępniania
    • Tylko na miejscu
952 -Egzemplarz [ , ]
    • a
    • Numer inwentarzowy
    • Pc.1846
    • c
    • Sygnatura
    • Pc.14/205
    • d
    • Lokalizacja
    • BM Biblioteka Międzywydziałowa
    • i
    • Nr tomu wydaw.cg
    • Nr 205 (1993)
    • p
    • Kod kreskowy
    • 2003900018463
    • r
    • Cena
    • 0.00
    • y
    • Status udostępniania
    • Tylko na miejscu
952 -Egzemplarz [ , ]
    • a
    • Numer inwentarzowy
    • Cg.25180
    • c
    • Sygnatura
    • Cg.65 (p.202)
    • d
    • Lokalizacja
    • BG Dział Udostępniania Biblioteka Główna
    • i
    • Nr tomu wydaw.cg
    • Nr 214 (1994)
    • p
    • Kod kreskowy
    • 2003000251807
    • r
    • Cena
    • 0.0
    • w
    • Data inwentaryzacji
    • 1999-03-10
    • y
    • Status udostępniania
    • Tylko na miejscu
952 -Egzemplarz [ , ]
    • a
    • Numer inwentarzowy
    • Nc.8186
    • c
    • Sygnatura
    • Nc.1880
    • d
    • Lokalizacja
    • BG Dział Udostępniania Biblioteka Główna
    • e
    • Akcesja
    • 94w258
    • i
    • Nr tomu wydaw.cg
    • Nr 210 (1994)
    • p
    • Kod kreskowy
    • 2004400081865
    • r
    • Cena
    • 0.0
    • w
    • Data inwentaryzacji
    • 1999-03-10
    • y
    • Status udostępniania
    • Tylko na miejscu
952 -Egzemplarz [ , ]
    • a
    • Numer inwentarzowy
    • Pdc.1804
    • c
    • Sygnatura
    • Cg.65 (p.202)
    • d
    • Lokalizacja
    • BG Dział Udostępniania Biblioteka Główna
    • e
    • Akcesja
    • 94w169
    • i
    • Nr tomu wydaw.cg
    • Nr 211 (1994)
    • p
    • Kod kreskowy
    • 2004000018049
    • r
    • Cena
    • 0.0
    • w
    • Data inwentaryzacji
    • 1999-03-10
    • y
    • Status udostępniania
    • Tylko na miejscu
952 -Egzemplarz [ , ]
    • a
    • Numer inwentarzowy
    • Pc.1924
    • c
    • Sygnatura
    • Pc.14/60
    • d
    • Lokalizacja
    • BM Biblioteka Międzywydziałowa
    • i
    • Nr tomu wydaw.cg
    • Nr 60 (1978)
    • p
    • Kod kreskowy
    • 2003900019248
    • r
    • Cena
    • 0.0
    • w
    • Data inwentaryzacji
    • 1999-03-10
    • y
    • Status udostępniania
    • Tylko na miejscu
952 -Egzemplarz [ , ]
    • a
    • Numer inwentarzowy
    • Cg.11106
    • c
    • Sygnatura
    • Cg.65 (p.202)
    • d
    • Lokalizacja
    • BG Dział Udostępniania Biblioteka Główna
    • i
    • Nr tomu wydaw.cg
    • Nr 60 (1978)
    • p
    • Kod kreskowy
    • 2003000111064
    • r
    • Cena
    • 0.0
    • w
    • Data inwentaryzacji
    • 1999-03-10
    • y
    • Status udostępniania
    • Tylko na miejscu
952 -Egzemplarz [ , ]
    • a
    • Numer inwentarzowy
    • P.1652
    • d
    • Lokalizacja
    • BM Biblioteka Międzywydziałowa
    • i
    • Nr tomu wydaw.cg
    • Nr 60 (1978)
    • p
    • Kod kreskowy
    • 2001500016520
    • r
    • Cena
    • 50.00
    • v
    • Data wprowadzenia opisu
    • 2020-02-25
    • w
    • Data inwentaryzacji
    • 1999-03-10
    • y
    • Status udostępniania
    • miesięczne
952 -Egzemplarz [ , ]
    • a
    • Numer inwentarzowy
    • Pc.14
    • c
    • Sygnatura
    • Pc.14/56
    • d
    • Lokalizacja
    • BM Biblioteka Międzywydziałowa
    • i
    • Nr tomu wydaw.cg
    • Nr 56 (1977)
    • p
    • Kod kreskowy
    • 2003900000147
    • r
    • Cena
    • 0.00
    • v
    • Data wprowadzenia opisu
    • 2018-12-13
    • y
    • Status udostępniania
    • Tylko na miejscu
952 -Egzemplarz [ , ]
    • a
    • Numer inwentarzowy
    • Cg.6393
    • c
    • Sygnatura
    • Cg.65 (p.202)
    • d
    • Lokalizacja
    • BG Dział Udostępniania Biblioteka Główna
    • i
    • Nr tomu wydaw.cg
    • Nr 56 (1977)
    • p
    • Kod kreskowy
    • 2003000063936
    • r
    • Cena
    • 0.00
    • v
    • Data wprowadzenia opisu
    • 2017-01-05
    • y
    • Status udostępniania
    • Tylko na miejscu
952 -Egzemplarz [ , ]
    • a
    • Numer inwentarzowy
    • Cg.6023
    • c
    • Sygnatura
    • Cg.65 (p.202)
    • d
    • Lokalizacja
    • BG Dział Udostępniania Biblioteka Główna
    • i
    • Nr tomu wydaw.cg
    • Nr 59 (1977)
    • p
    • Kod kreskowy
    • 2003000060232
    • r
    • Cena
    • 0.00
    • v
    • Data wprowadzenia opisu
    • 2017-01-05
    • y
    • Status udostępniania
    • Tylko na miejscu
952 -Egzemplarz [ , ]
    • a
    • Numer inwentarzowy
    • Cg.6018
    • c
    • Sygnatura
    • Cg.65 (p.202)
    • d
    • Lokalizacja
    • BG Dział Udostępniania Biblioteka Główna
    • i
    • Nr tomu wydaw.cg
    • Nr 58 (1977)
    • p
    • Kod kreskowy
    • 2003000060188
    • r
    • Cena
    • 0.00
    • v
    • Data wprowadzenia opisu
    • 2017-01-05
    • y
    • Status udostępniania
    • Tylko na miejscu
952 -Egzemplarz [ , ]
    • a
    • Numer inwentarzowy
    • Cg.7065
    • c
    • Sygnatura
    • Cg.65 (p.202)
    • d
    • Lokalizacja
    • BG Dział Udostępniania Biblioteka Główna
    • i
    • Nr tomu wydaw.cg
    • Nr 53 (1978)
    • p
    • Kod kreskowy
    • 2003000070651
    • r
    • Cena
    • 0.00
    • v
    • Data wprowadzenia opisu
    • 2017-01-05
    • y
    • Status udostępniania
    • Tylko na miejscu
952 -Egzemplarz [ , ]
    • a
    • Numer inwentarzowy
    • ANS.119520
    • c
    • Sygnatura
    • 331.55/J-17
    • d
    • Lokalizacja
    • BNS Biblioteka Humanistyczna i Nauk Społecznych
    • i
    • Nr tomu wydaw.cg
    • Nr 53 (1978)
    • p
    • Kod kreskowy
    • 2004601195200
    • r
    • Cena
    • 0.00
    • v
    • Data wprowadzenia opisu
    • 2022-02-22
    • y
    • Status udostępniania
    • Tylko na miejscu
952 -Egzemplarz [ , ]
    • a
    • Numer inwentarzowy
    • Cg.10394
    • c
    • Sygnatura
    • Cg.65 (p.202)
    • d
    • Lokalizacja
    • BG Dział Udostępniania Biblioteka Główna
    • i
    • Nr tomu wydaw.cg
    • Nr 68 (1980)
    • p
    • Kod kreskowy
    • 2003000103946
    • r
    • Cena
    • 0.00
    • v
    • Data wprowadzenia opisu
    • 2017-04-04
    • y
    • Status udostępniania
    • Tylko na miejscu
952 -Egzemplarz [ , ]
    • a
    • Numer inwentarzowy
    • W.60765
    • c
    • Sygnatura
    • W.60765
    • d
    • Lokalizacja
    • BG Dział Udostępniania Biblioteka Główna
    • e
    • Akcesja
    • 00
    • i
    • Nr tomu wydaw.cg
    • Nr 50 (1976)
    • p
    • Kod kreskowy
    • 2000100607657
    • r
    • Cena
    • 0.00
    • y
    • Status udostępniania
    • miesięczne
952 -Egzemplarz [ , ]
    • a
    • Numer inwentarzowy
    • Cg.4549
    • c
    • Sygnatura
    • Cg.65 (p.202)
    • d
    • Lokalizacja
    • BG Dział Udostępniania Biblioteka Główna
    • e
    • Akcesja
    • 00
    • i
    • Nr tomu wydaw.cg
    • Nr 50 (1976)
    • p
    • Kod kreskowy
    • 2003000045499
    • r
    • Cena
    • 0.00
    • v
    • Data wprowadzenia opisu
    • 2015-06-16
    • w
    • Data inwentaryzacji
    • 2015-06-16
    • y
    • Status udostępniania
    • Tylko na miejscu
952 -Egzemplarz [ , ]
    • a
    • Numer inwentarzowy
    • Pc.1126
    • c
    • Sygnatura
    • Pc.14/55
    • d
    • Lokalizacja
    • BM Biblioteka Międzywydziałowa
    • i
    • Nr tomu wydaw.cg
    • Nr 55 (1976)
    • p
    • Kod kreskowy
    • 2003900011266
    • r
    • Cena
    • 0.00
    • v
    • Data wprowadzenia opisu
    • 2017-03-13
    • y
    • Status udostępniania
    • Tylko na miejscu
952 -Egzemplarz [ , ]
    • a
    • Numer inwentarzowy
    • Cg.4813
    • c
    • Sygnatura
    • Cg.65 (p.202)
    • d
    • Lokalizacja
    • BG Dział Udostępniania Biblioteka Główna
    • i
    • Nr tomu wydaw.cg
    • Nr 54 (1976)
    • p
    • Kod kreskowy
    • 2003000048131
    • r
    • Cena
    • 0.00
    • v
    • Data wprowadzenia opisu
    • 2017-01-05
    • y
    • Status udostępniania
    • Tylko na miejscu
952 -Egzemplarz [ , ]
    • a
    • Numer inwentarzowy
    • Cg.1955
    • c
    • Sygnatura
    • Cg.65 (p.202)
    • d
    • Lokalizacja
    • BG Dział Udostępniania Biblioteka Główna
    • i
    • Nr tomu wydaw.cg
    • Nr 53 (1978)
    • p
    • Kod kreskowy
    • 2003000019551
    • r
    • Cena
    • 0.00
    • v
    • Data wprowadzenia opisu
    • 2017-01-05
    • y
    • Status udostępniania
    • Tylko na miejscu
952 -Egzemplarz [ , ]
    • a
    • Numer inwentarzowy
    • ANS.121397
    • c
    • Sygnatura
    • 14M.7/B-70/A
    • d
    • Lokalizacja
    • BNS Biblioteka Humanistyczna i Nauk Społecznych
    • e
    • Akcesja
    • 00
    • i
    • Nr tomu wydaw.cg
    • Nr 112 (1986)
    • p
    • Kod kreskowy
    • 2004601213973
    • r
    • Cena
    • 0.00
    • v
    • Data wprowadzenia opisu
    • 2016-10-23
    • y
    • Status udostępniania
    • Tylko na miejscu
952 -Egzemplarz [ , ]
    • a
    • Numer inwentarzowy
    • Cg.19287
    • c
    • Sygnatura
    • Cg.65 (p.202)
    • d
    • Lokalizacja
    • BG Dział Udostępniania Biblioteka Główna
    • e
    • Akcesja
    • 00
    • i
    • Nr tomu wydaw.cg
    • Nr 148 (1988)
    • p
    • Kod kreskowy
    • 2003000192872
    • r
    • Cena
    • 0.00
    • v
    • Data wprowadzenia opisu
    • 2016-09-05
    • y
    • Status udostępniania
    • Tylko na miejscu
952 -Egzemplarz [ , ]
    • a
    • Numer inwentarzowy
    • W.117472
    • d
    • Lokalizacja
    • BG Dział Udostępniania Biblioteka Główna
    • i
    • Nr tomu wydaw.cg
    • Nr 76 (1982)
    • p
    • Kod kreskowy
    • 2000101174721
    • r
    • Cena
    • 0.00
    • y
    • Status udostępniania
    • miesięczne
952 -Egzemplarz [ , ]
    • a
    • Numer inwentarzowy
    • W.109857
    • d
    • Lokalizacja
    • BG Dział Udostępniania Biblioteka Główna
    • i
    • Nr tomu wydaw.cg
    • Nr 76 (1982)
    • p
    • Kod kreskowy
    • 2000101098577
    • r
    • Cena
    • 0.00
    • y
    • Status udostępniania
    • miesięczne
952 -Egzemplarz [ , ]
    • a
    • Numer inwentarzowy
    • Cg.12251
    • c
    • Sygnatura
    • Cg.65 (p.202)
    • d
    • Lokalizacja
    • BG Dział Udostępniania Biblioteka Główna
    • i
    • Nr tomu wydaw.cg
    • Nr 76 (1982)
    • p
    • Kod kreskowy
    • 2003000122510
    • r
    • Cena
    • 0.00
    • v
    • Data wprowadzenia opisu
    • 2017-04-05
    • y
    • Status udostępniania
    • Tylko na miejscu
952 -Egzemplarz [ , ]
    • a
    • Numer inwentarzowy
    • Pc.485
    • c
    • Sygnatura
    • Pc.14/76
    • d
    • Lokalizacja
    • BM Biblioteka Międzywydziałowa
    • i
    • Nr tomu wydaw.cg
    • Nr 76 (1982)
    • p
    • Kod kreskowy
    • 2003900004855
    • r
    • Cena
    • 0.00
    • v
    • Data wprowadzenia opisu
    • 2016-09-16
    • y
    • Status udostępniania
    • Tylko na miejscu
952 -Egzemplarz [ , ]
    • a
    • Numer inwentarzowy
    • W.95125
    • d
    • Lokalizacja
    • BG Dział Udostępniania Biblioteka Główna
    • i
    • Nr tomu wydaw.cg
    • Nr 70 (1980)
    • p
    • Kod kreskowy
    • 2000100951255
    • r
    • Cena
    • 0.00
    • y
    • Status udostępniania
    • miesięczne
952 -Egzemplarz [ , ]
    • a
    • Numer inwentarzowy
    • Cg.11108
    • c
    • Sygnatura
    • Cg.65 (p.202)
    • d
    • Lokalizacja
    • BG Dział Udostępniania Biblioteka Główna
    • e
    • Akcesja
    • 00
    • i
    • Nr tomu wydaw.cg
    • Nr 70 (1980)
    • p
    • Kod kreskowy
    • 2003000111088
    • r
    • Cena
    • 0.00
    • v
    • Data wprowadzenia opisu
    • 2015-06-16
    • w
    • Data inwentaryzacji
    • 2015-06-16
    • y
    • Status udostępniania
    • Tylko na miejscu
952 -Egzemplarz [ , ]
    • a
    • Numer inwentarzowy
    • W.101411
    • c
    • Sygnatura
    • W.16418
    • d
    • Lokalizacja
    • BG Dział Udostępniania Biblioteka Główna
    • i
    • Nr tomu wydaw.cg
    • Nr 72 (1981)
    • p
    • Kod kreskowy
    • 2000101014119
    • r
    • Cena
    • 0.00
    • y
    • Status udostępniania
    • miesięczne
952 -Egzemplarz [ , ]
    • a
    • Numer inwentarzowy
    • Cg.10331
    • c
    • Sygnatura
    • Cg.65 (p.202)
    • d
    • Lokalizacja
    • BG Dział Udostępniania Biblioteka Główna
    • i
    • Nr tomu wydaw.cg
    • Nr 72 (1981)
    • p
    • Kod kreskowy
    • 2003000103311
    • r
    • Cena
    • 0.00
    • y
    • Status udostępniania
    • Tylko na miejscu
952 -Egzemplarz [ , ]
    • a
    • Numer inwentarzowy
    • W.69116
    • d
    • Lokalizacja
    • BG Dział Udostępniania Biblioteka Główna
    • i
    • Nr tomu wydaw.cg
    • Nr 52 (1977)
    • p
    • Kod kreskowy
    • 2000100691168
    • r
    • Cena
    • 0.00
    • y
    • Status udostępniania
    • miesięczne
952 -Egzemplarz [ , ]
    • a
    • Numer inwentarzowy
    • Cg.4859
    • c
    • Sygnatura
    • Cg.65 (p.202)
    • d
    • Lokalizacja
    • BG Dział Udostępniania Biblioteka Główna
    • e
    • Akcesja
    • 0.00
    • i
    • Nr tomu wydaw.cg
    • Nr 52 (1977)
    • p
    • Kod kreskowy
    • 2003000048599
    • r
    • Cena
    • 0.00
    • v
    • Data wprowadzenia opisu
    • 2015-06-16
    • w
    • Data inwentaryzacji
    • 2015-06-16
    • y
    • Status udostępniania
    • Tylko na miejscu
952 -Egzemplarz [ , ]
    • a
    • Numer inwentarzowy
    • W.78863
    • d
    • Lokalizacja
    • BG Dział Udostępniania Biblioteka Główna
    • i
    • Nr tomu wydaw.cg
    • Nr 62 (1978)
    • p
    • Kod kreskowy
    • 2000100788639
    • r
    • Cena
    • 0.00
    • y
    • Status udostępniania
    • miesięczne
952 -Egzemplarz [ , ]
    • a
    • Numer inwentarzowy
    • W.81692
    • d
    • Lokalizacja
    • BG Dział Udostępniania Biblioteka Główna
    • i
    • Nr tomu wydaw.cg
    • Nr 62 (1978)
    • p
    • Kod kreskowy
    • 2000100816929
    • r
    • Cena
    • 0.00
    • y
    • Status udostępniania
    • miesięczne
952 -Egzemplarz [ , ]
    • a
    • Numer inwentarzowy
    • W.81691
    • d
    • Lokalizacja
    • BG Dział Udostępniania Biblioteka Główna
    • i
    • Nr tomu wydaw.cg
    • Nr 62 (1978)
    • p
    • Kod kreskowy
    • 2000100816912
    • r
    • Cena
    • 0.00
    • y
    • Status udostępniania
    • miesięczne
952 -Egzemplarz [ , ]
    • a
    • Numer inwentarzowy
    • W.81690
    • d
    • Lokalizacja
    • BG Dział Udostępniania Biblioteka Główna
    • i
    • Nr tomu wydaw.cg
    • Nr 62 (1978)
    • p
    • Kod kreskowy
    • 2000100816905
    • r
    • Cena
    • 0.00
    • y
    • Status udostępniania
    • miesięczne
952 -Egzemplarz [ , ]
    • a
    • Numer inwentarzowy
    • W.64362
    • d
    • Lokalizacja
    • BG Dział Udostępniania Biblioteka Główna
    • i
    • Nr tomu wydaw.cg
    • Nr 51 (1976)
    • p
    • Kod kreskowy
    • 2000100643624
    • r
    • Cena
    • 0.00
    • y
    • Status udostępniania
    • miesięczne
952 -Egzemplarz [ , ]
    • a
    • Numer inwentarzowy
    • Cg.2738
    • c
    • Sygnatura
    • Cg.65 (p.202)
    • d
    • Lokalizacja
    • BG Dział Udostępniania Biblioteka Główna
    • e
    • Akcesja
    • 00
    • i
    • Nr tomu wydaw.cg
    • Nr 51 (1976)
    • p
    • Kod kreskowy
    • 2003000027389
    • r
    • Cena
    • 0.00
    • v
    • Data wprowadzenia opisu
    • 2015-06-16
    • w
    • Data inwentaryzacji
    • 2015-06-16
    • y
    • Status udostępniania
    • Tylko na miejscu
952 -Egzemplarz [ , ]
    • a
    • Numer inwentarzowy
    • Pc.1253
    • c
    • Sygnatura
    • Pc.14/115
    • d
    • Lokalizacja
    • BM Biblioteka Międzywydziałowa
    • i
    • Nr tomu wydaw.cg
    • Nr 115 (1988)
    • p
    • Kod kreskowy
    • 2003900012539
    • r
    • Cena
    • 0.00
    • v
    • Data wprowadzenia opisu
    • 2017-11-16
    • y
    • Status udostępniania
    • Tylko na miejscu
952 -Egzemplarz [ , ]
    • a
    • Numer inwentarzowy
    • Pc.1421
    • c
    • Sygnatura
    • Pc.14/162
    • d
    • Lokalizacja
    • BM Biblioteka Międzywydziałowa
    • i
    • Nr tomu wydaw.cg
    • Nr 162 (1990)
    • p
    • Kod kreskowy
    • 2003900014212
    • r
    • Cena
    • 0.00
    • y
    • Status udostępniania
    • Tylko na miejscu
952 -Egzemplarz [ , ]
    • a
    • Numer inwentarzowy
    • W.182868
    • d
    • Lokalizacja
    • BG Dział Udostępniania Biblioteka Główna
    • i
    • Nr tomu wydaw.cg
    • Nr 198 (1993)
    • p
    • Kod kreskowy
    • 2000101828686
    • r
    • Cena
    • 0.00
    • y
    • Status udostępniania
    • miesięczne
952 -Egzemplarz [ , ]
    • a
    • Numer inwentarzowy
    • Cg.24929
    • c
    • Sygnatura
    • Cg.65 (p.202)
    • d
    • Lokalizacja
    • BG Dział Udostępniania Biblioteka Główna
    • i
    • Nr tomu wydaw.cg
    • Nr 198 (1993)
    • p
    • Kod kreskowy
    • 2003000249293
    • r
    • Cena
    • 0.00
    • y
    • Status udostępniania
    • Tylko na miejscu
952 -Egzemplarz [ , ]
    • a
    • Numer inwentarzowy
    • W.179603
    • d
    • Lokalizacja
    • BG Dział Udostępniania Biblioteka Główna
    • i
    • Nr tomu wydaw.cg
    • Nr 183 (1992)
    • p
    • Kod kreskowy
    • 2000101796039
    • r
    • Cena
    • 0.00
    • y
    • Status udostępniania
    • miesięczne
952 -Egzemplarz [ , ]
    • a
    • Numer inwentarzowy
    • Cg.24346
    • c
    • Sygnatura
    • Cg.65 (p.202)
    • d
    • Lokalizacja
    • BG Dział Udostępniania Biblioteka Główna
    • i
    • Nr tomu wydaw.cg
    • Nr 183 (1992)
    • p
    • Kod kreskowy
    • 2003000243468
    • r
    • Cena
    • 0.00
    • y
    • Status udostępniania
    • Tylko na miejscu
952 -Egzemplarz [ , ]
    • a
    • Numer inwentarzowy
    • W.181016
    • c
    • Sygnatura
    • W.15418
    • d
    • Lokalizacja
    • BG Dział Udostępniania Biblioteka Główna
    • i
    • Nr tomu wydaw.cg
    • Nr 195 (1992)
    • p
    • Kod kreskowy
    • 2000101810162
    • r
    • Cena
    • 0.00
    • y
    • Status udostępniania
    • miesięczne
952 -Egzemplarz [ , ]
    • a
    • Numer inwentarzowy
    • W.181017
    • d
    • Lokalizacja
    • BG Dział Udostępniania Biblioteka Główna
    • i
    • Nr tomu wydaw.cg
    • Nr 195 (1992)
    • p
    • Kod kreskowy
    • 2000101810179
    • r
    • Cena
    • 0.00
    • y
    • Status udostępniania
    • miesięczne
952 -Egzemplarz [ , ]
    • a
    • Numer inwentarzowy
    • Cg.24638
    • c
    • Sygnatura
    • Cg.65 (p.202)
    • d
    • Lokalizacja
    • BG Dział Udostępniania Biblioteka Główna
    • i
    • Nr tomu wydaw.cg
    • Nr 195 (1992)
    • p
    • Kod kreskowy
    • 2003000246384
    • r
    • Cena
    • 0.00
    • y
    • Status udostępniania
    • Tylko na miejscu
952 -Egzemplarz [ , ]
    • a
    • Numer inwentarzowy
    • W.182861
    • d
    • Lokalizacja
    • BG Dział Udostępniania Biblioteka Główna
    • e
    • Akcesja
    • 0
    • i
    • Nr tomu wydaw.cg
    • Nr 200 (1993)
    • p
    • Kod kreskowy
    • 2000101828617
    • r
    • Cena
    • 0.0
    • w
    • Data inwentaryzacji
    • 1999-03-10
    • y
    • Status udostępniania
    • miesięczne
952 -Egzemplarz [ , ]
    • a
    • Numer inwentarzowy
    • Cg.24919
    • c
    • Sygnatura
    • Cg.65 (p.202)
    • d
    • Lokalizacja
    • BG Dział Udostępniania Biblioteka Główna
    • i
    • Nr tomu wydaw.cg
    • Nr 200 (1993)
    • p
    • Kod kreskowy
    • 2003000249194
    • r
    • Cena
    • 0.0
    • w
    • Data inwentaryzacji
    • 1999-03-10
    • y
    • Status udostępniania
    • Tylko na miejscu
952 -Egzemplarz [ , ]
    • a
    • Numer inwentarzowy
    • Fc.2681
    • c
    • Sygnatura
    • Hc.11
    • d
    • Lokalizacja
    • BNS Biblioteka Humanistyczna i Nauk Społecznych
    • i
    • Nr tomu wydaw.cg
    • Nr 200 (1993)
    • p
    • Kod kreskowy
    • 2003300026815
    • r
    • Cena
    • 0.0
    • w
    • Data inwentaryzacji
    • 1999-03-10
    • y
    • Status udostępniania
    • Tylko na miejscu
952 -Egzemplarz [ , ]
    • a
    • Numer inwentarzowy
    • Hc.940
    • c
    • Sygnatura
    • Hc.11
    • d
    • Lokalizacja
    • BNS Biblioteka Humanistyczna i Nauk Społecznych
    • i
    • Nr tomu wydaw.cg
    • Nr 183 (1992)
    • p
    • Kod kreskowy
    • 2003500009403
    • r
    • Cena
    • 0.00
    • y
    • Status udostępniania
    • Tylko na miejscu
952 -Egzemplarz [ , ]
    • a
    • Numer inwentarzowy
    • Pc.1655
    • c
    • Sygnatura
    • Pc.14/195
    • d
    • Lokalizacja
    • BM Biblioteka Międzywydziałowa
    • i
    • Nr tomu wydaw.cg
    • Nr 195 (1992)
    • p
    • Kod kreskowy
    • 2003900016551
    • r
    • Cena
    • 0.00
    • y
    • Status udostępniania
    • Tylko na miejscu
952 -Egzemplarz [ , ]
    • a
    • Numer inwentarzowy
    • W.182913
    • d
    • Lokalizacja
    • BG Dział Udostępniania Biblioteka Główna
    • i
    • Nr tomu wydaw.cg
    • Nr 202 (1993)
    • p
    • Kod kreskowy
    • 2000101829133
    • r
    • Cena
    • 0.00
    • y
    • Status udostępniania
    • miesięczne
952 -Egzemplarz [ , ]
    • a
    • Numer inwentarzowy
    • Cg.24955
    • c
    • Sygnatura
    • Cg.65 (p.202)
    • d
    • Lokalizacja
    • BG Dział Udostępniania Biblioteka Główna
    • i
    • Nr tomu wydaw.cg
    • Nr 202 (1993)
    • p
    • Kod kreskowy
    • 2003000249552
    • r
    • Cena
    • 0.00
    • y
    • Status udostępniania
    • Tylko na miejscu
952 -Egzemplarz [ , ]
    • a
    • Numer inwentarzowy
    • Pc.1851
    • c
    • Sygnatura
    • Pc.14/202
    • d
    • Lokalizacja
    • BM Biblioteka Międzywydziałowa
    • i
    • Nr tomu wydaw.cg
    • Nr 202 (1993)
    • p
    • Kod kreskowy
    • 2003900018517
    • r
    • Cena
    • 0.00
    • y
    • Status udostępniania
    • Tylko na miejscu
952 -Egzemplarz [ , ]
    • a
    • Numer inwentarzowy
    • W.150283
    • d
    • Lokalizacja
    • BG Dział Udostępniania Biblioteka Główna
    • i
    • Nr tomu wydaw.cg
    • Nr 125 (1987)
    • p
    • Kod kreskowy
    • 2000101502838
    • r
    • Cena
    • 0.00
    • y
    • Status udostępniania
    • miesięczne
952 -Egzemplarz [ , ]
    • a
    • Numer inwentarzowy
    • Cg.18825
    • c
    • Sygnatura
    • Cg.65 (p.202)
    • d
    • Lokalizacja
    • BG Dział Udostępniania Biblioteka Główna
    • i
    • Nr tomu wydaw.cg
    • Nr 125 (1987)
    • p
    • Kod kreskowy
    • 2003000188257
    • r
    • Cena
    • 0.00
    • y
    • Status udostępniania
    • Tylko na miejscu
952 -Egzemplarz [ , ]
    • a
    • Numer inwentarzowy
    • W.164087
    • c
    • Sygnatura
    • W.16418
    • d
    • Lokalizacja
    • BG Dział Udostępniania Biblioteka Główna
    • i
    • Nr tomu wydaw.cg
    • Nr 136 (1988)
    • p
    • Kod kreskowy
    • 2000101640875
    • r
    • Cena
    • 0.00
    • y
    • Status udostępniania
    • miesięczne
952 -Egzemplarz [ , ]
    • a
    • Numer inwentarzowy
    • Cg.20270
    • c
    • Sygnatura
    • Cg.65 (p.202)
    • d
    • Lokalizacja
    • BG Dział Udostępniania Biblioteka Główna
    • i
    • Nr tomu wydaw.cg
    • Nr 136 (1988)
    • p
    • Kod kreskowy
    • 2003000202700
    • r
    • Cena
    • 0.00
    • y
    • Status udostępniania
    • Tylko na miejscu
952 -Egzemplarz [ , ]
    • a
    • Numer inwentarzowy
    • W.160054
    • d
    • Lokalizacja
    • BG Dział Udostępniania Biblioteka Główna
    • i
    • Nr tomu wydaw.cg
    • Nr 136 (1988)
    • p
    • Kod kreskowy
    • 2000101600541
    • r
    • Cena
    • 0.00
    • v
    • Data wprowadzenia opisu
    • 2023-04-25
    • y
    • Status udostępniania
    • miesięczne
952 -Egzemplarz [ , ]
    • a
    • Numer inwentarzowy
    • W.167823
    • d
    • Lokalizacja
    • BG Dział Udostępniania Biblioteka Główna
    • i
    • Nr tomu wydaw.cg
    • Nr 151 (1989)
    • p
    • Kod kreskowy
    • 2000101678236
    • r
    • Cena
    • 0.00
    • v
    • Data wprowadzenia opisu
    • 2009-07-31
    • y
    • Status udostępniania
    • miesięczne
952 -Egzemplarz [ , ]
    • a
    • Numer inwentarzowy
    • Cg.21810
    • c
    • Sygnatura
    • Cg.60 (p.202)
    • d
    • Lokalizacja
    • BG Dział Udostępniania Biblioteka Główna
    • i
    • Nr tomu wydaw.cg
    • Nr 151 (1989)
    • p
    • Kod kreskowy
    • 2003000218107
    • r
    • Cena
    • 0.00
    • v
    • Data wprowadzenia opisu
    • 2017-04-06
    • y
    • Status udostępniania
    • Tylko na miejscu
952 -Egzemplarz [ , ]
    • a
    • Numer inwentarzowy
    • W.179112
    • c
    • Sygnatura
    • W.16418
    • d
    • Lokalizacja
    • BG Dział Udostępniania Biblioteka Główna
    • i
    • Nr tomu wydaw.cg
    • Nr 175 (1991)
    • p
    • Kod kreskowy
    • 2000101791126
    • r
    • Cena
    • 0.00
    • y
    • Status udostępniania
    • miesięczne
952 -Egzemplarz [ , ]
    • a
    • Numer inwentarzowy
    • Cg.24121
    • c
    • Sygnatura
    • Cg.65 (p.202)
    • d
    • Lokalizacja
    • BG Dział Udostępniania Biblioteka Główna
    • i
    • Nr tomu wydaw.cg
    • Nr 175 (1991)
    • p
    • Kod kreskowy
    • 2003000241211
    • r
    • Cena
    • 0.00
    • y
    • Status udostępniania
    • Tylko na miejscu
952 -Egzemplarz [ , ]
    • a
    • Numer inwentarzowy
    • W.182191
    • d
    • Lokalizacja
    • BG Dział Udostępniania Biblioteka Główna
    • i
    • Nr tomu wydaw.cg
    • Nr 182 (1992)
    • p
    • Kod kreskowy
    • 2000101821915
    • r
    • Cena
    • 0.00
    • y
    • Status udostępniania
    • miesięczne
952 -Egzemplarz [ , ]
    • a
    • Numer inwentarzowy
    • Cg.24808
    • c
    • Sygnatura
    • Cg.65 (p.202)
    • d
    • Lokalizacja
    • BG Dział Udostępniania Biblioteka Główna
    • i
    • Nr tomu wydaw.cg
    • Nr 182 (1992)
    • p
    • Kod kreskowy
    • 2003000248081
    • r
    • Cena
    • 0.00
    • y
    • Status udostępniania
    • Tylko na miejscu
952 -Egzemplarz [ , ]
    • a
    • Numer inwentarzowy
    • W.182910
    • c
    • Sygnatura
    • W.16418
    • d
    • Lokalizacja
    • BG Dział Udostępniania Biblioteka Główna
    • i
    • Nr tomu wydaw.cg
    • Nr 191 (1993)
    • p
    • Kod kreskowy
    • 2000101829102
    • r
    • Cena
    • 0.00
    • y
    • Status udostępniania
    • miesięczne
952 -Egzemplarz [ , ]
    • a
    • Numer inwentarzowy
    • Cg.24939
    • c
    • Sygnatura
    • Cg.65 (p.202)
    • d
    • Lokalizacja
    • BG Dział Udostępniania Biblioteka Główna
    • i
    • Nr tomu wydaw.cg
    • Nr 191 (1993)
    • p
    • Kod kreskowy
    • 2003000249392
    • r
    • Cena
    • 0.00
    • y
    • Status udostępniania
    • Tylko na miejscu
952 -Egzemplarz [ , ]
    • a
    • Numer inwentarzowy
    • Pc.1849
    • c
    • Sygnatura
    • Pc.14/191
    • d
    • Lokalizacja
    • BM Biblioteka Międzywydziałowa
    • i
    • Nr tomu wydaw.cg
    • Nr 191 (1993)
    • p
    • Kod kreskowy
    • 2003900018494
    • r
    • Cena
    • 0.00
    • y
    • Status udostępniania
    • Tylko na miejscu
952 -Egzemplarz [ , ]
    • a
    • Numer inwentarzowy
    • ANS.119519
    • c
    • Sygnatura
    • 331.55/J-17
    • d
    • Lokalizacja
    • BNS Biblioteka Humanistyczna i Nauk Społecznych
    • i
    • Nr tomu wydaw.cg
    • Nr 53 (1978)
    • p
    • Kod kreskowy
    • 2004601195194
    • r
    • Cena
    • 0.00
    • v
    • Data wprowadzenia opisu
    • 2022-02-22
    • y
    • Status udostępniania
    • Tylko na miejscu
952 -Egzemplarz [ , ]
    • a
    • Numer inwentarzowy
    • W.179114
    • c
    • Sygnatura
    • W.16418
    • d
    • Lokalizacja
    • BG Dział Udostępniania Biblioteka Główna
    • i
    • Nr tomu wydaw.cg
    • Nr 188 (1992)
    • p
    • Kod kreskowy
    • 2000101791140
    • r
    • Cena
    • 0.00
    • y
    • Status udostępniania
    • miesięczne
952 -Egzemplarz [ , ]
    • a
    • Numer inwentarzowy
    • Cg.24124
    • c
    • Sygnatura
    • Cg.65 (p.202)
    • d
    • Lokalizacja
    • BG Dział Udostępniania Biblioteka Główna
    • i
    • Nr tomu wydaw.cg
    • Nr 188 (1992)
    • p
    • Kod kreskowy
    • 2003000241242
    • r
    • Cena
    • 0.00
    • y
    • Status udostępniania
    • Tylko na miejscu
952 -Egzemplarz [ , ]
    • a
    • Numer inwentarzowy
    • W.182912
    • c
    • Sygnatura
    • W.16418
    • d
    • Lokalizacja
    • BG Dział Udostępniania Biblioteka Główna
    • i
    • Nr tomu wydaw.cg
    • Nr 208 (1993)
    • p
    • Kod kreskowy
    • 2000101829126
    • r
    • Cena
    • 0.00
    • y
    • Status udostępniania
    • miesięczne
952 -Egzemplarz [ , ]
    • a
    • Numer inwentarzowy
    • Cg.24937
    • c
    • Sygnatura
    • Cg.65 (p.202)
    • d
    • Lokalizacja
    • BG Dział Udostępniania Biblioteka Główna
    • i
    • Nr tomu wydaw.cg
    • Nr 208 (1993)
    • p
    • Kod kreskowy
    • 2003000249378
    • r
    • Cena
    • 0.00
    • y
    • Status udostępniania
    • Tylko na miejscu
952 -Egzemplarz [ , ]
    • a
    • Numer inwentarzowy
    • Pc.1848
    • c
    • Sygnatura
    • Pc.14/208
    • d
    • Lokalizacja
    • BM Biblioteka Międzywydziałowa
    • i
    • Nr tomu wydaw.cg
    • Nr 208 (1993)
    • p
    • Kod kreskowy
    • 2003900018487
    • r
    • Cena
    • 0.00
    • y
    • Status udostępniania
    • Tylko na miejscu
952 -Egzemplarz [ , ]
    • a
    • Numer inwentarzowy
    • Hc.4244
    • c
    • Sygnatura
    • Hc.11
    • d
    • Lokalizacja
    • BNS Biblioteka Humanistyczna i Nauk Społecznych
    • e
    • Akcesja
    • 02d560/14
    • i
    • Nr tomu wydaw.cg
    • Nr 85 (1983)
    • p
    • Kod kreskowy
    • 2003500042448
    • r
    • Cena
    • 15.00
    • v
    • Data wprowadzenia opisu
    • 2005-01-17
    • y
    • Status udostępniania
    • Tylko na miejscu
952 -Egzemplarz [ , ]
    • a
    • Numer inwentarzowy
    • W.181019
    • d
    • Lokalizacja
    • BG Dział Udostępniania Biblioteka Główna
    • i
    • Nr tomu wydaw.cg
    • Nr 192 (1992)
    • p
    • Kod kreskowy
    • 2000101810193
    • r
    • Cena
    • 0.00
    • y
    • Status udostępniania
    • miesięczne
952 -Egzemplarz [ , ]
    • a
    • Numer inwentarzowy
    • Cg.24641
    • c
    • Sygnatura
    • Cg.65 (p.202)
    • d
    • Lokalizacja
    • BG Dział Udostępniania Biblioteka Główna
    • i
    • Nr tomu wydaw.cg
    • Nr 192 (1992)
    • p
    • Kod kreskowy
    • 2003000246414
    • r
    • Cena
    • 0.00
    • y
    • Status udostępniania
    • Tylko na miejscu
952 -Egzemplarz [ , ]
    • a
    • Numer inwentarzowy
    • W.182023
    • d
    • Lokalizacja
    • BG Dział Udostępniania Biblioteka Główna
    • e
    • Akcesja
    • 0
    • i
    • Nr tomu wydaw.cg
    • Nr 203 (1993)
    • p
    • Kod kreskowy
    • 2000101820239
    • r
    • Cena
    • 0.0
    • w
    • Data inwentaryzacji
    • 1999-03-10
    • y
    • Status udostępniania
    • miesięczne
952 -Egzemplarz [ , ]
    • a
    • Numer inwentarzowy
    • Cg.24773
    • c
    • Sygnatura
    • Cg.65 (p.202)
    • d
    • Lokalizacja
    • BG Dział Udostępniania Biblioteka Główna
    • i
    • Nr tomu wydaw.cg
    • Nr 203 (1993)
    • p
    • Kod kreskowy
    • 2003000247732
    • r
    • Cena
    • 0.0
    • w
    • Data inwentaryzacji
    • 1999-03-10
    • y
    • Status udostępniania
    • Tylko na miejscu
952 -Egzemplarz [ , ]
    • a
    • Numer inwentarzowy
    • Pc.876
    • c
    • Sygnatura
    • Pc.14/109
    • d
    • Lokalizacja
    • BM Biblioteka Międzywydziałowa
    • i
    • Nr tomu wydaw.cg
    • Nr 109 (1987)
    • p
    • Kod kreskowy
    • 2003900008761
    • r
    • Cena
    • 0.0
    • w
    • Data inwentaryzacji
    • 1999-03-10
    • y
    • Status udostępniania
    • Tylko na miejscu
952 -Egzemplarz [ , ]
    • a
    • Numer inwentarzowy
    • W.145454
    • d
    • Lokalizacja
    • BG Dział Udostępniania Biblioteka Główna
    • e
    • Akcesja
    • 0
    • i
    • Nr tomu wydaw.cg
    • Nr 109 (1987)
    • p
    • Kod kreskowy
    • 2000101454540
    • r
    • Cena
    • 0.0
    • w
    • Data inwentaryzacji
    • 1999-03-10
    • y
    • Status udostępniania
    • miesięczne
952 -Egzemplarz [ , ]
    • a
    • Numer inwentarzowy
    • Cg.18004
    • c
    • Sygnatura
    • Cg.65 (p.202)
    • d
    • Lokalizacja
    • BG Dział Udostępniania Biblioteka Główna
    • i
    • Nr tomu wydaw.cg
    • Nr 109 (1987)
    • p
    • Kod kreskowy
    • 2003000180046
    • r
    • Cena
    • 0.0
    • w
    • Data inwentaryzacji
    • 1999-03-10
    • y
    • Status udostępniania
    • Tylko na miejscu
952 -Egzemplarz [ , ]
    • a
    • Numer inwentarzowy
    • Cg.20271
    • c
    • Sygnatura
    • Cg.65 (p.202)
    • d
    • Lokalizacja
    • BG Dział Udostępniania Biblioteka Główna
    • e
    • Akcesja
    • 99d235/6
    • i
    • Nr tomu wydaw.cg
    • Nr 138 (1988)
    • p
    • Kod kreskowy
    • 2003000202717
    • r
    • Cena
    • 1.5
    • w
    • Data inwentaryzacji
    • 2000-09-11
    • y
    • Status udostępniania
    • Tylko na miejscu
952 -Egzemplarz [ , ]
    • a
    • Numer inwentarzowy
    • W.178350
    • c
    • Sygnatura
    • W.16418
    • d
    • Lokalizacja
    • BG Dział Udostępniania Biblioteka Główna
    • i
    • Nr tomu wydaw.cg
    • Nr 171 (1991)
    • p
    • Kod kreskowy
    • 2000101783503
    • r
    • Cena
    • 0.00
    • y
    • Status udostępniania
    • miesięczne
952 -Egzemplarz [ , ]
    • a
    • Numer inwentarzowy
    • Cg.23818
    • c
    • Sygnatura
    • Cg.65 (p.202)
    • d
    • Lokalizacja
    • BG Dział Udostępniania Biblioteka Główna
    • i
    • Nr tomu wydaw.cg
    • Nr 171 (1991)
    • p
    • Kod kreskowy
    • 2003000238181
    • r
    • Cena
    • 0.00
    • y
    • Status udostępniania
    • Tylko na miejscu
952 -Egzemplarz [ , ]
    • a
    • Numer inwentarzowy
    • Cg.24350
    • c
    • Sygnatura
    • Cg.65 (p.202)
    • d
    • Lokalizacja
    • BG Dział Udostępniania Biblioteka Główna
    • i
    • Nr tomu wydaw.cg
    • Nr 189 (1992)
    • p
    • Kod kreskowy
    • 2003000243505
    • r
    • Cena
    • 0.0
    • w
    • Data inwentaryzacji
    • 2002-10-18
    • y
    • Status udostępniania
    • Tylko na miejscu
952 -Egzemplarz [ , ]
    • a
    • Numer inwentarzowy
    • W.179605
    • d
    • Lokalizacja
    • BG Dział Udostępniania Biblioteka Główna
    • e
    • Akcesja
    • 0
    • i
    • Nr tomu wydaw.cg
    • Nr 189 (1992)
    • p
    • Kod kreskowy
    • 2000101796053
    • r
    • Cena
    • 0.0
    • w
    • Data inwentaryzacji
    • 2002-10-18
    • y
    • Status udostępniania
    • miesięczne
952 -Egzemplarz [ , ]
    • a
    • Numer inwentarzowy
    • Pc.1694
    • c
    • Sygnatura
    • Pc.14/189
    • d
    • Lokalizacja
    • BM Biblioteka Międzywydziałowa
    • i
    • Nr tomu wydaw.cg
    • Nr 189 (1992)
    • p
    • Kod kreskowy
    • 2003900016940
    • r
    • Cena
    • 0.0
    • w
    • Data inwentaryzacji
    • 2002-10-18
    • y
    • Status udostępniania
    • Tylko na miejscu
952 -Egzemplarz [ , ]
    • a
    • Numer inwentarzowy
    • Cg.7055
    • c
    • Sygnatura
    • Cg.65 (.202)
    • d
    • Lokalizacja
    • BG Dział Udostępniania Biblioteka Główna
    • i
    • Nr tomu wydaw.cg
    • Nr 62 (1978)
    • p
    • Kod kreskowy
    • 2003000070552
    • r
    • Cena
    • 0.00
    • y
    • Status udostępniania
    • Tylko na miejscu
952 -Egzemplarz [ , ]
    • a
    • Numer inwentarzowy
    • Pc.1610
    • c
    • Sygnatura
    • Pc.14/171
    • d
    • Lokalizacja
    • BM Biblioteka Międzywydziałowa
    • i
    • Nr tomu wydaw.cg
    • Nr 171 (1991)
    • p
    • Kod kreskowy
    • 2003900016100
    • r
    • Cena
    • 0.00
    • y
    • Status udostępniania
    • Tylko na miejscu
952 -Egzemplarz [ , ]
    • a
    • Numer inwentarzowy
    • Hc.265
    • c
    • Sygnatura
    • Hc.11
    • d
    • Lokalizacja
    • BNS Biblioteka Humanistyczna i Nauk Społecznych
    • i
    • Nr tomu wydaw.cg
    • Nr 136 (1988)
    • p
    • Kod kreskowy
    • 2003500002657
    • r
    • Cena
    • 0.00
    • y
    • Status udostępniania
    • Tylko na miejscu
952 -Egzemplarz [ , ]
    • a
    • Numer inwentarzowy
    • Cg.18229
    • c
    • Sygnatura
    • Cg.65 (p.202)
    • d
    • Lokalizacja
    • BG Dział Udostępniania Biblioteka Główna
    • i
    • Nr tomu wydaw.cg
    • Nr 108 (1987)
    • p
    • Kod kreskowy
    • 2003000182293
    • r
    • Cena
    • 0.0
    • w
    • Data inwentaryzacji
    • 1999-03-10
    • y
    • Status udostępniania
    • Tylko na miejscu
952 -Egzemplarz [ , ]
    • a
    • Numer inwentarzowy
    • Rc.354
    • c
    • Sygnatura
    • Pc.14/108
    • d
    • Lokalizacja
    • BM Biblioteka Międzywydziałowa
    • i
    • Nr tomu wydaw.cg
    • Nr 108 (1987)
    • p
    • Kod kreskowy
    • 2004100003549
    • r
    • Cena
    • 0.00
    • v
    • Data wprowadzenia opisu
    • 2009-04-28
    • y
    • Status udostępniania
    • Tylko na miejscu
952 -Egzemplarz [ , ]
    • a
    • Numer inwentarzowy
    • W.175558
    • c
    • Sygnatura
    • W.16418
    • d
    • Lokalizacja
    • BG Dział Udostępniania Biblioteka Główna
    • i
    • Nr tomu wydaw.cg
    • Nr 178 (1991)
    • p
    • Kod kreskowy
    • 2000101755586
    • r
    • Cena
    • 0.00
    • y
    • Status udostępniania
    • miesięczne
952 -Egzemplarz [ , ]
    • a
    • Numer inwentarzowy
    • Cg.23404
    • c
    • Sygnatura
    • Cg.65 (p.202)
    • d
    • Lokalizacja
    • BG Dział Udostępniania Biblioteka Główna
    • i
    • Nr tomu wydaw.cg
    • Nr 178 (1991)
    • p
    • Kod kreskowy
    • 2003000234046
    • r
    • Cena
    • 0.00
    • y
    • Status udostępniania
    • Tylko na miejscu
952 -Egzemplarz [ , ]
    • a
    • Numer inwentarzowy
    • Nc.4997
    • c
    • Sygnatura
    • Nc.1880
    • d
    • Lokalizacja
    • BG Dział Udostępniania Biblioteka Główna
    • i
    • Nr tomu wydaw.cg
    • Nr 124 (1987)
    • p
    • Kod kreskowy
    • 2004400049971
    • r
    • Cena
    • 0.00
    • v
    • Data wprowadzenia opisu
    • 2018-08-10
    • y
    • Status udostępniania
    • Tylko na miejscu
952 -Egzemplarz [ , ]
    • a
    • Numer inwentarzowy
    • Pd.615
    • c
    • Sygnatura
    • Cg.65 (p.202)
    • d
    • Lokalizacja
    • BNS Biblioteka Humanistyczna i Nauk Społecznych
    • i
    • Nr tomu wydaw.cg
    • Nr 91 (1984)
    • p
    • Kod kreskowy
    • 2002200006156
    • r
    • Cena
    • 95.00
    • v
    • Data wprowadzenia opisu
    • 2018-03-02
    • y
    • Status udostępniania
    • Niedostępne
952 -Egzemplarz [ , ]
    • a
    • Numer inwentarzowy
    • SAc.164
    • c
    • Sygnatura
    • SAc.164/87
    • d
    • Lokalizacja
    • BSA Biblioteka Wydziału Prawa i Administracji im. prof. Stanisława Czepity
    • i
    • Nr tomu wydaw.cg
    • Nr 87 (1983)
    • p
    • Kod kreskowy
    • 2004800001647
    • r
    • Cena
    • 84.00
    • v
    • Data wprowadzenia opisu
    • 2018-08-10
    • y
    • Status udostępniania
    • Tylko na miejscu
    • z
    • Sposób nabycia
952 -Egzemplarz [ , ]
    • a
    • Numer inwentarzowy
    • SAc.2104
    • c
    • Sygnatura
    • SAc.164/136
    • d
    • Lokalizacja
    • BSA Biblioteka Wydziału Prawa i Administracji im. prof. Stanisława Czepity
    • i
    • Nr tomu wydaw.cg
    • Nr 136 (1988)
    • p
    • Kod kreskowy
    • 2004800021041
    • r
    • Cena
    • 320.00
    • y
    • Status udostępniania
    • Tylko na miejscu
    • z
    • Sposób nabycia
952 -Egzemplarz [ , ]
    • a
    • Numer inwentarzowy
    • Pd.2401
    • d
    • Lokalizacja
    • BNS Biblioteka Humanistyczna i Nauk Społecznych
    • i
    • Nr tomu wydaw.cg
    • Nr 67 (1979)
    • p
    • Kod kreskowy
    • 2002200024013
    • v
    • Data wprowadzenia opisu
    • 2026-03-12
    • y
    • Status udostępniania
    • Tylko na miejscu
Uwagi dla czytelnika
Stan i możliwości rozwijania nowatorstwa pedagogicznego nauczycieli
Rozwój polskiej terminologii górniczej
Badania nad wdrażaniem uczniów szkół ogólnokształcących do samodzielnego uczenia się
O poziomach i kontroli rozumienia pojęć matematycznych w procesie dydaktycznym
Historia polskiej terminologii szkolnej
Orientacje defensywne
Elementy frazematyki
Wyznaczanie prawdopodobieństw przejść dla niektórych astrofizycznie ważnych atomów i jonów
Pochodne karbazolu z azotowymi grupami funkcyjnymi
Multiplikatory i nakrycia Schura w R4
Migracja trytu w polu Halla w niektórych metalach i układach metal-wodór
Funkcjonowanie systemu fonologicznego w potocznej polszczyźnie mówionej środowiska robotniczego w Kędzierzynie-Koźlu
Łączliwość wieloznacznych rzeczowników o zleksykalizowanej liczbie mnogiej w rosyjsko-polskim aspekcie konfrontatywnym
Model programu produkcji przedsiębiorstwa budowlanego w systemie przetargowym
Wykorzystanie metody GC-MS do doskonalenia wybranych procesów przemysłowej syntezy organicznej
Wykorzystanie metody GC-MS do doskonalenia wybranych procesów przemysłowej syntezy organicznej
Georgian poetry a reconsideration
Georgian poetry a reconsideration
Die deutsche Mundart von Wilamowice zwischen 1920 und 1987
Rola mikro- i makroligandów w tytanowym katalizatorze polimeryzacji etylenu
Rola mikro- i makroligandów w tytanowym katalizatorze polimeryzacji etylenu
Kataliza Zieglera-Natty w polimeryzacji etylenu i [alfa]-olefin
Kataliza Zieglera-Natty w polimeryzacji etylenu i [alfa]-olefin
Wpływ pochodnych estrów glicyny na dynamiczne i strukturalne właściwości błon modelowych
Wpływ pochodnych estrów glicyny na dynamiczne i strukturalne właściwości błon modelowych
Ann Radcliffe's gothic romances and the romantic revival
Ann Radcliffe's gothic romances and the romantic revival
Spółdzielczość inwalidów Śląska Opolskiego na tle spółdzielczości inwalidów w kraju w latach 1949-1985
Rozwój polskiej terminologii chemii nieorganicznej
Rozwój polskiej terminologii chemii nieorganicznej
Jedność materialna świata w świetle wzajemnej przekształcalności cząstek elementarnych
Jedność materialna świata w świetle wzajemnej przekształcalności cząstek elementarnych
Zintegrowany system pracy wychowawczej przedszkola w środowisku
Wzory społeczno-kulturowe młodych robotników a wydajność pracy
Wzory społeczno-kulturowe młodych robotników a wydajność pracy
Kształtowanie się uwarunkowań poziomu życia w Polsce w latach 1975-1986
Rzeczpospolita Polska w latach 1596-1599
Rzeczpospolita Polska w latach 1596-1599
Funkcjonowanie systemu społecznego instytutu naukowo-badawczego
Dzieje myśli pedagogicznej na Śląsku
Nazwa Polski w językowej ocenie
Nazwa Polski w językowej ocenie
Tendencje zmian w strukturze zatrudnienia
Antroponimia południowej Białostocczyzny w XVI wieku
Antroponimia południowej Białostocczyzny w XVI wieku
Wybrane zagadnienia cybernetyki w pedagogice
Humanizacja pracy w przedsiębiorstwie przemysłowym
Początkowy etap nauczania języka rosyjskiego z zagadnień organizacji procesu dydaktycznego
Początkowy etap nauczania języka rosyjskiego z zagadnień organizacji procesu dydaktycznego
Semantyczna strukturalizacja treści jako metoda samodzielnego uczenia się
Wartości zawodowe nauczycieli techniki absolwentów WSP w Opolu
Z problemów czasopiśmiennictwa Młodej Polski
Z problemów czasopiśmiennictwa Młodej Polski
Warszawski i lwowski ośrodek katolickiego religioznawstwa w Polsce międzywojennej
Warszawski i lwowski ośrodek katolickiego religioznawstwa w Polsce międzywojennej
Apolloniosa z Rodos epos o Argonautach
Apolloniosa z Rodos epos o Argonautach
Dysproporcje w rozwoju społeczno-gospodarczym Opolszczyzny na tle kraju w latach 1975-1980
Społeczno-kulturowe środowisko studentów Opola
Proces dydaktyczno-wychowawczy w szkolnictwie przyszpitalnym
Litewska jednota ewangelicko-reformowana od połowy XVII w. do 1939 r.
Litewska jednota ewangelicko-reformowana od połowy XVII w. do 1939 r.
Studenci wobec współczesnej plastyki
Studenci wobec współczesnej plastyki
Narzecza śląskie
Narzecza śląskie
Materiały do słownika etnonimów języka rosyjskiego
Materiały do słownika etnonimów języka rosyjskiego
W kręgu kultury orkanowskiej
W kręgu kultury orkanowskiej
Rozwój placówek kulturalno-oświatowych w środowisku wiejskim woj. opolskiego
Rozwój placówek kulturalno-oświatowych w środowisku wiejskim woj. opolskiego
Osobowość kandydatów na nauczycieli i jej zmiany w trakcie studiów
Studium konfrontatywne łączliwości leksykalnej rosyjskich i polskich leksemów oznaczających kolor
Studium konfrontatywne łączliwości leksykalnej rosyjskich i polskich leksemów oznaczających kolor
Odapelatywne nazwy terenowe południowej Białostocczyzny
Odapelatywne nazwy terenowe południowej Białostocczyzny
Problemy świadomości społeczno-zawodowej maturzystów miasta Opola
Zreformowana edukacja wczesnoszkolna a efektywność czytania
Sejm warszawski 1626 roku
Sejm warszawski 1626 roku
Nazwy roślin w języku rosyjskim
Nazwy roślin w języku rosyjskim
Relacje semantyczno-syntaktyczne temporalnych konstrukcji składniowych w języku rosyjskim i polskim (czas relatywny)
Relacje semantyczno-syntaktyczne temporalnych konstrukcji składniowych w języku rosyjskim i polskim (czas relatywny)
Oksymoron
Oksymoron
Historia polskiej terminologii szkolnej
Systemowa analiza nauki o organizacji i zarządzaniu w Polsce w latach 1963-1976
Skarb koronny za Zygmunta III Wazy
Skarb koronny za Zygmunta III Wazy
Skarb koronny za Zygmunta III Wazy
Postawy moralne
Postawy moralne
Szczęśliwy mariaż literatury z malarstwem
Krótka forma narracyjna w literaturze rosyjskiej początku XX wieku (1905-1917)
Krótka forma narracyjna w literaturze rosyjskiej początku XX wieku (1905-1917)
Krótka forma narracyjna w literaturze rosyjskiej początku XX wieku (1905-1917)
Maria Wysłouchowa
Maria Wysłouchowa
Stanisław Witkiewicz
Stanisław Witkiewicz
Stanisław Witkiewicz
Stanisław Witkiewicz
Zagadnienie etnogenezy Słowian w historiografii polskiej w okresie od średniowiecza do końca XIX stulecia
Zagadnienie etnogenezy Słowian w historiografii polskiej w okresie od średniowiecza do końca XIX stulecia
Rozwój polskiej terminologii motoryzacyjnej
Emigracja z Polski do RFN
Kandydaci do zawodu nauczycielskiego
Koncepcja wychowania i jego wyników
Anizotropia centrów promienistej rekombinacji w związkach AII, BVI
Pozainwestycyjne czynniki sprawcze wydajności pracy
Ironista i marzyciel
Ironista i marzyciel
Binarny system uczenia się
Społeczno-pedagogiczne funkcje internatów szkolnych
Optymalizacja procesu szlifowania stali austenitycznej kwasoodpornej 1H18N9T
Podstawy sterowania wykorzystaniem maszyn i urządzeń w warunkach produkcji seryjnej
Temat śpiącego wojska w folklorze polskim
Temat śpiącego wojska w folklorze polskim
Uwarunkowania nauczycielskich studiow zaocznych
Literatura niemiecka w czasopismach polskich początku XX w. (1901-1914)
Literatura niemiecka w czasopismach polskich początku XX w. (1901-1914)
Literatura niemiecka w czasopismach polskich końca XIX w. (1887-1900)
Literatura niemiecka w czasopismach polskich końca XIX w. (1887-1900)
Szkolnictwo ogólnokształcące dla pracujących na Opolszczyźnie w latach 1945-1975
Koncepcje metafizyki w polskim neotomizmie
Zagadnienia syntagmatyki leksykalnej i semantycznej
Racjonalizacja systemu przepływów towarowych produktów rolno-spożywczych
Racjonalizacja systemu przepływów towarowych produktów rolno-spożywczych
Kierowanie procesem poznawania dzieła literackiego w szkole
Kierowanie procesem poznawania dzieła literackiego w szkole
Kierowanie procesem poznawania dzieła literackiego w szkole
Kierowanie procesem poznawania dzieła literackiego w szkole
Walka chłopów czerwonoruskich z wyzyskiem feudalnych w latach 1600-1648
Walka chłopów czerwonoruskich z wyzyskiem feudalnych w latach 1600-1648
Z badań nad rozwojem polskich deminutywów
Z badań nad rozwojem polskich deminutywów
Śląsk znany, Śląsk nie znany
Wprowadzenie do teorii terminu
Wprowadzenie do teorii terminu
Kształcenie literackie w systemie edukacji początkowej
Kształcenie literackie w systemie edukacji początkowej
Związek Socjalistów Polskich w Ameryce (1900-1914)
Związek Socjalistów Polskich w Ameryce (1900-1914)
Związek Socjalistów Polskich w Ameryce (1900-1914)
Literatura a religia
Literatura a religia
Status kobiety w tunezyjskim systemie obyczajowo-obrzędowym
Badanie zjawisk transportu wodoru i jego izotopów w metalach metodami klasycznymi oraz metodą anihilacji pozytonów
Stosunki służbowe i warunki pracy nauczycieli w Polsce do 1939 r
Michała Pogodina zainteresowania polskie
Michała Pogodina zainteresowania polskie
Michała Pogodina zainteresowania polskie
Złożenia imienne w języku rosyjskim i polskim
Złożenia imienne w języku rosyjskim i polskim
Etyczne problemy adaptacji społeczno-zawodowej nauczycieli
Elektronowy rezonans paramagnetyczny w halogenkach metali alkalicznych zawierających defekty molekularne
"Rządy Ludowe" w Polsce 1918-1919
Czynniki determinujace wydajnośc pracy
Zaburzenia zachowania i trudności szkolne uczniów zahamowanych psychoruchowo
Walka chłopów czerwonoruskich z wyzyskiem feudalnych w latach 1600-1648
Walka chłopów czerwonoruskich z wyzyskiem feudalnych w latach 1600-1648
Rozwój polskiej terminologii górniczej
Zasady i modele samodzielnego uczenia się w teorii i praktyce
Czynniki determinujace wydajnośc pracy
Dydaktyczne wartości intuicji kombinatorycznych uczniów szkoły podstawowej
Uwarunkowania przyrodnicze jako podstawa sporządzania drugiej generacji planów przestrzennego zagospodarowania
Orientalizm Wacława Sieroszewskiego wątki japońskie
Orientalizm Wacława Sieroszewskiego wątki japońskie
Orientalizm Wacława Sieroszewskiego wątki japońskie
Orientalizm Wacława Sieroszewskiego wątki japońskie
Lew Tołstoj a realizm w literaturze rosyjskiej końca XIX i początku XX wieku
Lew Tołstoj a realizm w literaturze rosyjskiej końca XIX i początku XX wieku
Sejm zawiedzionych nadziei
Sejm zawiedzionych nadziei
Rola zróżnicowania typologicznego w funkcjonowaniu jednostki
Rola zróżnicowania typologicznego w funkcjonowaniu jednostki
Rzeczpospolita w ostatnich latach panowania Zygmunta III (1629-1632)
Rzeczpospolita w ostatnich latach panowania Zygmunta III (1629-1632)
Rzeczpospolita w ostatnich latach panowania Zygmunta III (1629-1632)
Rzeczpospolita w ostatnich latach panowania Zygmunta III (1629-1632)
Rosyjska powieść historyczna pierwszego trzydziestolecia XIX wieku
Rosyjska powieść historyczna pierwszego trzydziestolecia XIX wieku
Z badań nad rozwojem polskich deminutywów
Wprowadzenie do teorii terminu
Funkcjonowanie młodych nauczycieli w sytuacjach szkolnych
Funkcjonowanie młodych nauczycieli w sytuacjach szkolnych
Koronacja Władysława IV w roku 1633
Koronacja Władysława IV w roku 1633
Poszukiwanie "nowej Golkondy piękna" i "prastarej mądrości Indii" czyli Pozytywiści polscy wobec kultury Orientu
Poszukiwanie "nowej Golkondy piękna" i "prastarej mądrości Indii" czyli Pozytywiści polscy wobec kultury Orientu
Poszukiwanie "nowej Golkondy piękna" i "prastarej mądrości Indii" czyli Pozytywiści polscy wobec kultury Orientu
Socjologiczne sposoby badania rzeczywistości patologicznej w zakładach pracy
Socjologiczne sposoby badania rzeczywistości patologicznej w zakładach pracy
Socjologiczne sposoby badania rzeczywistości patologicznej w zakładach pracy
Koronacja Władysława IV w roku 1633
Poszukiwanie "nowej Golkondy piękna" i "prastarej mądrości Indii" czyli Pozytywiści polscy wobec kultury Orientu
Adaptacja wyrazów polskich we współczesnym ukraińskim języku literackim
Adaptacja wyrazów polskich we współczesnym ukraińskim języku literackim
Adaptacja wyrazów polskich we współczesnym ukraińskim języku literackim
Środowisko rodzinne nieletniego przestępcy
Środowisko rodzinne nieletniego przestępcy
Sejm z 1618 roku
Sejm z 1618 roku
Sejm z 1618 roku
Partnerstwo rodziców i nauczycieli
Partnerstwo rodziców i nauczycieli
Myśl pedagogiczna i szkoła ludowa Jana Ignacego Felbigera
Myśl pedagogiczna i szkoła ludowa Jana Ignacego Felbigera
Obraz nauczyciela w polskiej mysli pedeutologicznej
Obraz nauczyciela w polskiej mysli pedeutologicznej
Współczesny teatr francuski w Polsce w latach 1945-1970
Współczesny teatr francuski w Polsce w latach 1945-1970
Współczesny teatr francuski w Polsce w latach 1945-1970
Czynniki determinujace wydajnośc pracy
Piękno i poznanie
Piękno i poznanie
Twórczość literacka kobiet w Rosji pierwszej połowy XIX wieku
Twórczość literacka kobiet w Rosji pierwszej połowy XIX wieku
Twórczość literacka kobiet w Rosji pierwszej połowy XIX wieku
Zagadnienie etnogenezy Słowian w historiografii polskiej w okresie od średniowiecza do końca XIX stulecia
Rodzina o sobie
Rodzina o sobie
Konstrukcje miar cech rozmieszczenia zbiorów punktowych z przykładami zastosowań w naukach przyrodniczych i technicznych
Konstrukcje miar cech rozmieszczenia zbiorów punktowych z przykładami zastosowań w naukach przyrodniczych i technicznych
Z wybranych problemów dawnej i współczesnej sztuki opowiadania
Z wybranych problemów dawnej i współczesnej sztuki opowiadania
Z wybranych problemów dawnej i współczesnej sztuki opowiadania
Rola szkolnictwa średniego i wyższego w kształceniu kadr na Śląsku Opolskim
Słowa i brzmienia
Słowa i brzmienia
Stanisław Witkiewicz w "Wędrowcu" Artura Gruszeckiego
Stanisław Witkiewicz w "Wędrowcu" Artura Gruszeckiego
Stanisław Witkiewicz w "Wędrowcu" Artura Gruszeckiego
Rzeczpospolita w ostatnich latach panowania Zygmunta III (1629-1632)
Słowa i brzmienia
Sejm z 1618 roku
Zarys życia i twórczości Eugenii Tur
Zarys życia i twórczości Eugenii Tur
Polska oświata pozaszkolna w rejencji opolskiej w latach 1922-1939
Polska oświata pozaszkolna w rejencji opolskiej w latach 1922-1939
Analiza i synteza sprzęgieł mechanicznych
Kandydaci do zawodu nauczycielskiego
Pozainwestycyjne czynniki sprawcze wydajności pracy / Józef Jagas.
Sejm z 1618 roku / Jan Seredyka.
Historia polskiej terminologii szkolnej